{"text_format":"3","workbook":"xlsx","n_sheets":1,"sheets":["1"],"not_rendered":{"defined_names":2},"read":"whole","date_system":"1900"}

{"sheet":"1","index":0,"n_rows":1295,"n_cols":8,"rows_kept":1295,"merged":[[0,0,0,7],[1294,0,1294,7]]}
["五金建材材料清单控制价"]
["序号","商品名称","品牌","规格/型号","个","数量","单价","金额"]
[{"$f":"ROW()-2","v":1},"铜护套线","梅兴","BVVB  2*1.5㎜²","卷",{"v":1,"d":"1.00"},{"v":250,"d":"250.00"},{"$f":"F3*G3","v":{"v":250,"d":"250.00"}}]
[2,"铜护套线","梅兴","BVVB  2*2.5㎜²","卷",{"v":1,"d":"1.00"},{"v":375,"d":"375.00"},{"v":375,"d":"375.00"}]
[3,"铜护套线","梅兴","BVVB  2*4㎜²","卷",{"v":1,"d":"1.00"},{"v":575,"d":"575.00"},{"v":575,"d":"575.00"}]
[4,"铜单线","梅兴","1.5BV","卷",{"v":1,"d":"1.00"},{"v":123,"d":"123.00"},{"v":123,"d":"123.00"}]
[5,"铜单线","梅兴","2.5BV","卷",{"v":1,"d":"1.00"},{"v":198,"d":"198.00"},{"v":198,"d":"198.00"}]
[6,"铜单线","梅兴","4BV","卷",{"v":1,"d":"1.00"},{"v":317,"d":"317.00"},{"v":317,"d":"317.00"}]
[7,"铜单多股线","梅兴","1.5BVR","卷",{"v":1,"d":"1.00"},{"v":130,"d":"130.00"},{"v":130,"d":"130.00"}]
[8,"铜单多股线","梅兴","2.5BVR","卷",{"v":1,"d":"1.00"},{"v":210,"d":"210.00"},{"v":210,"d":"210.00"}]
[9,"铜单多股线","梅兴","4BVR","卷",{"v":1,"d":"1.00"},{"v":336,"d":"336.00"},{"v":336,"d":"336.00"}]
[10,"铜单多股线","梅兴","6BVR","卷",{"v":1,"d":"1.00"},{"v":502,"d":"502.00"},{"v":502,"d":"502.00"}]
[11,"铝护套线","梅兴","4BLVVB","卷",{"v":1,"d":"1.00"},{"v":118,"d":"118.00"},{"v":118,"d":"118.00"}]
[12,"铝护套线","梅兴","6BLVVB","卷",{"v":1,"d":"1.00"},{"v":156,"d":"156.00"},{"v":156,"d":"156.00"}]
[13,"铝电缆","江河","3*25+1*16","米",{"v":1,"d":"1.00"},{"v":11.6,"d":"11.60"},{"v":11.6,"d":"11.60"}]
[14,"铝电缆","太平洋","3*25+1+16","米",{"v":1,"d":"1.00"},{"v":13.6,"d":"13.60"},{"v":13.6,"d":"13.60"}]
[15,"铝电缆","太平洋","3*16+1+10","米",{"v":1,"d":"1.00"},{"v":8.2,"d":"8.20"},{"v":8.2,"d":"8.20"}]
[16,"电缆线","梅兴","YZ  2*1.5㎜²","卷",{"v":1,"d":"1.00"},{"v":230,"d":"230.00"},{"v":230,"d":"230.00"}]
[17,"电缆线","梅兴","YZ  2*2.5㎜²","卷",{"v":1,"d":"1.00"},{"v":350,"d":"350.00"},{"v":350,"d":"350.00"}]
[18,"电缆线",null,"国标YZ  2*2.5㎜²","卷",{"v":1,"d":"1.00"},{"v":435,"d":"435.00"},{"v":435,"d":"435.00"}]
[19,"电缆线",null,"国标YZ  2*4㎜²","卷",{"v":1,"d":"1.00"},{"v":520,"d":"520.00"},{"v":520,"d":"520.00"}]
[{"$f":"ROW()-2","v":20},"电缆线","梅兴","YZ  3*1.5㎜²","卷",{"v":1,"d":"1.00"},{"v":340,"d":"340.00"},{"$f":"F22*G22","v":{"v":340,"d":"340.00"}}]
[21,"电缆线","梅兴","YZ  3*2.5㎜²","卷",{"v":1,"d":"1.00"},{"v":460,"d":"460.00"},{"v":460,"d":"460.00"}]
[22,"电缆线","梅兴","YZ  3*4㎜²","卷",{"v":1,"d":"1.00"},{"v":1180,"d":"1,180.00"},{"v":1180,"d":"1,180.00"}]
[23,"电缆线","梅兴","YZ  3*6㎜²","卷",{"v":1,"d":"1.00"},{"v":1400,"d":"1,400.00"},{"v":1400,"d":"1,400.00"}]
[24,"电缆线",null,"国标YZ  3*6㎜²","卷",{"v":1,"d":"1.00"},{"v":1480,"d":"1,480.00"},{"v":1480,"d":"1,480.00"}]
[25,"电缆线",null,"国标YZ  5*16㎜²","米",{"v":1,"d":"1.00"},{"v":58,"d":"58.00"},{"v":58,"d":"58.00"}]
[26,"电视线",null,null,"卷",{"v":1,"d":"1.00"},{"v":150,"d":"150.00"},{"v":150,"d":"150.00"}]
[27,"网络线",null,"五类","卷",{"v":1,"d":"1.00"},{"v":460,"d":"460.00"},{"v":460,"d":"460.00"}]
[28,"音响线",null,"500型","卷",{"v":1,"d":"1.00"},{"v":120,"d":"120.00"},{"v":120,"d":"120.00"}]
[29,"放线器",null,"50米","个",{"v":1,"d":"1.00"},{"v":156,"d":"156.00"},{"v":156,"d":"156.00"}]
[30,"接线端子",null,null,"个",{"v":10,"d":"10.00"},{"v":0.5,"d":"0.50"},{"v":5,"d":"5.00"}]
[31,"水晶头",null,null,"个",{"v":1,"d":"1.00"},{"v":0.8,"d":"0.80"},{"v":0.8,"d":"0.80"}]
[32,"PVC管钳",null,null,"把",{"v":1,"d":"1.00"},{"v":26,"d":"26.00"},{"v":26,"d":"26.00"}]
[33,"弯管器",null,{"v":16,"d":"16.00"},"根",{"v":1,"d":"1.00"},{"v":6,"d":"6.00"},{"v":6,"d":"6.00"}]
[34,"弯管器",null,{"v":20,"d":"20.00"},"根",{"v":1,"d":"1.00"},{"v":6,"d":"6.00"},{"v":6,"d":"6.00"}]
[35,"弯管器",null,{"v":25,"d":"25.00"},"根",{"v":1,"d":"1.00"},{"v":8,"d":"8.00"},{"v":8,"d":"8.00"}]
[{"$f":"ROW()-2","v":36},"线管","日丰","16*2.6米","根",{"v":4,"d":"4.00"},{"v":3.5,"d":"3.50"},{"$f":"F38*G38","v":{"v":14,"d":"14.00"}}]
[37,"线管","日丰","20*2.6米","根",{"v":4,"d":"4.00"},{"v":4.3,"d":"4.30"},{"v":17.2,"d":"17.20"}]
[38,"线管","日丰","25*2.6米","根",{"v":4,"d":"4.00"},{"v":6.5,"d":"6.50"},{"v":26,"d":"26.00"}]
[39,"线管","松塑","16*3米中型 ","根",{"v":4,"d":"4.00"},{"v":3,"d":"3.00"},{"v":12,"d":"12.00"}]
[40,"线管","松塑","20*3米中型","根",{"v":4,"d":"4.00"},{"v":4.6,"d":"4.60"},{"v":18.4,"d":"18.40"}]
[41,"线管","松塑","25*3米中型","根",{"v":4,"d":"4.00"},{"v":6.4,"d":"6.40"},{"v":25.6,"d":"25.60"}]
[42,"管卡","松塑",{"v":16,"d":"16.00"},"包",{"v":2,"d":"2.00"},{"v":6,"d":"6.00"},{"v":12,"d":"12.00"}]
[43,"管卡","松塑",{"v":20,"d":"20.00"},"包",{"v":2,"d":"2.00"},{"v":7,"d":"7.00"},{"v":14,"d":"14.00"}]
[44,"管卡","松塑",{"v":25,"d":"25.00"},"包",{"v":2,"d":"2.00"},{"v":10,"d":"10.00"},{"v":20,"d":"20.00"}]
[45,"线槽","松塑","PVC24X14A","根",{"v":2,"d":"2.00"},{"v":4.8,"d":"4.80"},{"v":9.6,"d":"9.60"}]
[46,"线槽","松塑","PVC30X15A","根",{"v":2,"d":"2.00"},{"v":5.8,"d":"5.80"},{"v":11.6,"d":"11.60"}]
[47,"线槽","松塑","PVC39X19A","根",{"v":2,"d":"2.00"},{"v":8.5,"d":"8.50"},{"v":17,"d":"17.00"}]
[48,"线槽","松塑","PVC24X14B","根",{"v":2,"d":"2.00"},{"v":4,"d":"4.00"},{"v":8,"d":"8.00"}]
[49,"线槽","松塑","PVC30X15B","根",{"v":2,"d":"2.00"},{"v":4.8,"d":"4.80"},{"v":9.6,"d":"9.60"}]
[50,"线槽","松塑","PVC39X19B","根",{"v":2,"d":"2.00"},{"v":7.8,"d":"7.80"},{"v":15.6,"d":"15.60"}]
[51,"插座","公牛","无线  A03","个",{"v":2,"d":"2.00"},{"v":13,"d":"13.00"},{"v":26,"d":"26.00"}]
[52,"插座","公牛","无线  618","个",{"v":2,"d":"2.00"},{"v":15,"d":"15.00"},{"v":30,"d":"30.00"}]
[53,"带线插座","劳特","1.5米","个",{"v":2,"d":"2.00"},{"v":22,"d":"22.00"},{"v":44,"d":"44.00"}]
[54,"带线插座","公牛","1.8米  212","个",{"v":2,"d":"2.00"},{"v":30,"d":"30.00"},{"v":60,"d":"60.00"}]
[55,"带线插座","公牛","3米  212","个",{"v":2,"d":"2.00"},{"v":37,"d":"37.00"},{"v":74,"d":"74.00"}]
[56,"带线插座","公牛","1.8米  609","个",{"v":2,"d":"2.00"},{"v":37,"d":"37.00"},{"v":74,"d":"74.00"}]
[57,"带线插座","公牛","3米    609","个",{"v":2,"d":"2.00"},{"v":43,"d":"43.00"},{"v":86,"d":"86.00"}]
[58,"带线插座","公牛","5米    609","个",{"v":2,"d":"2.00"},{"v":55,"d":"55.00"},{"v":110,"d":"110.00"}]
[59,"二插头","公牛","10A","个",{"v":2,"d":"2.00"},{"v":3,"d":"3.00"},{"v":6,"d":"6.00"}]
[60,"三插头","公牛","10A","个",{"v":2,"d":"2.00"},{"v":4.5,"d":"4.50"},{"v":9,"d":"9.00"}]
[61,"三插头","公牛","16A","个",{"v":2,"d":"2.00"},{"v":5.5,"d":"5.50"},{"v":11,"d":"11.00"}]
[62,"二插头","荣万家","10A","个",{"v":2,"d":"2.00"},{"v":1.5,"d":"1.50"},{"v":3,"d":"3.00"}]
[63,"三插头","荣万家","10A","个",{"v":2,"d":"2.00"},{"v":3,"d":"3.00"},{"v":6,"d":"6.00"}]
[64,"一开关双控","捷燕","86型E","个",{"v":2,"d":"2.00"},{"v":6,"d":"6.00"},{"v":12,"d":"12.00"}]
[65,"二开关双控","捷燕","86型E","个",{"v":2,"d":"2.00"},{"v":6.6,"d":"6.60"},{"v":13.2,"d":"13.20"}]
[66,"三开关双控","捷燕","86型E","个",{"v":2,"d":"2.00"},{"v":9.3,"d":"9.30"},{"v":18.6,"d":"18.60"}]
[67,"四开关双控","捷燕","86型E","个",{"v":2,"d":"2.00"},{"v":12,"d":"12.00"},{"v":24,"d":"24.00"}]
[68,"五孔插座","捷燕","86型E","个",{"v":2,"d":"2.00"},{"v":6,"d":"6.00"},{"v":12,"d":"12.00"}]
[69,"七孔插座","捷燕","86型E","个",{"v":2,"d":"2.00"},{"v":6.6,"d":"6.60"},{"v":13.2,"d":"13.20"}]
[70,"一开双控五孔插座","捷燕","86型E","个",{"v":2,"d":"2.00"},{"v":7.2,"d":"7.20"},{"v":14.4,"d":"14.40"}]
[71,"二开双控五孔插座","捷燕","86型E","个",{"v":2,"d":"2.00"},{"v":10,"d":"10.00"},{"v":20,"d":"20.00"}]
[72,"电视插座","捷燕","86型E","个",{"v":2,"d":"2.00"},{"v":5.5,"d":"5.50"},{"v":11,"d":"11.00"}]
[73,"电脑插座","捷燕","86型E","个",{"v":2,"d":"2.00"},{"v":9,"d":"9.00"},{"v":18,"d":"18.00"}]
[74,"调速器","捷燕","86型E","个",{"v":2,"d":"2.00"},{"v":11,"d":"11.00"},{"v":22,"d":"22.00"}]
[75,"空调插座","捷燕","86型E","个",{"v":2,"d":"2.00"},{"v":9,"d":"9.00"},{"v":18,"d":"18.00"}]
[{"$f":"ROW()-2","v":76},"一开关双控","公牛","G07","个",{"v":2,"d":"2.00"},{"v":14,"d":"14.00"},{"$f":"F78*G78","v":{"v":28,"d":"28.00"}}]
[77,"二开关双控","公牛","G07","个",{"v":30,"d":"30.00"},{"v":20.5,"d":"20.50"},{"v":615,"d":"615.00"}]
[78,"三开关双控","公牛","G07","个",{"v":2,"d":"2.00"},{"v":28,"d":"28.00"},{"v":56,"d":"56.00"}]
[79,"四开关双控","公牛","G07","个",{"v":2,"d":"2.00"},{"v":35,"d":"35.00"},{"v":70,"d":"70.00"}]
[80,"五孔插座","公牛","G07","个",{"v":2,"d":"2.00"},{"v":11.8,"d":"11.80"},{"v":23.6,"d":"23.60"}]
[81,"七孔插座","公牛","G07","个",{"v":2,"d":"2.00"},{"v":20,"d":"20.00"},{"v":40,"d":"40.00"}]
[82,"一开双控五孔插座","公牛","G07","个",{"v":10,"d":"10.00"},{"v":25,"d":"25.00"},{"v":250,"d":"250.00"}]
[83,"电视插座","公牛","G07","个",{"v":2,"d":"2.00"},{"v":24,"d":"24.00"},{"v":48,"d":"48.00"}]
[84,"电脑插座","公牛","G07","个",{"v":2,"d":"2.00"},{"v":26,"d":"26.00"},{"v":52,"d":"52.00"}]
[85,"调速器","公牛","G07","个",{"v":2,"d":"2.00"},{"v":50,"d":"50.00"},{"v":100,"d":"100.00"}]
[86,"空调插座","公牛","G07","个",{"v":2,"d":"2.00"},{"v":16.8,"d":"16.80"},{"v":33.6,"d":"33.60"}]
[87,"空白面板","捷燕","86型E","个",{"v":20,"d":"20.00"},{"v":2,"d":"2.00"},{"v":40,"d":"40.00"}]
[88,"电视电脑","捷燕","86型E","个",{"v":2,"d":"2.00"},{"v":12,"d":"12.00"},{"v":24,"d":"24.00"}]
[89,"门禁开关","捷燕","86型E","个",{"v":2,"d":"2.00"},{"v":8,"d":"8.00"},{"v":16,"d":"16.00"}]
[90,"明盒","捷燕","86型","个",{"v":16,"d":"16.00"},{"v":1,"d":"1.00"},{"v":16,"d":"16.00"}]
[91,"五孔插座配明盒","捷燕","86型A16","个",{"v":24,"d":"24.00"},{"v":8,"d":"8.00"},{"v":192,"d":"192.00"}]
[92,"防溅盒",null,"86型","个",{"v":10,"d":"10.00"},{"v":2.3,"d":"2.30"},{"v":23,"d":"23.00"}]
[93,"户外防水插座",null,null,"套",{"v":1,"d":"1.00"},{"v":18,"d":"18.00"},{"v":18,"d":"18.00"}]
[94,"线盒修复器",null,"86型","个",{"v":2,"d":"2.00"},{"v":1,"d":"1.00"},{"v":2,"d":"2.00"}]
[95,"千兆路由器",null,null,"个",{"v":1,"d":"1.00"},{"v":208,"d":"208.00"},{"v":208,"d":"208.00"}]
[96,"键盘",null,null,"个",{"v":1,"d":"1.00"},{"v":48,"d":"48.00"},{"v":48,"d":"48.00"}]
[97,"8路监控专用交换机",null,null,"个",{"v":1,"d":"1.00"},{"v":200,"d":"200.00"},{"v":200,"d":"200.00"}]
[98,"550W无油机电机",null,null,"个",{"v":1,"d":"1.00"},{"v":350,"d":"350.00"},{"v":350,"d":"350.00"}]
[99,"电源适配器",null,null,"个",{"v":1,"d":"1.00"},{"v":35,"d":"35.00"},{"v":35,"d":"35.00"}]
[100,"10KV高压电笔",null,null,"支",{"v":1,"d":"1.00"},{"v":60,"d":"60.00"},{"v":60,"d":"60.00"}]
[101,"12V灯带条",null,null,"条",{"v":1,"d":"1.00"},{"v":12.5,"d":"12.50"},{"v":12.5,"d":"12.50"}]
[{"$f":"ROW()-2","v":102},"大功率灯带插头",null,null,"根",{"v":1,"d":"1.00"},{"v":8,"d":"8.00"},{"v":8,"d":"8.00"}]
[103,"电工刀","威力狮",null,"把",{"v":1,"d":"1.00"},{"v":18,"d":"18.00"},{"v":18,"d":"18.00"}]
[104,"电笔",null,null,"支",{"v":2,"d":"2.00"},{"v":2,"d":"2.00"},{"v":4,"d":"4.00"}]
[105,"数字电笔",null,null,"支",{"v":2,"d":"2.00"},{"v":4,"d":"4.00"},{"v":8,"d":"8.00"}]
[106,"启辉器",null,null,"个",{"v":2,"d":"2.00"},{"v":4,"d":"4.00"},{"v":8,"d":"8.00"}]
[107,"触发器",null,"220V","个",{"v":2,"d":"2.00"},{"v":20,"d":"20.00"},{"v":40,"d":"40.00"}]
[108,"摇表",null,"1000V","个",{"v":2,"d":"2.00"},{"v":200,"d":"200.00"},{"$f":"F110*G110","v":{"v":400,"d":"400.00"}}]
[109,"万用表线",null,null,"付",{"v":2,"d":"2.00"},{"v":5,"d":"5.00"},{"v":10,"d":"10.00"}]
[110,"万用表",null,null,"个",{"v":2,"d":"2.00"},{"v":68,"d":"68.00"},{"v":136,"d":"136.00"}]
[111,"钳形万用表",null,null,"个",{"v":2,"d":"2.00"},{"v":68,"d":"68.00"},{"v":136,"d":"136.00"}]
[112,"三相四线电子表","华一","3X4X1.5(6)A","个",{"v":2,"d":"2.00"},{"v":118,"d":"118.00"},{"v":236,"d":"236.00"}]
[113,"三相四线电子表","天正","3X4X1.5(6)A","个",{"v":7,"d":"7.00"},{"v":208,"d":"208.00"},{"v":1456,"d":"1,456.00"}]
[114,"三相四线电子表","天正","3X4X30（100）A","个",{"v":2,"d":"2.00"},{"v":236,"d":"236.00"},{"v":472,"d":"472.00"}]
[{"$f":"ROW()-2","v":115},"三相四线电子表","正泰","3X4X1.5(6)A","个",{"v":2,"d":"2.00"},{"v":272,"d":"272.00"},{"$f":"F117*G117","v":{"v":544,"d":"544.00"}}]
[116,"三相四线电子表","正泰","3X4X30（100）A","个",{"v":2,"d":"2.00"},{"v":292,"d":"292.00"},{"v":584,"d":"584.00"}]
[117,"空气开关","正泰","NXB-1P 10-32A","个",{"v":2,"d":"2.00"},{"v":7.2,"d":"7.20"},{"v":14.4,"d":"14.40"}]
[118,"空气开关","正泰","NXB-1P 40A","个",{"v":3,"d":"3.00"},{"v":8,"d":"8.00"},{"v":24,"d":"24.00"}]
[119,"空气开关","正泰","NXB-1P 63A","个",{"v":2,"d":"2.00"},{"v":8.5,"d":"8.50"},{"v":17,"d":"17.00"}]
[120,"空气开关","正泰","NXB-2P 10-32A","个",{"v":5,"d":"5.00"},{"v":15,"d":"15.00"},{"v":75,"d":"75.00"}]
[121,"空气开关","正泰","NXB-2P 40A","个",{"v":2,"d":"2.00"},{"v":17,"d":"17.00"},{"v":34,"d":"34.00"}]
[122,"空气开关","正泰","NXB-2P 63A","个",{"v":2,"d":"2.00"},{"v":18,"d":"18.00"},{"v":36,"d":"36.00"}]
[123,"空气开关","正泰","NXB-3P 10-32A","个",{"v":2,"d":"2.00"},{"v":22,"d":"22.00"},{"v":44,"d":"44.00"}]
[124,"空气开关","正泰","NXB-3P 40A","个",{"v":2,"d":"2.00"},{"v":25,"d":"25.00"},{"v":50,"d":"50.00"}]
[125,"空气开关","正泰","NXB-3P 63A","个",{"v":2,"d":"2.00"},{"v":26.5,"d":"26.50"},{"v":53,"d":"53.00"}]
[126,"空气开关","正泰","NXB-4P 10-32A","个",{"v":2,"d":"2.00"},{"v":30,"d":"30.00"},{"v":60,"d":"60.00"}]
[127,"空气开关","正泰","NXB-4P 40A","个",{"v":2,"d":"2.00"},{"v":34.5,"d":"34.50"},{"v":69,"d":"69.00"}]
[128,"空气开关","正泰","NXB-4P 63A","个",{"v":8,"d":"8.00"},{"v":36,"d":"36.00"},{"v":288,"d":"288.00"}]
[129,"空气开关","正泰","NXB-125 1P  100A","个",{"v":2,"d":"2.00"},{"v":21.5,"d":"21.50"},{"v":43,"d":"43.00"}]
[130,"空气开关","正泰","NXB-125 2P  100A","个",{"v":2,"d":"2.00"},{"v":45,"d":"45.00"},{"v":90,"d":"90.00"}]
[131,"空气开关","正泰","NXB-125 3P  100A","个",{"v":2,"d":"2.00"},{"v":62,"d":"62.00"},{"v":124,"d":"124.00"}]
[132,"空气开关","正泰","NXB-125 4P  80A","个",{"v":2,"d":"2.00"},{"v":95,"d":"95.00"},{"v":190,"d":"190.00"}]
[133,"空气开关","正泰","NXB-125 4P  100A","个",{"v":2,"d":"2.00"},{"v":98,"d":"98.00"},{"v":196,"d":"196.00"}]
[134,"漏电空气开关","正泰","NXBLE-1P 10-32A","个",{"v":2,"d":"2.00"},{"v":25,"d":"25.00"},{"v":50,"d":"50.00"}]
[135,"漏电空气开关","正泰","NXBLE-1P 40A","个",{"v":2,"d":"2.00"},{"v":35,"d":"35.00"},{"v":70,"d":"70.00"}]
[136,"漏电空气开关","正泰","NXBLE-1P 63A","个",{"v":2,"d":"2.00"},{"v":37,"d":"37.00"},{"v":74,"d":"74.00"}]
[137,"漏电空气开关","正泰","NXBLE-2P 10-32A","个",{"v":2,"d":"2.00"},{"v":34,"d":"34.00"},{"v":68,"d":"68.00"}]
[138,"漏电空气开关","正泰","NXBLE-2P 40A","个",{"v":6,"d":"6.00"},{"v":44,"d":"44.00"},{"v":264,"d":"264.00"}]
[139,"漏电空气开关","正泰","NXBLE-2P 63A","个",{"v":2,"d":"2.00"},{"v":47,"d":"47.00"},{"v":94,"d":"94.00"}]
[140,"漏电空气开关","正泰","NXBLE-3P 10-32A","个",{"v":2,"d":"2.00"},{"v":52,"d":"52.00"},{"v":104,"d":"104.00"}]
[141,"漏电空气开关","正泰","NXBLE-3P 40A","个",{"v":4,"d":"4.00"},{"v":59,"d":"59.00"},{"v":236,"d":"236.00"}]
[142,"漏电空气开关","正泰","NXBLE-3P 63A","个",{"v":2,"d":"2.00"},{"v":63,"d":"63.00"},{"v":126,"d":"126.00"}]
[143,"漏电空气开关","正泰","NXBLE-4P 10-32A","个",{"v":2,"d":"2.00"},{"v":60,"d":"60.00"},{"v":120,"d":"120.00"}]
[144,"漏电空气开关","正泰","NXBLE-4P 40A","个",{"v":2,"d":"2.00"},{"v":77,"d":"77.00"},{"v":154,"d":"154.00"}]
[145,"漏电空气开关","正泰","NXBLE-4P 63A","个",{"v":2,"d":"2.00"},{"v":82,"d":"82.00"},{"v":164,"d":"164.00"}]
[146,"交流接触器",null,"CJ19-63/21","个",{"v":1,"d":"1.00"},{"v":175,"d":"175.00"},{"v":175,"d":"175.00"}]
[147,"交流接触器","正泰","CJX2-3210","个",{"v":2,"d":"2.00"},{"v":89,"d":"89.00"},{"v":178,"d":"178.00"}]
[148,"交流接触器","正泰","NXC-32","个",{"v":2,"d":"2.00"},{"v":75,"d":"75.00"},{"v":150,"d":"150.00"}]
[149,"电流互感器","正泰","30型 150/5A 0.5级 (多电流比）","个",{"v":2,"d":"2.00"},{"v":34,"d":"34.00"},{"v":68,"d":"68.00"}]
[150,"电流互感器","正泰","30型 200/5A 0.5级 (多电流比）","个",{"v":2,"d":"2.00"},{"v":33,"d":"33.00"},{"v":66,"d":"66.00"}]
[151,"电流互感器","正泰","30型 250/5A 0.5级","个",{"v":2,"d":"2.00"},{"v":33,"d":"33.00"},{"v":66,"d":"66.00"}]
[152,"电流互感器","正泰","30型 300/5A 0.5级","个",{"v":2,"d":"2.00"},{"v":33,"d":"33.00"},{"v":66,"d":"66.00"}]
[153,"电流互感器","正泰","50型 400/5A 0.5级","个",{"v":2,"d":"2.00"},{"v":35,"d":"35.00"},{"$f":"F155*G155","v":{"v":70,"d":"70.00"}}]
[154,"电流互感器","正泰","50型 500/5A 0.5级","个",{"v":2,"d":"2.00"},{"v":35,"d":"35.00"},{"v":70,"d":"70.00"}]
[155,"电流互感器","正泰","50型 600/5A 0.5级","个",{"v":2,"d":"2.00"},{"v":36,"d":"36.00"},{"v":72,"d":"72.00"}]
[156,"电流互感器","天正","50型 400/5A 0.2级","个",{"v":2,"d":"2.00"},{"v":68,"d":"68.00"},{"v":136,"d":"136.00"}]
[157,"空气开关","天正","NXB-1P 10-32A","个",{"v":2,"d":"2.00"},{"v":6.8,"d":"6.80"},{"v":13.6,"d":"13.60"}]
[158,"空气开关","天正","NXB-1P 40A","个",{"v":2,"d":"2.00"},{"v":7.5,"d":"7.50"},{"v":15,"d":"15.00"}]
[159,"空气开关","天正","NXB-1P 63A","个",{"v":2,"d":"2.00"},{"v":8,"d":"8.00"},{"v":16,"d":"16.00"}]
[160,"空气开关","天正","NXB-2P 10-32A","个",{"v":2,"d":"2.00"},{"v":14,"d":"14.00"},{"v":28,"d":"28.00"}]
[161,"空气开关","天正","NXB-2P 40A","个",{"v":2,"d":"2.00"},{"v":16,"d":"16.00"},{"v":32,"d":"32.00"}]
[162,"空气开关","天正","NXB-2P 63A","个",{"v":2,"d":"2.00"},{"v":17,"d":"17.00"},{"v":34,"d":"34.00"}]
[163,"空气开关","天正","NXB-3P 10-32A","个",{"v":2,"d":"2.00"},{"v":20,"d":"20.00"},{"v":40,"d":"40.00"}]
[164,"空气开关","天正","NXB-3P 40A","个",{"v":2,"d":"2.00"},{"v":23,"d":"23.00"},{"v":46,"d":"46.00"}]
[165,"空气开关","天正","NXB-3P 63A","个",{"v":2,"d":"2.00"},{"v":25,"d":"25.00"},{"v":50,"d":"50.00"}]
[166,"空气开关","天正","NXB-4P 10-32A","个",{"v":2,"d":"2.00"},{"v":28,"d":"28.00"},{"v":56,"d":"56.00"}]
[167,"空气开关","天正","NXB-4P 40A","个",{"v":2,"d":"2.00"},{"v":32,"d":"32.00"},{"v":64,"d":"64.00"}]
[168,"空气开关","天正","NXB-4P 63A","个",{"v":2,"d":"2.00"},{"v":33,"d":"33.00"},{"v":66,"d":"66.00"}]
[169,"空气开关","天正","NXB-125 1P  100A","个",{"v":2,"d":"2.00"},{"v":18,"d":"18.00"},{"v":36,"d":"36.00"}]
[170,"空气开关","天正","NXB-125 2P  100A","个",{"v":2,"d":"2.00"},{"v":37,"d":"37.00"},{"v":74,"d":"74.00"}]
[171,"空气开关","天正","NXB-125 3P  100A","个",{"v":2,"d":"2.00"},{"v":55,"d":"55.00"},{"v":110,"d":"110.00"}]
[172,"空气开关","天正","NXB-125 4P  80A","个",{"v":2,"d":"2.00"},{"v":75,"d":"75.00"},{"v":150,"d":"150.00"}]
[173,"空气开关","天正","NXB-125 4P  100A","个",{"v":2,"d":"2.00"},{"v":75,"d":"75.00"},{"v":150,"d":"150.00"}]
[174,"漏电空气开关","天正","NXBLE-1P 10-32A","个",{"v":2,"d":"2.00"},{"v":20,"d":"20.00"},{"v":40,"d":"40.00"}]
[175,"漏电空气开关","天正","NXBLE-1P 40A","个",{"v":2,"d":"2.00"},{"v":28,"d":"28.00"},{"v":56,"d":"56.00"}]
[176,"漏电空气开关","天正","NXBLE-1P 63A","个",{"v":2,"d":"2.00"},{"v":31,"d":"31.00"},{"v":62,"d":"62.00"}]
[177,"漏电空气开关","天正","NXBLE-2P 10-32A","个",{"v":2,"d":"2.00"},{"v":28,"d":"28.00"},{"v":56,"d":"56.00"}]
[178,"漏电空气开关","天正","NXBLE-2P 40A","个",{"v":2,"d":"2.00"},{"v":33,"d":"33.00"},{"$f":"F180*G180","v":{"v":66,"d":"66.00"}}]
[{"$f":"ROW()-2","v":179},"漏电空气开关","天正","NXBLE-2P 63A","个",{"v":2,"d":"2.00"},{"v":37,"d":"37.00"},{"v":74,"d":"74.00"}]
[{"$f":"ROW()-2","v":180},"漏电空气开关","天正","NXBLE-3P 10-32A","个",{"v":2,"d":"2.00"},{"v":38,"d":"38.00"},{"v":76,"d":"76.00"}]
[{"$f":"ROW()-2","v":181},"漏电空气开关","天正","NXBLE-3P 40A","个",{"v":2,"d":"2.00"},{"v":44,"d":"44.00"},{"v":88,"d":"88.00"}]
[{"$f":"ROW()-2","v":182},"漏电空气开关","天正","NXBLE-3P 63A","个",{"v":2,"d":"2.00"},{"v":46,"d":"46.00"},{"v":92,"d":"92.00"}]
[{"$f":"ROW()-2","v":183},"380V100A塑壳空气开关",null,null,"个",{"v":1,"d":"1.00"},{"v":105,"d":"105.00"},{"v":105,"d":"105.00"}]
[184,"380V200A塑壳空气开关",null,null,"个",{"v":1,"d":"1.00"},{"v":220,"d":"220.00"},{"v":220,"d":"220.00"}]
[{"$f":"ROW()-2","v":185},"380V630A塑壳空气开关",null,null,"个",{"v":1,"d":"1.00"},{"v":550,"d":"550.00"},{"v":550,"d":"550.00"}]
[186,"交流接触器","天正","CJX2-3210","个",{"v":2,"d":"2.00"},{"v":63,"d":"63.00"},{"v":126,"d":"126.00"}]
[187,"交流接触器","天正","NXC-32","个",{"v":2,"d":"2.00"},{"v":63,"d":"63.00"},{"v":126,"d":"126.00"}]
[188,"电流互感器","天正","500/5A","个",{"v":2,"d":"2.00"},{"v":32,"d":"32.00"},{"v":64,"d":"64.00"}]
[189,"电流互感器","天正","200/5A","个",{"v":2,"d":"2.00"},{"v":30,"d":"30.00"},{"v":60,"d":"60.00"}]
[190,"电流互感器","天正","150/5A","个",{"v":2,"d":"2.00"},{"v":31,"d":"31.00"},{"v":62,"d":"62.00"}]
[{"$f":"ROW()-2","v":191},"开关电源",null,"5V350W","个",{"v":1,"d":"1.00"},{"v":150,"d":"150.00"},{"$f":"F193*G193","v":{"v":150,"d":"150.00"}}]
[192,"开关电源",null,"12V350W","个",{"v":1,"d":"1.00"},{"v":150,"d":"150.00"},{"v":150,"d":"150.00"}]
[193,"开关电源",null,"24V350W","个",{"v":1,"d":"1.00"},{"v":155,"d":"155.00"},{"v":155,"d":"155.00"}]
[194,"指示灯（正泰）",null,"正泰","个",{"v":1,"d":"1.00"},{"v":4.5,"d":"4.50"},{"v":4.5,"d":"4.50"}]
[195,"旋钮开关（正泰）",null,null,"个",{"v":1,"d":"1.00"},{"v":8.5,"d":"8.50"},{"v":8.5,"d":"8.50"}]
[196,"信号灯（正泰）",null,"ND16-22DS/4 AC 380V 红 正泰","个",{"v":1,"d":"1.00"},{"v":5.5,"d":"5.50"},{"v":5.5,"d":"5.50"}]
[197,"光电开关",null,"EK51-R6M4","个",{"v":1,"d":"1.00"},{"v":200,"d":"200.00"},{"v":200,"d":"200.00"}]
[198,"光电开关",null,"E3JK-DR12","个",{"v":1,"d":"1.00"},{"v":95,"d":"95.00"},{"v":95,"d":"95.00"}]
[199,"按钮（正泰）",null,"NP4-11ZS/1 红  正泰","个",{"v":1,"d":"1.00"},{"v":11,"d":"11.00"},{"v":11,"d":"11.00"}]
[200,"按钮（正泰）",null,"NP4-11X/21 红  正泰","个",{"v":1,"d":"1.00"},{"v":8,"d":"8.00"},{"v":8,"d":"8.00"}]
[201,"按钮（正泰）",null,"NP4-11X/31 红  正泰","个",{"v":1,"d":"1.00"},{"v":8,"d":"8.00"},{"v":8,"d":"8.00"}]
[202,"限位开关（正泰）",null,"（正泰）","个",{"v":1,"d":"1.00"},{"v":4.5,"d":"4.50"},{"v":4.5,"d":"4.50"}]
[203,"塑壳空气开关",null,"380V","个",{"v":1,"d":"1.00"},{"v":158,"d":"158.00"},{"v":158,"d":"158.00"}]
[204,"压力变送器","正熔",null,"个",{"v":2,"d":"2.00"},{"v":195,"d":"195.00"},{"v":390,"d":"390.00"}]
[205,"高分断能力高压熔断器",null,null,"个",{"v":1,"d":"1.00"},{"v":39,"d":"39.00"},{"v":39,"d":"39.00"}]
[206,"15A  保险管","正熔",null,"个",{"v":2,"d":"2.00"},0.18,0.36]
[207,"投光灯",null,"200W","个",{"v":1,"d":"1.00"},{"v":118,"d":"118.00"},{"v":118,"d":"118.00"}]
[208,"平顶灯",null,"30*30","个",{"v":2,"d":"2.00"},{"v":28,"d":"28.00"},{"v":56,"d":"56.00"}]
[209,"平顶灯",null,"60*60","个",{"v":2,"d":"2.00"},{"v":48,"d":"48.00"},{"v":96,"d":"96.00"}]
[210,"灭蚊灯",null,null,"个",{"v":2,"d":"2.00"},{"v":48,"d":"48.00"},{"v":96,"d":"96.00"}]
[211,"手电筒",null,null,"个",{"v":2,"d":"2.00"},{"v":13,"d":"13.00"},{"v":26,"d":"26.00"}]
[212,"手电筒",null,"大","个",{"v":2,"d":"2.00"},{"v":22,"d":"22.00"},{"v":44,"d":"44.00"}]
[{"$f":"ROW()-2","v":213},"取暖器",null,null,"台",{"v":2,"d":"2.00"},{"v":75,"d":"75.00"},{"$f":"F215*G215","v":{"v":150,"d":"150.00"}}]
[214,"气动电磁阀",null,null,"个",{"v":2,"d":"2.00"},{"v":48,"d":"48.00"},{"v":96,"d":"96.00"}]
[215,"中间继电器","天正",null,"套",{"v":2,"d":"2.00"},{"v":15,"d":"15.00"},{"v":30,"d":"30.00"}]
[{"$f":"ROW()-2","v":216},"继电器（正泰）","个","KG316T-D AC220V","个",{"v":1,"d":"1.00"},{"v":55,"d":"55.00"},{"$f":"F218*G218","v":{"v":55,"d":"55.00"}}]
[217,"继电器（正泰）","个","NR2-25/Z 17-25A","个",{"v":1,"d":"1.00"},{"v":35,"d":"35.00"},{"v":35,"d":"35.00"}]
[218,"继电器（正泰）","个","JR36-20 20-32A","个",{"v":1,"d":"1.00"},{"v":18,"d":"18.00"},{"v":18,"d":"18.00"}]
[219,"继电器（正泰）","个","JR36-63 40-63A","个",{"v":1,"d":"1.00"},{"v":33,"d":"33.00"},{"v":33,"d":"33.00"}]
[220,"继电器（正泰）","个","JR36-160 100-160A","个",{"v":1,"d":"1.00"},{"v":65,"d":"65.00"},{"v":65,"d":"65.00"}]
[221,"继电器（正泰）","个","JRS1-09-25/Z 18-25A","个",{"v":1,"d":"1.00"},{"v":23,"d":"23.00"},{"v":23,"d":"23.00"}]
[222,"继电器（正泰）","个","NR2-36/Z 28-36A","个",{"v":1,"d":"1.00"},{"v":55,"d":"55.00"},{"v":55,"d":"55.00"}]
[223,"热过载继电器（正泰）","个","JRS2-63/F","个",{"v":1,"d":"1.00"},{"v":35,"d":"35.00"},{"v":35,"d":"35.00"}]
[224,"继电器（正泰）","个","JZC1-22 380V 接触式继电器","个",{"v":1,"d":"1.00"},{"v":30,"d":"30.00"},{"v":30,"d":"30.00"}]
[225,"继电器（正泰）","个","JZC1-31 380V 接触式继电器","个",{"v":1,"d":"1.00"},{"v":33,"d":"33.00"},{"v":33,"d":"33.00"}]
[{"$f":"ROW()-2","v":226},"继电器（正泰）","个","JZC1-44 380V 接触式继电器","个",{"v":1,"d":"1.00"},{"v":38,"d":"38.00"},{"v":38,"d":"38.00"}]
[227,"继电器（正泰）","个","JZC4-22 380V","个",{"v":1,"d":"1.00"},{"v":30,"d":"30.00"},{"v":30,"d":"30.00"}]
[228,"继电器（正泰）","个","JZC4-31 380V","个",{"v":1,"d":"1.00"},{"v":30,"d":"30.00"},{"v":30,"d":"30.00"}]
[229,"继电器（正泰）","个","JZC4-40 380V","个",{"v":1,"d":"1.00"},{"v":30,"d":"30.00"},{"v":30,"d":"30.00"}]
[230,"继电器（正泰）","个","JSZ3A-A AC380V","个",{"v":1,"d":"1.00"},{"v":36,"d":"36.00"},{"v":36,"d":"36.00"}]
[231,"继电器（正泰）","个","JSZ3A-B AC380V","个",{"v":1,"d":"1.00"},{"v":36,"d":"36.00"},{"v":36,"d":"36.00"}]
[232,"继电器（正泰）","个","JS14P 99s AC380V","个",{"v":1,"d":"1.00"},{"v":50,"d":"50.00"},{"v":50,"d":"50.00"}]
[233,"继电器（正泰）","个","JS14S 99s AC380V","个",{"v":1,"d":"1.00"},{"v":70,"d":"70.00"},{"v":70,"d":"70.00"}]
[234,"继电器（正泰）","个","XJ3-D AC380V","个",{"v":1,"d":"1.00"},{"v":71,"d":"71.00"},{"v":71,"d":"71.00"}]
[235,"继电器（正泰）","个","XJ3-G AC380V","个",{"v":1,"d":"1.00"},{"v":33,"d":"33.00"},{"v":33,"d":"33.00"}]
[236,"继电器（正泰）","个","JYB-714B AC380V","个",{"v":1,"d":"1.00"},{"v":25,"d":"25.00"},{"v":25,"d":"25.00"}]
[237,"微电脑时控开关","合一",null,"个",{"v":2,"d":"2.00"},{"v":58,"d":"58.00"},{"v":116,"d":"116.00"}]
[238,"自愈式低压电容器","天正","BSMJ0.45-30-3(400v)","个",{"v":2,"d":"2.00"},{"v":205,"d":"205.00"},{"v":410,"d":"410.00"}]
[239,"熔断芯","正熔","2-32A","个",{"v":2,"d":"2.00"},{"v":1,"d":"1.00"},{"$f":"F241*G241","v":{"v":2,"d":"2.00"}}]
[240,"熔断芯","正熔","63A","个",{"v":2,"d":"2.00"},{"v":2,"d":"2.00"},{"v":4,"d":"4.00"}]
[241,"电洛铁",null,"30W","把",{"v":2,"d":"2.00"},{"v":12,"d":"12.00"},{"v":24,"d":"24.00"}]
[242,"焊锡丝",null,null,"卷",{"v":2,"d":"2.00"},{"v":11,"d":"11.00"},{"v":22,"d":"22.00"}]
[243,"焊锡膏",null,null,"盒",{"v":2,"d":"2.00"},{"v":3,"d":"3.00"},{"v":6,"d":"6.00"}]
[244,"不锈钢户外配电箱",null,"400*300*170","个",{"v":1,"d":"1.00"},{"v":68,"d":"68.00"},{"v":68,"d":"68.00"}]
[245,"不锈钢户外配电箱",null,"250*300*170","个",{"v":1,"d":"1.00"},{"v":55,"d":"55.00"},{"v":55,"d":"55.00"}]
[246,"不锈钢户外配电箱","五星","1000X800x250","个",{"v":2,"d":"2.00"},{"v":560,"d":"560.00"},{"v":1120,"d":"1,120.00"}]
[247,"PZ30-6明装空开盒","宾讯",null,"个",{"v":2,"d":"2.00"},{"v":15,"d":"15.00"},{"v":30,"d":"30.00"}]
[248,"4户空开盒","宾讯",null,"个",{"v":2,"d":"2.00"},{"v":10,"d":"10.00"},{"v":20,"d":"20.00"}]
[249,"6户空开盒","宾讯",null,"个",{"v":2,"d":"2.00"},{"v":15,"d":"15.00"},{"v":30,"d":"30.00"}]
[250,"12户空开盒","宾讯",null,"个",{"v":2,"d":"2.00"},{"v":25,"d":"25.00"},{"v":50,"d":"50.00"}]
[251,"8-13户空开盒","宾讯",null,"个",{"v":2,"d":"2.00"},{"v":25,"d":"25.00"},{"v":50,"d":"50.00"}]
[252,"10-15户空开盒","宾讯",null,"个",{"v":2,"d":"2.00"},{"v":30,"d":"30.00"},{"v":60,"d":"60.00"}]
[253,"20户空开盒","宾讯",null,"个",{"v":1,"d":"1.00"},{"v":32,"d":"32.00"},{"v":32,"d":"32.00"}]
[254,"尼龙扎带","联普","3*150mm","包",{"v":2,"d":"2.00"},{"v":10,"d":"10.00"},{"v":20,"d":"20.00"}]
[255,"尼龙扎带","联普","4*200mm","包",{"v":2,"d":"2.00"},{"v":12,"d":"12.00"},{"v":24,"d":"24.00"}]
[256,"尼龙扎带","联普","5*250mm","包",{"v":2,"d":"2.00"},{"v":12,"d":"12.00"},{"v":24,"d":"24.00"}]
[257,"尼龙扎带","联普","5*300mm","包",{"v":2,"d":"2.00"},{"v":12,"d":"12.00"},{"v":24,"d":"24.00"}]
[258,"尼龙扎带","联普","8*300mm","包",{"v":2,"d":"2.00"},{"v":15,"d":"15.00"},{"v":30,"d":"30.00"}]
[259,"尼龙扎带","联普","8*400mm","包",{"v":2,"d":"2.00"},{"v":20,"d":"20.00"},{"v":40,"d":"40.00"}]
[260,"尼龙扎带","联普","10*400mm","包",{"v":2,"d":"2.00"},{"v":25,"d":"25.00"},{"v":50,"d":"50.00"}]
[261,"电线夹子",null,null,"个",{"v":2,"d":"2.00"},{"v":0.5,"d":"0.50"},{"v":1,"d":"1.00"}]
[262,"波纹管",null,{"v":16,"d":"16.00"},"卷",{"v":1,"d":"1.00"},{"v":15,"d":"15.00"},{"v":15,"d":"15.00"}]
[{"$f":"ROW()-2","v":263},"阻燃波纹管",null,{"v":32,"d":"32.00"},"卷",{"v":2,"d":"2.00"},{"v":62,"d":"62.00"},{"$f":"F265*G265","v":{"v":124,"d":"124.00"}}]
[264,"阻燃波纹管",null,{"v":25,"d":"25.00"},"卷",{"v":2,"d":"2.00"},{"v":62,"d":"62.00"},{"v":124,"d":"124.00"}]
[265,"电胶布","九头鸟",null,"卷",{"v":2,"d":"2.00"},{"v":2.5,"d":"2.50"},{"v":5,"d":"5.00"}]
[266,"高压自粘胶布","九头鸟",null,"卷",{"v":2,"d":"2.00"},{"v":4.5,"d":"4.50"},{"v":9,"d":"9.00"}]
[267,"铜鼻子","家源","10㎜²","个",{"v":2,"d":"2.00"},{"v":2.2,"d":"2.20"},{"v":4.4,"d":"4.40"}]
[268,"铜鼻子","家源","16㎜²","个",{"v":2,"d":"2.00"},{"v":2.8,"d":"2.80"},{"v":5.6,"d":"5.60"}]
[269,"铜鼻子","家源","25㎜²","个",{"v":2,"d":"2.00"},{"v":3.2,"d":"3.20"},{"v":6.4,"d":"6.40"}]
[270,"铜鼻子","家源","35㎜²","个",{"v":2,"d":"2.00"},{"v":4,"d":"4.00"},{"$f":"F272*G272","v":{"v":8,"d":"8.00"}}]
[271,"铜鼻子","家源","50㎜²","个",{"v":2,"d":"2.00"},{"v":5.5,"d":"5.50"},{"v":11,"d":"11.00"}]
[272,"铜鼻子","家源","75㎜²","个",{"v":2,"d":"2.00"},{"v":8,"d":"8.00"},{"v":16,"d":"16.00"}]
[273,"铜鼻子","家源","125㎜²","个",{"v":2,"d":"2.00"},{"v":9,"d":"9.00"},{"v":18,"d":"18.00"}]
[274,"铜鼻子","家源","150㎜²","个",{"v":2,"d":"2.00"},{"v":15,"d":"15.00"},{"v":30,"d":"30.00"}]
[275,"铜铝鼻","家源","10㎜²","个",{"v":2,"d":"2.00"},{"v":1.2,"d":"1.20"},{"v":2.4,"d":"2.40"}]
[276,"铜铝鼻","家源","16㎜²","个",{"v":2,"d":"2.00"},{"v":1.3,"d":"1.30"},{"v":2.6,"d":"2.60"}]
[277,"铜铝鼻","家源","25㎜²","个",{"v":2,"d":"2.00"},{"v":1.5,"d":"1.50"},{"v":3,"d":"3.00"}]
[278,"铜铝鼻","家源","35㎜²","个",{"v":2,"d":"2.00"},{"v":2,"d":"2.00"},{"v":4,"d":"4.00"}]
[279,"铜铝鼻","家源","50㎜²","个",{"v":2,"d":"2.00"},{"v":2.5,"d":"2.50"},{"v":5,"d":"5.00"}]
[280,"铝管","家源","10㎜²","个",{"v":2,"d":"2.00"},{"v":0.7,"d":"0.70"},{"v":1.4,"d":"1.40"}]
[281,"铝管","家源","16㎜²","个",{"v":2,"d":"2.00"},{"v":0.8,"d":"0.80"},{"v":1.6,"d":"1.60"}]
[282,"铝管","家源","25㎜²","个",{"v":2,"d":"2.00"},{"v":0.9,"d":"0.90"},{"v":1.8,"d":"1.80"}]
[283,"铝管","家源","35㎜²","个",{"v":2,"d":"2.00"},{"v":1,"d":"1.00"},{"v":2,"d":"2.00"}]
[284,"铝管","家源","50㎜²","个",{"v":2,"d":"2.00"},{"v":1.2,"d":"1.20"},{"v":2.4,"d":"2.40"}]
[285,"铝管","家源","70㎜²","个",{"v":2,"d":"2.00"},{"v":1.4,"d":"1.40"},{"v":2.8,"d":"2.80"}]
[286,"铝管","家源","95㎜²","个",{"v":2,"d":"2.00"},{"v":2.5,"d":"2.50"},{"v":5,"d":"5.00"}]
[287,"铝管","家源","185㎜²","个",{"v":2,"d":"2.00"},{"v":3.5,"d":"3.50"},{"v":7,"d":"7.00"}]
[288,"铜管","家源","10mm²","个",{"v":2,"d":"2.00"},{"v":2,"d":"2.00"},{"v":4,"d":"4.00"}]
[289,"铜管","家源","16mm²","个",{"v":2,"d":"2.00"},{"v":2.5,"d":"2.50"},{"v":5,"d":"5.00"}]
[290,"不锈钢电焊条",null,"3.2  2公斤/包","kg",{"v":1,"d":"1.00"},{"v":33.8,"d":"33.80"},{"v":33.8,"d":"33.80"}]
[291,"308生铁电焊条",null,null,"kg",{"v":1,"d":"1.00"},{"v":220,"d":"220.00"},{"v":220,"d":"220.00"}]
[292,"电焊条","大桥","φ3.2","kg",{"v":2,"d":"2.00"},{"v":8.4,"d":"8.40"},{"v":16.8,"d":"16.80"}]
[293,"电焊条","大桥","φ2.5","kg",{"v":2,"d":"2.00"},{"v":8.8,"d":"8.80"},{"v":17.6,"d":"17.60"}]
[294,"电工手套",null,"长","双",{"v":1,"d":"1.00"},{"v":10,"d":"10.00"},{"v":10,"d":"10.00"}]
[295,"电工手套",null,"短","双",{"v":1,"d":"1.00"},{"v":5,"d":"5.00"},{"v":5,"d":"5.00"}]
[{"$f":"ROW()-2","v":296},"扎丝","鸿德","22#","斤",{"v":2,"d":"2.00"},{"v":4.2,"d":"4.20"},{"$f":"F298*G298","v":{"v":8.4,"d":"8.40"}}]
[297,"元钉","元立","2-6寸","斤",{"v":2,"d":"2.00"},{"v":3.5,"d":"3.50"},{"v":7,"d":"7.00"}]
[298,"铁丝","元立","8-16#","斤",{"v":2,"d":"2.00"},{"v":3.8,"d":"3.80"},{"v":7.6,"d":"7.60"}]
[299,"钢钉","樱花","1-4寸 500g/盒","盒",{"v":2,"d":"2.00"},{"v":6.5,"d":"6.50"},{"v":13,"d":"13.00"}]
[300,"钢钉","剑龙赐","1-4寸  400g/盒","盒",{"v":2,"d":"2.00"},{"v":5,"d":"5.00"},{"v":10,"d":"10.00"}]
[301,"枪钉","雪龙剑","T50","盒",{"v":2,"d":"2.00"},{"v":6,"d":"6.00"},{"v":12,"d":"12.00"}]
[302,"枪钉","雪龙剑","F30","盒",{"v":2,"d":"2.00"},{"v":5,"d":"5.00"},{"v":10,"d":"10.00"}]
[303,"枪钉","雪龙剑","F25","盒",{"v":2,"d":"2.00"},{"v":4.5,"d":"4.50"},{"v":9,"d":"9.00"}]
[304,"枪钉","雪龙剑","F20","盒",{"v":2,"d":"2.00"},{"v":4,"d":"4.00"},{"v":8,"d":"8.00"}]
[305,"枪钉","雪龙剑","F15","盒",{"v":2,"d":"2.00"},{"v":3,"d":"3.00"},{"v":6,"d":"6.00"}]
[306,"钢排钉","雪龙剑","ST57","盒",{"v":2,"d":"2.00"},{"v":8,"d":"8.00"},{"v":16,"d":"16.00"}]
[307,"钢排钉","雪龙剑","ST50","盒",{"v":2,"d":"2.00"},{"v":7,"d":"7.00"},{"v":14,"d":"14.00"}]
[308,"钢排钉","雪龙剑","ST38","盒",{"v":2,"d":"2.00"},{"v":6,"d":"6.00"},{"v":12,"d":"12.00"}]
[309,"钢排钉","雪龙剑","ST45","盒",{"v":2,"d":"2.00"},{"v":5,"d":"5.00"},{"v":10,"d":"10.00"}]
[310,"钢排钉","雪龙剑","ST32","盒",{"v":2,"d":"2.00"},{"v":4,"d":"4.00"},{"v":8,"d":"8.00"}]
[311,"码钉","雪龙剑",{"v":1008,"d":"1,008.00"},"盒",{"v":2,"d":"2.00"},{"v":5,"d":"5.00"},{"v":10,"d":"10.00"}]
[312,"电锤尖凿","芙蓉王",null,"根",{"v":2,"d":"2.00"},{"v":5,"d":"5.00"},{"v":10,"d":"10.00"}]
[313,"电锤钻头","辰阳","φ14-16","根",{"v":2,"d":"2.00"},{"v":10,"d":"10.00"},{"v":20,"d":"20.00"}]
[314,"加长电锤钻头","辰阳","φ10-16","根",{"v":2,"d":"2.00"},{"v":18,"d":"18.00"},{"v":36,"d":"36.00"}]
[315,"电锤钻头","芙蓉王","φ6-12*150","根",{"v":2,"d":"2.00"},{"v":6,"d":"6.00"},{"v":12,"d":"12.00"}]
[316,"电锤钻头","芙蓉王","φ14-16","根",{"v":2,"d":"2.00"},{"v":7,"d":"7.00"},{"v":14,"d":"14.00"}]
[317,"电锤钻头","芙蓉王","12x200","根",{"v":2,"d":"2.00"},{"v":7,"d":"7.00"},{"v":14,"d":"14.00"}]
[318,"电锤钻头","芙蓉王","14x200","根",{"v":2,"d":"2.00"},{"v":8,"d":"8.00"},{"v":16,"d":"16.00"}]
[319,"电锤钻头","芙蓉王","12*600","根",{"v":2,"d":"2.00"},{"v":20,"d":"20.00"},{"v":40,"d":"40.00"}]
[320,"加长电锤钻头","芙蓉王","φ10-16","根",{"v":2,"d":"2.00"},{"v":15,"d":"15.00"},{"v":30,"d":"30.00"}]
[321,"加长电锤钻头","辰阳","28X350","根",{"v":2,"d":"2.00"},{"v":25,"d":"25.00"},{"v":50,"d":"50.00"}]
[322,"电镐六角钻头","辰阳","17X250","根",{"v":2,"d":"2.00"},{"v":6,"d":"6.00"},{"v":12,"d":"12.00"}]
[323,"电镐六角钻头","辰阳","17X400","根",{"v":2,"d":"2.00"},{"v":12,"d":"12.00"},{"v":24,"d":"24.00"}]
[324,"电锤铲子","辰阳","尖、扁","根",{"v":2,"d":"2.00"},{"v":6,"d":"6.00"},{"v":12,"d":"12.00"}]
[325,"麻花钻头","辰阳","φ3.2","根",{"v":2,"d":"2.00"},{"v":1.2,"d":"1.20"},{"v":2.4,"d":"2.40"}]
[326,"麻花钻头","辰阳","φ4.2","根",{"v":2,"d":"2.00"},{"v":1.5,"d":"1.50"},{"v":3,"d":"3.00"}]
[327,"麻花钻头","辰阳","φ5.2","根",{"v":2,"d":"2.00"},{"v":2,"d":"2.00"},{"v":4,"d":"4.00"}]
[328,"麻花钻头","辰阳","φ6","根",{"v":2,"d":"2.00"},{"v":3,"d":"3.00"},{"v":6,"d":"6.00"}]
[329,"麻花钻头","辰阳","φ8","根",{"v":2,"d":"2.00"},{"v":5,"d":"5.00"},{"v":10,"d":"10.00"}]
[330,"麻花钻头","辰阳","φ10","根",{"v":2,"d":"2.00"},{"v":7,"d":"7.00"},{"v":14,"d":"14.00"}]
[331,"麻花钻头","辰阳","φ12","根",{"v":2,"d":"2.00"},{"v":8,"d":"8.00"},{"v":16,"d":"16.00"}]
[332,"麻花钻头","芙蓉王","φ3.2","根",{"v":2,"d":"2.00"},{"v":0.9,"d":"0.90"},{"v":1.8,"d":"1.80"}]
[333,"麻花钻头","芙蓉王","φ4.2","根",{"v":2,"d":"2.00"},{"v":1.2,"d":"1.20"},{"v":2.4,"d":"2.40"}]
[334,"麻花钻头","芙蓉王","φ5.2","根",{"v":2,"d":"2.00"},{"v":1.5,"d":"1.50"},{"v":3,"d":"3.00"}]
[335,"麻花钻头","芙蓉王","φ6","根",{"v":2,"d":"2.00"},{"v":2.6,"d":"2.60"},{"v":5.2,"d":"5.20"}]
[336,"麻花钻头","芙蓉王","φ8","根",{"v":2,"d":"2.00"},{"v":4,"d":"4.00"},{"v":8,"d":"8.00"}]
[337,"麻花钻头","芙蓉王","φ10","根",{"v":2,"d":"2.00"},{"v":5,"d":"5.00"},{"v":10,"d":"10.00"}]
[338,"麻花钻头","芙蓉王","φ12","根",{"v":2,"d":"2.00"},{"v":6,"d":"6.00"},{"v":12,"d":"12.00"}]
[339,"瓷砖钻头","万仁","φ6","根",{"v":2,"d":"2.00"},{"v":2.8,"d":"2.80"},{"v":5.6,"d":"5.60"}]
[340,"瓷砖钻头","万仁","φ8","根",{"v":2,"d":"2.00"},{"v":3.8,"d":"3.80"},{"v":7.6,"d":"7.60"}]
[341,"不锈钢钻头",null,{"v":4,"d":"4.00"},"根",{"v":1,"d":"1.00"},{"v":2.5,"d":"2.50"},{"v":2.5,"d":"2.50"}]
[342,"不锈钢钻头",null,{"v":6,"d":"6.00"},"根",{"v":1,"d":"1.00"},{"v":5,"d":"5.00"},{"v":5,"d":"5.00"}]
[343,"宝塔钻头",null,"M32","个",{"v":1,"d":"1.00"},{"v":33,"d":"33.00"},{"v":33,"d":"33.00"}]
[344,"电焊钳","大象","800A","把",{"v":2,"d":"2.00"},{"v":22,"d":"22.00"},{"v":44,"d":"44.00"}]
[345,"电焊钳","大象","600A","把",{"v":2,"d":"2.00"},{"v":18,"d":"18.00"},{"v":36,"d":"36.00"}]
[346,"护目镜",null,null,"付",{"v":2,"d":"2.00"},{"v":3.5,"d":"3.50"},{"v":7,"d":"7.00"}]
[347,"砂轮切割片",null,{"v":400,"d":"400.00"},"片",{"v":2,"d":"2.00"},{"v":10,"d":"10.00"},{"v":20,"d":"20.00"}]
[348,"金钢切割片","闽江","φ110","片",{"v":2,"d":"2.00"},{"v":15,"d":"15.00"},{"v":30,"d":"30.00"}]
[349,"切割片","科利","φ110","片",{"v":2,"d":"2.00"},{"v":1,"d":"1.00"},{"v":2,"d":"2.00"}]
[350,"110混泥土切割片",null,"φ110","片",{"v":2,"d":"2.00"},{"v":20,"d":"20.00"},{"v":40,"d":"40.00"}]
[351,"110木工切割片",null,"φ110","片",{"v":2,"d":"2.00"},{"v":9.5,"d":"9.50"},{"v":19,"d":"19.00"}]
[352,"百叶打磨片",null,"φ110","片",{"v":2,"d":"2.00"},{"v":2,"d":"2.00"},{"v":4,"d":"4.00"}]
[353,"钢丝轮",null,null,"个",{"v":1,"d":"1.00"},{"v":2,"d":"2.00"},{"v":2,"d":"2.00"}]
[354,"剥线钳",null,null,"把",{"v":1,"d":"1.00"},{"v":12,"d":"12.00"},{"v":12,"d":"12.00"}]
[355,"剥线钳","压线",null,"把",{"v":1,"d":"1.00"},{"v":16,"d":"16.00"},{"$f":"F357*G357","v":{"v":16,"d":"16.00"}}]
[356,"剥线钳","自动",null,"把",{"v":1,"d":"1.00"},{"v":18,"d":"18.00"},{"v":18,"d":"18.00"}]
[357,"网络钳",null,null,"把",{"v":1,"d":"1.00"},{"v":20,"d":"20.00"},{"v":20,"d":"20.00"}]
[358,"水泵钳",null,"12寸","把",{"v":2,"d":"2.00"},{"v":28,"d":"28.00"},{"v":56,"d":"56.00"}]
[359,"水泵钳",null,"10寸","把",{"v":2,"d":"2.00"},{"v":27,"d":"27.00"},{"v":54,"d":"54.00"}]
[{"$f":"ROW()-2","v":360},"钢丝钳","上威","φ110","把",{"v":2,"d":"2.00"},{"v":10,"d":"10.00"},{"v":20,"d":"20.00"}]
[{"$f":"ROW()-2","v":361},"尖嘴钳","上威","6寸","把",{"v":2,"d":"2.00"},{"v":8,"d":"8.00"},{"v":16,"d":"16.00"}]
[{"$f":"ROW()-2","v":362},"斜口钳","上威","6寸","把",{"v":2,"d":"2.00"},{"v":10,"d":"10.00"},{"v":20,"d":"20.00"}]
[{"$f":"ROW()-2","v":363},"钢丝钳","奥邦","8寸","把",{"v":2,"d":"2.00"},{"v":14,"d":"14.00"},{"v":28,"d":"28.00"}]
[{"$f":"ROW()-2","v":364},"尖嘴钳","奥邦","6寸","把",{"v":2,"d":"2.00"},{"v":11,"d":"11.00"},{"v":22,"d":"22.00"}]
[{"$f":"ROW()-2","v":365},"活动扳手","劳一动","8寸","把",{"v":2,"d":"2.00"},{"v":12,"d":"12.00"},{"$f":"F367*G367","v":{"v":24,"d":"24.00"}}]
[366,"活动扳手","劳一动","10寸","把",{"v":2,"d":"2.00"},{"v":15,"d":"15.00"},{"v":30,"d":"30.00"}]
[367,"活动扳手","劳一动","12寸","把",{"v":2,"d":"2.00"},{"v":18,"d":"18.00"},{"v":36,"d":"36.00"}]
[368,"活动扳手","东工","6寸","把",{"v":2,"d":"2.00"},{"v":14,"d":"14.00"},{"v":28,"d":"28.00"}]
[369,"活动扳手","东工","8寸","把",{"v":2,"d":"2.00"},{"v":18,"d":"18.00"},{"v":36,"d":"36.00"}]
[370,"活动扳手","东工","10寸","把",{"v":2,"d":"2.00"},{"v":21,"d":"21.00"},{"v":42,"d":"42.00"}]
[371,"活动扳手","东工","12寸","把",{"v":2,"d":"2.00"},{"v":27,"d":"27.00"},{"v":54,"d":"54.00"}]
[372,"活动扳手","东工","15寸","把",{"v":2,"d":"2.00"},{"v":63,"d":"63.00"},{"v":126,"d":"126.00"}]
[373,"活动扳手","东工","18寸","把",{"v":2,"d":"2.00"},{"v":110,"d":"110.00"},{"v":220,"d":"220.00"}]
[374,"管子钳","建新","10寸","把",{"v":2,"d":"2.00"},{"v":18,"d":"18.00"},{"v":36,"d":"36.00"}]
[375,"管子钳","建新","14寸","把",{"v":2,"d":"2.00"},{"v":25,"d":"25.00"},{"v":50,"d":"50.00"}]
[376,"管子钳","建新","16寸","把",{"v":2,"d":"2.00"},{"v":34,"d":"34.00"},{"v":68,"d":"68.00"}]
[377,"管子钳","建新","24寸","把",{"v":2,"d":"2.00"},{"v":40,"d":"40.00"},{"v":80,"d":"80.00"}]
[378,"管子钳","东工","8寸","把",{"v":2,"d":"2.00"},{"v":16,"d":"16.00"},{"v":32,"d":"32.00"}]
[379,"管子钳","东工","10寸","把",{"v":2,"d":"2.00"},{"v":20,"d":"20.00"},{"v":40,"d":"40.00"}]
[380,"管子钳","东工","12寸","把",{"v":2,"d":"2.00"},{"v":27,"d":"27.00"},{"v":54,"d":"54.00"}]
[381,"管子钳","东工","14寸","把",{"v":2,"d":"2.00"},{"v":29,"d":"29.00"},{"v":58,"d":"58.00"}]
[382,"管子钳","东工","16寸","把",{"v":2,"d":"2.00"},{"v":39,"d":"39.00"},{"v":78,"d":"78.00"}]
[383,"管子钳","东工","24寸","把",{"v":2,"d":"2.00"},{"v":56,"d":"56.00"},{"v":112,"d":"112.00"}]
[384,"羊角锤","乔斯",{"v":0.5,"d":"0.50"},"把",{"v":2,"d":"2.00"},{"v":10,"d":"10.00"},{"v":20,"d":"20.00"}]
[385,"羊角锤","东工",{"v":0.5,"d":"0.50"},"把",{"v":2,"d":"2.00"},{"v":12,"d":"12.00"},{"v":24,"d":"24.00"}]
[386,"八角锤","乔斯","3P","把",{"v":2,"d":"2.00"},{"v":14,"d":"14.00"},{"v":28,"d":"28.00"}]
[387,"八角锤","乔斯","4P ","把",{"v":2,"d":"2.00"},{"v":15,"d":"15.00"},{"v":30,"d":"30.00"}]
[388,"八角锤","乔斯","6P ","把",{"v":2,"d":"2.00"},{"v":18,"d":"18.00"},{"v":36,"d":"36.00"}]
[389,"八角锤","东工","2P","把",{"v":2,"d":"2.00"},{"v":14,"d":"14.00"},{"v":28,"d":"28.00"}]
[390,"八角锤","东工","3P","把",{"v":2,"d":"2.00"},{"v":18,"d":"18.00"},{"v":36,"d":"36.00"}]
[391,"八角锤","东工","4P","把",{"v":2,"d":"2.00"},{"v":20,"d":"20.00"},{"v":40,"d":"40.00"}]
[392,"八角锤","东工","8P","把",{"v":2,"d":"2.00"},{"v":37,"d":"37.00"},{"v":74,"d":"74.00"}]
[393,"工具包","梅花",null,"个",{"v":2,"d":"2.00"},{"v":10,"d":"10.00"},{"v":20,"d":"20.00"}]
[394,"工具包",null,"大号","个",{"v":2,"d":"2.00"},{"v":13,"d":"13.00"},{"v":26,"d":"26.00"}]
[395,"工具箱",null,"塑料","个",{"v":2,"d":"2.00"},{"v":35,"d":"35.00"},{"v":70,"d":"70.00"}]
[396,"撬棍","星源","1.5米","根",{"v":2,"d":"2.00"},{"v":25,"d":"25.00"},{"v":50,"d":"50.00"}]
[397,"撬棍","星源","1.5米粗","根",{"v":2,"d":"2.00"},{"v":35,"d":"35.00"},{"v":70,"d":"70.00"}]
[398,"六角撬棍",null,"1.5米","根",{"v":2,"d":"2.00"},{"v":35,"d":"35.00"},{"v":70,"d":"70.00"}]
[399,"泥工撬棍 ",null,"1.8米  ","根",{"v":2,"d":"2.00"},{"v":56,"d":"56.00"},{"v":112,"d":"112.00"}]
[400,"台虎钳",null,"8寸","个",{"v":1,"d":"1.00"},{"v":360,"d":"360.00"},{"v":360,"d":"360.00"}]
[401,"水泵扳手","易克","12寸","把",{"v":2,"d":"2.00"},{"v":28,"d":"28.00"},{"v":56,"d":"56.00"}]
[402,"錾子","星源",null,"根",{"v":2,"d":"2.00"},{"v":5,"d":"5.00"},{"v":10,"d":"10.00"}]
[403,"电锤凿子",null,null,"根",{"v":2,"d":"2.00"},{"v":5,"d":"5.00"},{"v":10,"d":"10.00"}]
[404,"灰匙",null,null,"个",{"v":2,"d":"2.00"},{"v":5,"d":"5.00"},{"v":10,"d":"10.00"}]
[405,"砖刀",null,null,"把",{"v":2,"d":"2.00"},{"v":10,"d":"10.00"},{"v":20,"d":"20.00"}]
[406,"泥抹子","叶老三",null,"个",{"v":2,"d":"2.00"},{"v":4,"d":"4.00"},{"v":8,"d":"8.00"}]
[407,"泥抹子",null,"大","个",{"v":2,"d":"2.00"},{"v":5,"d":"5.00"},{"v":10,"d":"10.00"}]
[{"$f":"ROW()-2","v":408},"铁锹","星源","尖、扁","把",{"v":2,"d":"2.00"},{"v":15,"d":"15.00"},{"$f":"F410*G410","v":{"v":30,"d":"30.00"}}]
[409,"锹把","梅花",null,"根",{"v":2,"d":"2.00"},{"v":6,"d":"6.00"},{"v":12,"d":"12.00"}]
[410,"挖树锹",null,null,"套",{"v":2,"d":"2.00"},{"v":45,"d":"45.00"},{"v":90,"d":"90.00"}]
[411,"工兵铲",null,null,"把",{"v":2,"d":"2.00"},{"v":18,"d":"18.00"},{"v":36,"d":"36.00"}]
[412,"洋镐带柄",null,null,"套",{"v":2,"d":"2.00"},{"v":25,"d":"25.00"},{"v":50,"d":"50.00"}]
[413,"钢锯架","荷花",null,"把",{"v":2,"d":"2.00"},{"v":10,"d":"10.00"},{"v":20,"d":"20.00"}]
[414,"钢锯条","钢花","粗、细","根",{"v":2,"d":"2.00"},0.55,{"v":1.1,"d":"1.10"}]
[415,"手板锯",null,null,"把",{"v":2,"d":"2.00"},{"v":10,"d":"10.00"},{"v":20,"d":"20.00"}]
[416,"液压钳",null,{"v":240,"d":"240.00"},"把",{"v":2,"d":"2.00"},{"v":190,"d":"190.00"},{"v":380,"d":"380.00"}]
[417,"液压剪",null,null,"把",{"v":2,"d":"2.00"},{"v":248,"d":"248.00"},{"v":496,"d":"496.00"}]
[418,"千斤顶","启工","8T","个",{"v":2,"d":"2.00"},{"v":91,"d":"91.00"},{"v":182,"d":"182.00"}]
[419,"风批头",null,null,"根",{"v":2,"d":"2.00"},{"v":2,"d":"2.00"},{"v":4,"d":"4.00"}]
[420,"风批头",null,null,"根",{"v":2,"d":"2.00"},{"v":2,"d":"2.00"},{"v":4,"d":"4.00"}]
[421,"橡皮锤",null,"750g","把",{"v":2,"d":"2.00"},{"v":8,"d":"8.00"},{"v":16,"d":"16.00"}]
[422,"橡皮锤",null,"1000g","把",{"v":2,"d":"2.00"},{"v":10,"d":"10.00"},{"v":20,"d":"20.00"}]
[423,"泥刀",null,null,"把",{"v":2,"d":"2.00"},{"v":8,"d":"8.00"},{"v":16,"d":"16.00"}]
[424,"泥桶 （小号）",null,null,"个",{"v":2,"d":"2.00"},{"v":4.5,"d":"4.50"},{"v":9,"d":"9.00"}]
[425,"泥桶（中号）",null,null,"个",{"v":2,"d":"2.00"},{"v":6,"d":"6.00"},{"v":12,"d":"12.00"}]
[426,"泥桶（大号）",null,null,"个",{"v":2,"d":"2.00"},{"v":7,"d":"7.00"},{"v":14,"d":"14.00"}]
[427,"沙筛子",null,null,"个",{"v":2,"d":"2.00"},{"v":10,"d":"10.00"},{"v":20,"d":"20.00"}]
[428,"3米卷尺","黑豹",null,"把",{"v":2,"d":"2.00"},{"v":5,"d":"5.00"},{"v":10,"d":"10.00"}]
[429,"5米卷尺","黑豹",null,"把",{"v":2,"d":"2.00"},{"v":8,"d":"8.00"},{"v":16,"d":"16.00"}]
[430,"60 水平尺",null,null,"把",{"v":2,"d":"2.00"},{"v":18,"d":"18.00"},{"v":36,"d":"36.00"}]
[431,"呆扳手","上工","14-17","把",{"v":2,"d":"2.00"},{"v":5,"d":"5.00"},{"v":10,"d":"10.00"}]
[432,"呆扳手","上工","17-19","把",{"v":2,"d":"2.00"},{"v":7,"d":"7.00"},{"v":14,"d":"14.00"}]
[433,"呆扳手","上工","19-22","把",{"v":2,"d":"2.00"},{"v":9,"d":"9.00"},{"v":18,"d":"18.00"}]
[434,"呆扳手","上工","24-27","把",{"v":2,"d":"2.00"},{"v":11,"d":"11.00"},{"v":22,"d":"22.00"}]
[435,"呆扳手","东工","14-17","把",{"v":2,"d":"2.00"},{"v":6,"d":"6.00"},{"v":12,"d":"12.00"}]
[436,"呆扳手","东工","17-19","把",{"v":2,"d":"2.00"},{"v":8,"d":"8.00"},{"v":16,"d":"16.00"}]
[437,"呆扳手","东工","19-22","把",{"v":2,"d":"2.00"},{"v":10,"d":"10.00"},{"v":20,"d":"20.00"}]
[438,"呆扳手","东工","24-27","把",{"v":2,"d":"2.00"},{"v":15,"d":"15.00"},{"v":30,"d":"30.00"}]
[439,"呆扳手",null,"8件套","套",{"v":1,"d":"1.00"},{"v":38,"d":"38.00"},{"v":38,"d":"38.00"}]
[440,"呆扳手",null,"10件套","套",{"v":1,"d":"1.00"},{"v":65,"d":"65.00"},{"v":65,"d":"65.00"}]
[441,"梅花扳手","上工","14-17","把",{"v":2,"d":"2.00"},{"v":6,"d":"6.00"},{"v":12,"d":"12.00"}]
[442,"梅花扳手","上工","17-19","把",{"v":2,"d":"2.00"},{"v":8,"d":"8.00"},{"v":16,"d":"16.00"}]
[443,"梅花扳手","上工","19-22","把",{"v":2,"d":"2.00"},{"v":10,"d":"10.00"},{"v":20,"d":"20.00"}]
[444,"梅花扳手","上工","24-27","把",{"v":2,"d":"2.00"},{"v":14,"d":"14.00"},{"v":28,"d":"28.00"}]
[445,"梅花扳手","东工","14-17","把",{"v":2,"d":"2.00"},{"v":8,"d":"8.00"},{"v":16,"d":"16.00"}]
[446,"梅花扳手","东工","17-19","把",{"v":2,"d":"2.00"},{"v":11,"d":"11.00"},{"v":22,"d":"22.00"}]
[447,"梅花扳手","东工","19-22","把",{"v":2,"d":"2.00"},{"v":15,"d":"15.00"},{"v":30,"d":"30.00"}]
[448,"梅花扳手","东工","24-27","把",{"v":2,"d":"2.00"},{"v":20,"d":"20.00"},{"v":40,"d":"40.00"}]
[449,"梅花扳手",null,"8件套","套",{"v":1,"d":"1.00"},{"v":56,"d":"56.00"},{"v":56,"d":"56.00"}]
[450,"梅花扳手",null,"10件套","套",{"v":1,"d":"1.00"},{"v":95,"d":"95.00"},{"v":95,"d":"95.00"}]
[{"$f":"ROW()-2","v":451},"标准内六角",null,"1.5","把",{"v":1,"d":"1.00"},0.35,{"$f":"F453*G453","v":0.35}]
[452,"标准内六角",null,"2","把",{"v":1,"d":"1.00"},0.35,0.35]
[453,"标准内六角",null,"2.5","把",{"v":1,"d":"1.00"},0.35,0.35]
[454,"标准内六角",null,"3","把",{"v":1,"d":"1.00"},0.35,0.35]
[455,"标准内六角",null,"4","把",{"v":1,"d":"1.00"},0.35,0.35]
[456,"标准内六角",null,"5","把",{"v":1,"d":"1.00"},{"v":0.5,"d":"0.50"},{"v":0.5,"d":"0.50"}]
[457,"标准内六角",null,"6","把",{"v":1,"d":"1.00"},{"v":0.6,"d":"0.60"},{"v":0.6,"d":"0.60"}]
[458,"标准内六角",null,"8","把",{"v":1,"d":"1.00"},{"v":1.5,"d":"1.50"},{"v":1.5,"d":"1.50"}]
[459,"标准内六角",null,"10","把",{"v":1,"d":"1.00"},{"v":2,"d":"2.00"},{"v":2,"d":"2.00"}]
[460,"标准内六角",null,"12","把",{"v":1,"d":"1.00"},{"v":3,"d":"3.00"},{"v":3,"d":"3.00"}]
[{"$f":"ROW()-2","v":461},"标准内六角",null,"14","把",{"v":1,"d":"1.00"},{"v":5,"d":"5.00"},{"v":5,"d":"5.00"}]
[462,"标准内六角",null,"16","把",{"v":1,"d":"1.00"},{"v":10,"d":"10.00"},{"v":10,"d":"10.00"}]
[463,"标准内六角",null,"17","把",{"v":1,"d":"1.00"},{"v":10,"d":"10.00"},{"v":10,"d":"10.00"}]
[464,"标准内六角",null,"18","把",{"v":1,"d":"1.00"},{"v":11,"d":"11.00"},{"v":11,"d":"11.00"}]
[465,"标准内六角",null,"19","把",{"v":1,"d":"1.00"},{"v":12,"d":"12.00"},{"v":12,"d":"12.00"}]
[466,"标准内六角",null,"22","把",{"v":1,"d":"1.00"},{"v":26,"d":"26.00"},{"v":26,"d":"26.00"}]
[467,"标准内六角",null,"24","把",{"v":1,"d":"1.00"},{"v":30,"d":"30.00"},{"v":30,"d":"30.00"}]
[468,"标准内六角",null,"27","把",{"v":1,"d":"1.00"},{"v":45,"d":"45.00"},{"v":45,"d":"45.00"}]
[469,"标准内六角",null,"30","把",{"v":1,"d":"1.00"},{"v":60,"d":"60.00"},{"v":60,"d":"60.00"}]
[470,"标准内六角",null,"32","把",{"v":1,"d":"1.00"},{"v":65,"d":"65.00"},{"v":65,"d":"65.00"}]
[{"$f":"ROW()-2","v":471},"标准内六角",null,"34","把",{"v":1,"d":"1.00"},{"v":80,"d":"80.00"},{"v":80,"d":"80.00"}]
[472,"标准内六角",null,"36","把",{"v":1,"d":"1.00"},{"v":85,"d":"85.00"},{"v":85,"d":"85.00"}]
[473,"内六角扳手",null,"9件套  短","把",{"v":1,"d":"1.00"},{"v":10,"d":"10.00"},{"v":10,"d":"10.00"}]
[474,"内六角扳手",null,"9件套  长","把",{"v":1,"d":"1.00"},{"v":18,"d":"18.00"},{"v":18,"d":"18.00"}]
[475,"T型内六角",null,"2.5","把",{"v":1,"d":"1.00"},{"v":4.5,"d":"4.50"},{"v":4.5,"d":"4.50"}]
[476,"T型内六角",null,"3","把",{"v":1,"d":"1.00"},{"v":4.5,"d":"4.50"},{"v":4.5,"d":"4.50"}]
[477,"T型内六角",null,"4","把",{"v":1,"d":"1.00"},{"v":5.5,"d":"5.50"},{"v":5.5,"d":"5.50"}]
[478,"T型内六角",null,"5","把",{"v":1,"d":"1.00"},{"v":5.5,"d":"5.50"},{"v":5.5,"d":"5.50"}]
[479,"T型内六角",null,"6","把",{"v":1,"d":"1.00"},{"v":6.5,"d":"6.50"},{"v":6.5,"d":"6.50"}]
[480,"T型内六角",null,"8","把",{"v":1,"d":"1.00"},{"v":7.5,"d":"7.50"},{"v":7.5,"d":"7.50"}]
[{"$f":"ROW()-2","v":481},"T型内六角",null,"10","把",{"v":1,"d":"1.00"},{"v":11.5,"d":"11.50"},{"v":11.5,"d":"11.50"}]
[482,"T型内六角",null,"12","把",{"v":1,"d":"1.00"},{"v":16,"d":"16.00"},{"v":16,"d":"16.00"}]
[483,"三叉套筒",null,"8-9-10","把",{"v":1,"d":"1.00"},{"v":7,"d":"7.00"},{"v":7,"d":"7.00"}]
[484,"三叉套筒",null,"8-10-12","把",{"v":1,"d":"1.00"},{"v":7,"d":"7.00"},{"v":7,"d":"7.00"}]
[485,"三叉套筒",null,"10-12-14","把",{"v":1,"d":"1.00"},{"v":8,"d":"8.00"},{"v":8,"d":"8.00"}]
[486,"三叉套筒",null,"12-14-17","把",{"v":1,"d":"1.00"},{"v":10,"d":"10.00"},{"v":10,"d":"10.00"}]
[487,"三叉套筒",null,"13-16-18","把",{"v":1,"d":"1.00"},{"v":11,"d":"11.00"},{"v":11,"d":"11.00"}]
[488,"三叉套筒",null,"14-17-19","把",{"v":1,"d":"1.00"},{"v":11,"d":"11.00"},{"v":11,"d":"11.00"}]
[489,"套筒扳手",null,"32件","套",{"v":2,"d":"2.00"},{"v":140,"d":"140.00"},{"v":280,"d":"280.00"}]
[490,"套筒扳手",null,"32件","套",{"v":2,"d":"2.00"},{"v":160,"d":"160.00"},{"v":320,"d":"320.00"}]
[491,"冷补胎片",null,null,"盒",{"v":2,"d":"2.00"},{"v":5,"d":"5.00"},{"v":10,"d":"10.00"}]
[492,"瓷砖推刀",null,null,"套",{"v":1,"d":"1.00"},{"v":256,"d":"256.00"},{"v":256,"d":"256.00"}]
[493,"铁链  ",null,"φ6","米",{"v":10,"d":"10.00"},{"v":3.2,"d":"3.20"},{"v":32,"d":"32.00"}]
[494,"铁链  ",null,"1米/条","根",{"v":2,"d":"2.00"},{"v":5,"d":"5.00"},{"v":10,"d":"10.00"}]
[495,"铁链  ",null,"2米/条","根",{"v":2,"d":"2.00"},{"v":10,"d":"10.00"},{"v":20,"d":"20.00"}]
[496,"砍柴刀",null,null,"把",{"v":2,"d":"2.00"},{"v":15,"d":"15.00"},{"v":30,"d":"30.00"}]
[497,"铲刀",null,null,"把",{"v":1,"d":"1.00"},{"v":6,"d":"6.00"},{"v":6,"d":"6.00"}]
[{"$f":"ROW()-2","v":498},"纸刀",null,null,"把",{"v":2,"d":"2.00"},{"v":3,"d":"3.00"},{"$f":"F500*G500","v":{"v":6,"d":"6.00"}}]
[499,"纸刀","日钢",null,"把",{"v":2,"d":"2.00"},{"v":5,"d":"5.00"},{"v":10,"d":"10.00"}]
[500,"纸刀片",null,null,"盒",{"v":2,"d":"2.00"},{"v":3.5,"d":"3.50"},{"v":7,"d":"7.00"}]
[501,"螺丝刀",null,"4寸","把",{"v":2,"d":"2.00"},{"v":4.5,"d":"4.50"},{"v":9,"d":"9.00"}]
[502,"螺丝刀",null,"5寸","把",{"v":2,"d":"2.00"},{"v":5,"d":"5.00"},{"v":10,"d":"10.00"}]
[503,"螺丝刀",null,"6寸","把",{"v":2,"d":"2.00"},{"v":5.5,"d":"5.50"},{"v":11,"d":"11.00"}]
[504,"23件套装工具",null,null,"套",{"v":1,"d":"1.00"},{"v":128,"d":"128.00"},{"v":128,"d":"128.00"}]
[505,"黄油枪管及嘴",null,null,"个",{"v":2,"d":"2.00"},{"v":5,"d":"5.00"},{"v":10,"d":"10.00"}]
[506,"消防闸阀",null,{"v":65,"d":"65.00"},"个",{"v":2,"d":"2.00"},{"v":43,"d":"43.00"},{"v":86,"d":"86.00"}]
[507,"消防扳手",null,null,"把",{"v":1,"d":"1.00"},{"v":18,"d":"18.00"},{"v":18,"d":"18.00"}]
[508,"磁性消防扳手",null,null,"把",{"v":2,"d":"2.00"},{"v":155,"d":"155.00"},{"v":310,"d":"310.00"}]
[509,"铁门圆合页",null,null,"付",{"v":2,"d":"2.00"},{"v":15,"d":"15.00"},{"$f":"F511*G511","v":{"v":30,"d":"30.00"}}]
[510,"合页",null,null,"付",{"v":2,"d":"2.00"},{"v":5,"d":"5.00"},{"v":10,"d":"10.00"}]
[511,"不锈钢门栓",null,"12寸","付",{"v":1,"d":"1.00"},{"v":13,"d":"13.00"},{"v":13,"d":"13.00"}]
[512,"不锈钢门栓",null,"8寸","付",{"v":1,"d":"1.00"},{"v":7,"d":"7.00"},{"v":7,"d":"7.00"}]
[{"$f":"ROW()-2","v":513},"液压烟斗合页","樱花","大、中、小","付",{"v":2,"d":"2.00"},{"v":12,"d":"12.00"},{"v":24,"d":"24.00"}]
[514,"抽屉轨道","樱花","10寸","付",{"v":2,"d":"2.00"},{"v":14,"d":"14.00"},{"v":28,"d":"28.00"}]
[515,"抽屉轨道","樱花","12寸","付",{"v":2,"d":"2.00"},{"v":16,"d":"16.00"},{"v":32,"d":"32.00"}]
[516,"抽屉轨道","樱花","14寸","付",{"v":2,"d":"2.00"},{"v":20,"d":"20.00"},{"v":40,"d":"40.00"}]
[517,"抽屉轨道","樱花","16寸","付",{"v":2,"d":"2.00"},{"v":22,"d":"22.00"},{"v":44,"d":"44.00"}]
[518,"抽屉轨道","樱花","18寸","付",{"v":2,"d":"2.00"},{"v":24,"d":"24.00"},{"v":48,"d":"48.00"}]
[519,"13转夹头",null,null,"个",{"v":2,"d":"2.00"},{"v":20,"d":"20.00"},{"v":40,"d":"40.00"}]
[520,"转接头",null,null,"个",{"v":2,"d":"2.00"},{"v":5,"d":"5.00"},{"v":10,"d":"10.00"}]
[521,"曲线锯",null,null,"台",{"v":1,"d":"1.00"},{"v":245,"d":"245.00"},{"v":245,"d":"245.00"}]
[522,"锂电池角磨机无刷","东城","20V","台",{"v":1,"d":"1.00"},{"v":650,"d":"650.00"},{"v":650,"d":"650.00"}]
[523,"锂电池角磨机","东城","φ100","台",{"v":2,"d":"2.00"},{"v":510,"d":"510.00"},{"v":1020,"d":"1,020.00"}]
[524,"角磨机","东城","φ100","个",{"v":6,"d":"6.00"},{"v":165,"d":"165.00"},{"v":990,"d":"990.00"}]
[525,"电锤","东城","φ100","个",{"v":2,"d":"2.00"},{"v":195,"d":"195.00"},{"v":390,"d":"390.00"}]
[{"$f":"ROW()-2","v":526},"电动扳手","大艺",null,"套",{"v":2,"d":"2.00"},{"v":498,"d":"498.00"},{"$f":"F528*G528","v":{"v":996,"d":"996.00"}}]
[527,"角磨机","先川","φ100","台",{"v":2,"d":"2.00"},{"v":125,"d":"125.00"},{"v":250,"d":"250.00"}]
[528,"充电角磨机","打工人","128v","个",{"v":7,"d":"7.00"},{"v":680,"d":"680.00"},{"v":4760,"d":"4,760.00"}]
[529,"充电角磨机 ","打工人","88V","个",{"v":2,"d":"2.00"},{"v":580,"d":"580.00"},{"v":1160,"d":"1,160.00"}]
[530,"锂电池 电锤",null,null,"台",{"v":2,"d":"2.00"},{"v":648,"d":"648.00"},{"v":1296,"d":"1,296.00"}]
[531,"88V锂电池",null,null,"块",{"v":2,"d":"2.00"},{"v":120,"d":"120.00"},{"v":240,"d":"240.00"}]
[532,"128V锂电池",null,null,"块",{"v":10,"d":"10.00"},{"v":160,"d":"160.00"},{"v":1600,"d":"1,600.00"}]
[533,"20V角磨机锂电池","东成",null,"块",{"v":1,"d":"1.00"},{"v":195,"d":"195.00"},{"v":195,"d":"195.00"}]
[534,"锂电池充电器",null,null,"个",{"v":2,"d":"2.00"},{"v":25,"d":"25.00"},{"v":50,"d":"50.00"}]
[535,"36V充电手电钻",null,null,"台",{"v":2,"d":"2.00"},{"v":270,"d":"270.00"},{"v":540,"d":"540.00"}]
[536,"两用电锤","东成",null,"台",{"v":1,"d":"1.00"},{"v":375,"d":"375.00"},{"v":375,"d":"375.00"}]
[537,"两用电锤","打工人",null,"台",{"v":2,"d":"2.00"},{"v":350,"d":"350.00"},{"v":700,"d":"700.00"}]
[538,"48V无刷手电钻","打工人",null,"台",{"v":8,"d":"8.00"},{"v":280,"d":"280.00"},{"v":2240,"d":"2,240.00"}]
[{"$f":"ROW()-2","v":539},"电焊机",null,"威风zx7-200","台",{"v":1,"d":"1.00"},{"v":420,"d":"420.00"},{"$f":"F541*G541","v":{"v":420,"d":"420.00"}}]
[540,"电焊机",null,"威风zx7-250","台",{"v":1,"d":"1.00"},{"v":700,"d":"700.00"},{"v":700,"d":"700.00"}]
[541,"双电压电焊机",null,"威风zx7-315D","台",{"v":1,"d":"1.00"},{"v":1080,"d":"1,080.00"},{"v":1080,"d":"1,080.00"}]
[542,"电焊机",null,"威风zx7-400","台",{"v":1,"d":"1.00"},{"v":1310,"d":"1,310.00"},{"v":1310,"d":"1,310.00"}]
[543,"电焊机",null,"威风zx7-500","台",{"v":1,"d":"1.00"},{"v":1870,"d":"1,870.00"},{"v":1870,"d":"1,870.00"}]
[544,"切割机",null,"石川3KW 400","台",{"v":1,"d":"1.00"},{"v":720,"d":"720.00"},{"v":720,"d":"720.00"}]
[545,"切割机",null,"俊丰 350","台",{"v":1,"d":"1.00"},{"v":420,"d":"420.00"},{"v":420,"d":"420.00"}]
[546,"云石机",null,{"v":110,"d":"110.00"},"台",{"v":1,"d":"1.00"},{"v":160,"d":"160.00"},{"v":160,"d":"160.00"}]
[547,"介铝机",null,{"v":255,"d":"255.00"},"台",{"v":1,"d":"1.00"},{"v":475,"d":"475.00"},{"v":475,"d":"475.00"}]
[548,"碳刷",null,"J201","付",{"v":1,"d":"1.00"},{"v":10,"d":"10.00"},{"v":10,"d":"10.00"}]
[{"$f":"ROW()-2","v":549},"飞机钻",null,null,"台",{"v":1,"d":"1.00"},{"v":190,"d":"190.00"},{"v":190,"d":"190.00"}]
[550,"三角锉",null,"6寸","把",{"v":2,"d":"2.00"},{"v":3.5,"d":"3.50"},{"$f":"F552*G552","v":{"v":7,"d":"7.00"}}]
[551,"8寸三角锉",null,null,"把",{"v":1,"d":"1.00"},{"v":4.5,"d":"4.50"},{"v":4.5,"d":"4.50"}]
[552,"10寸三角锉",null,null,"把",{"v":1,"d":"1.00"},{"v":5.5,"d":"5.50"},{"v":5.5,"d":"5.50"}]
[553,"6寸圆锉",null,null,"把",{"v":1,"d":"1.00"},{"v":3.5,"d":"3.50"},{"v":3.5,"d":"3.50"}]
[554,"8寸圆锉",null,null,"把",{"v":1,"d":"1.00"},{"v":4,"d":"4.00"},{"v":4,"d":"4.00"}]
[555,"10寸圆锉",null,null,"把",{"v":1,"d":"1.00"},{"v":5,"d":"5.00"},{"v":5,"d":"5.00"}]
[556,"油石",null,null,"块",{"v":2,"d":"2.00"},{"v":8,"d":"8.00"},{"$f":"F558*G558","v":{"v":16,"d":"16.00"}}]
[557,"木工凿子",null,"4分-1寸","把",{"v":2,"d":"2.00"},{"v":10,"d":"10.00"},{"v":20,"d":"20.00"}]
[558,"木工圆锯","东成","9寸","台",{"v":2,"d":"2.00"},{"v":564,"d":"564.00"},{"v":1128,"d":"1,128.00"}]
[559,"木工圆锯片","东成","9寸X60T","片",{"v":2,"d":"2.00"},{"v":50,"d":"50.00"},{"v":100,"d":"100.00"}]
[560,"木工刨子",null,"中","套",{"v":2,"d":"2.00"},{"v":88,"d":"88.00"},{"v":176,"d":"176.00"}]
[561,"气泵",null,"大","台",{"v":2,"d":"2.00"},{"v":920,"d":"920.00"},{"v":1840,"d":"1,840.00"}]
[562,"气泵打气头",null,null,"根",{"v":2,"d":"2.00"},{"v":10,"d":"10.00"},{"v":20,"d":"20.00"}]
[563,"气管",null,null,"米",{"v":2,"d":"2.00"},{"v":1.6,"d":"1.60"},{"v":3.2,"d":"3.20"}]
[564,"气管接头",null,null,"套",{"v":2,"d":"2.00"},{"v":5,"d":"5.00"},{"v":10,"d":"10.00"}]
[565,"打气泵",null,"小型","台",{"v":2,"d":"2.00"},{"v":430,"d":"430.00"},{"v":860,"d":"860.00"}]
[566,"气压打气头",null,null,"根",{"v":2,"d":"2.00"},{"v":27,"d":"27.00"},{"v":54,"d":"54.00"}]
[567,"气泵三通",null,null,"个",{"v":2,"d":"2.00"},{"v":15,"d":"15.00"},{"v":30,"d":"30.00"}]
[568,"气泵单通",null,null,"个",{"v":2,"d":"2.00"},{"v":5,"d":"5.00"},{"v":10,"d":"10.00"}]
[569,"高压气动疏通器",null,null,"个",{"v":1,"d":"1.00"},{"v":128,"d":"128.00"},{"v":128,"d":"128.00"}]
[570,"工业电扇  650mm",null,null,"台",{"v":2,"d":"2.00"},{"v":138,"d":"138.00"},{"v":276,"d":"276.00"}]
[571,"换气扇",null,"10寸","个",{"v":1,"d":"1.00"},{"v":60,"d":"60.00"},{"v":60,"d":"60.00"}]
[572,"管道换气扇",null,"8寸","个",{"v":1,"d":"1.00"},{"v":50,"d":"50.00"},{"v":50,"d":"50.00"}]
[573,"壁扇",null,"16寸","台",{"v":2,"d":"2.00"},{"v":87,"d":"87.00"},{"v":174,"d":"174.00"}]
[574,"吊扇",null,"1200mm","个",{"v":2,"d":"2.00"},{"v":85,"d":"85.00"},{"v":170,"d":"170.00"}]
[575,"强排扇",null,"6寸","个",{"v":2,"d":"2.00"},{"v":65,"d":"65.00"},{"v":130,"d":"130.00"}]
[576,"电池",null,"9V","节",{"v":2,"d":"2.00"},{"v":3,"d":"3.00"},{"v":6,"d":"6.00"}]
[577,"圆头螺丝",null,"8*300mm","个",{"v":10,"d":"10.00"},0.25,{"v":2.5,"d":"2.50"}]
[578,"钢化螺丝",null,"4X50","斤",{"v":2,"d":"2.00"},{"v":6,"d":"6.00"},{"v":12,"d":"12.00"}]
[579,"燕尾自攻螺丝",null,"4*12","盒",{"v":1,"d":"1.00"},{"v":32,"d":"32.00"},{"v":32,"d":"32.00"}]
[580,"燕尾自攻螺丝",null,"4*30","盒",{"v":1,"d":"1.00"},{"v":30,"d":"30.00"},{"v":30,"d":"30.00"}]
[{"$f":"ROW()-2","v":581},"燕尾自攻螺丝",null,"4.2X70","盒",{"v":1,"d":"1.00"},{"v":22,"d":"22.00"},{"v":22,"d":"22.00"}]
[582,"自攻螺丝",null,"8公分","斤",{"v":2,"d":"2.00"},{"v":6,"d":"6.00"},{"v":12,"d":"12.00"}]
[583,"自攻螺丝","上美","25、30","盒",{"v":2,"d":"2.00"},{"v":8,"d":"8.00"},{"v":16,"d":"16.00"}]
[584,"自钻螺丝 ","奔驰","12X25","盒",{"v":2,"d":"2.00"},{"v":45,"d":"45.00"},{"v":90,"d":"90.00"}]
[585,"自钻螺丝 ","奔驰","12X30","盒",{"v":2,"d":"2.00"},{"v":45,"d":"45.00"},{"v":90,"d":"90.00"}]
[586,"自钻螺丝 ","奔驰","12X40","盒",{"v":2,"d":"2.00"},{"v":30,"d":"30.00"},{"v":60,"d":"60.00"}]
[587,"自钻螺丝 ","奔驰","12X60","盒",{"v":2,"d":"2.00"},{"v":30,"d":"30.00"},{"v":60,"d":"60.00"}]
[588,"钻尾螺丝","奔驰","12X70","盒",{"v":2,"d":"2.00"},{"v":30,"d":"30.00"},{"v":60,"d":"60.00"}]
[589,"自钻螺丝","奔驰","12X80","盒",{"v":2,"d":"2.00"},{"v":30,"d":"30.00"},{"v":60,"d":"60.00"}]
[590,"自钻木螺丝",null,"12X40","盒",{"v":2,"d":"2.00"},{"v":40,"d":"40.00"},{"v":80,"d":"80.00"}]
[591,"70不锈钢自攻螺丝",null,"4*70","个",{"v":2,"d":"2.00"},0.15,{"v":0.3,"d":"0.30"}]
[592,"不锈钢自钻螺丝",null,"4*63","个",{"v":2,"d":"2.00"},{"v":0.5,"d":"0.50"},{"v":1,"d":"1.00"}]
[593,"不锈钢螺丝",null,{"v":25,"d":"25.00"},"粒",{"v":10,"d":"10.00"},0.05,{"v":0.5,"d":"0.50"}]
[594,"外六角膨胀螺丝",null,"12*100","个",{"v":10,"d":"10.00"},{"v":1.3,"d":"1.30"},{"v":13,"d":"13.00"}]
[595,"膨胀螺丝",null,"8X80","个",{"v":2,"d":"2.00"},0.45,{"v":0.9,"d":"0.90"}]
[596,"膨胀螺丝",null,"10X80","个",{"v":2,"d":"2.00"},{"v":0.6,"d":"0.60"},{"v":1.2,"d":"1.20"}]
[597,"膨胀螺丝",null,"10X100","个",{"v":2,"d":"2.00"},{"v":0.8,"d":"0.80"},{"v":1.6,"d":"1.60"}]
[598,"膨胀螺丝",null,"12*100","个",{"v":2,"d":"2.00"},{"v":0.9,"d":"0.90"},{"v":1.8,"d":"1.80"}]
[599,"膨胀螺丝",null,"14*100","个",{"v":2,"d":"2.00"},{"v":1.1,"d":"1.10"},{"v":2.2,"d":"2.20"}]
[600,"镀锌螺丝",null,"16X70","个",{"v":2,"d":"2.00"},{"v":1.6,"d":"1.60"},{"v":3.2,"d":"3.20"}]
[601,"32通开锁",null,null,"把",{"v":2,"d":"2.00"},{"v":4,"d":"4.00"},{"$f":"F603*G603","v":{"v":8,"d":"8.00"}}]
[602,"38通开锁",null,null,"把",{"v":2,"d":"2.00"},{"v":4.5,"d":"4.50"},{"v":9,"d":"9.00"}]
[603,"40不锈钢通开锁",null,null,"把",{"v":2,"d":"2.00"},{"v":7,"d":"7.00"},{"v":14,"d":"14.00"}]
[604,"25mm挂锁",null,null,"把",{"v":2,"d":"2.00"},{"v":3,"d":"3.00"},{"v":6,"d":"6.00"}]
[605,"38挂锁",null,null,"把",{"v":2,"d":"2.00"},{"v":4,"d":"4.00"},{"v":8,"d":"8.00"}]
[606,"50挂锁",null,null,"把",{"v":2,"d":"2.00"},{"v":8,"d":"8.00"},{"v":16,"d":"16.00"}]
[607,"63挂锁",null,null,"把",{"v":2,"d":"2.00"},{"v":12,"d":"12.00"},{"v":24,"d":"24.00"}]
[608,"防锈挂锁",null,"50cm","把",{"v":2,"d":"2.00"},{"v":15,"d":"15.00"},{"v":30,"d":"30.00"}]
[609,"U型锁",null,null,"把",{"v":2,"d":"2.00"},{"v":28,"d":"28.00"},{"v":56,"d":"56.00"}]
[610,"链条锁",null,null,"条",{"v":1,"d":"1.00"},{"v":8,"d":"8.00"},{"v":8,"d":"8.00"}]
[611,"不锈钢挂锁",null,"40cm","把",{"v":2,"d":"2.00"},{"v":13,"d":"13.00"},{"v":26,"d":"26.00"}]
[612,"球形锁",null,null,"把",{"v":2,"d":"2.00"},{"v":25,"d":"25.00"},{"v":50,"d":"50.00"}]
[613,"锁芯",null,null,"付",{"v":2,"d":"2.00"},{"v":35,"d":"35.00"},{"v":70,"d":"70.00"}]
[614,"门扣",null,"4寸","副",{"v":2,"d":"2.00"},{"v":1,"d":"1.00"},{"v":2,"d":"2.00"}]
[615,"门扣",null,"5寸","副",{"v":2,"d":"2.00"},{"v":2,"d":"2.00"},{"v":4,"d":"4.00"}]
[616,"不锈钢门扣",null,"4寸","副",{"v":2,"d":"2.00"},{"v":2,"d":"2.00"},{"v":4,"d":"4.00"}]
[617,"卫生间执手锁",null,null,"把",{"v":1,"d":"1.00"},{"v":18,"d":"18.00"},{"v":18,"d":"18.00"}]
[618,"执手锁",null,null,"把",{"v":1,"d":"1.00"},{"v":45,"d":"45.00"},{"v":45,"d":"45.00"}]
[619,"不锈钢隔断门锁",null,null,"套",{"v":2,"d":"2.00"},{"v":20,"d":"20.00"},{"v":40,"d":"40.00"}]
[620,"塑料隔断门锁",null,null,"套",{"v":2,"d":"2.00"},{"v":10,"d":"10.00"},{"v":20,"d":"20.00"}]
[621,"铆钉枪",null,null,"把",{"v":1,"d":"1.00"},{"v":35,"d":"35.00"},{"v":35,"d":"35.00"}]
[622,"铆钉",null,"4*16","合",{"v":1,"d":"1.00"},{"v":12,"d":"12.00"},{"v":12,"d":"12.00"}]
[623,"铆钉",null,"5*16","合",{"v":1,"d":"1.00"},{"v":12,"d":"12.00"},{"v":12,"d":"12.00"}]
[{"$f":"ROW()-2","v":624},"窗扣",null,null,"套",{"v":2,"d":"2.00"},{"v":8,"d":"8.00"},{"$f":"F626*G626","v":{"v":16,"d":"16.00"}}]
[625,"抽屉拉手",null,null,"个",{"v":2,"d":"2.00"},{"v":2,"d":"2.00"},{"v":4,"d":"4.00"}]
[626,"液压烟斗铰链","樱花",null,"副",{"v":2,"d":"2.00"},{"v":12,"d":"12.00"},{"v":24,"d":"24.00"}]
[627,"不锈钢字母合页",null,null,"付",{"v":2,"d":"2.00"},{"v":8,"d":"8.00"},{"v":16,"d":"16.00"}]
[628,"不锈钢拉手",null,null,"个",{"v":2,"d":"2.00"},{"v":2,"d":"2.00"},{"v":4,"d":"4.00"}]
[629,"不锈钢插销",null,null,"付",{"v":2,"d":"2.00"},{"v":8,"d":"8.00"},{"v":16,"d":"16.00"}]
[630,"不锈钢插销",null,"5寸","付",{"v":2,"d":"2.00"},{"v":5,"d":"5.00"},{"v":10,"d":"10.00"}]
[631,"插销",null,null,"付",{"v":1,"d":"1.00"},{"v":2,"d":"2.00"},{"v":2,"d":"2.00"}]
[632,"502胶水",null,null,"瓶",{"v":2,"d":"2.00"},{"v":3,"d":"3.00"},{"v":6,"d":"6.00"}]
[633,"膨胀管  φ6",null,null,"板",{"v":2,"d":"2.00"},{"v":1,"d":"1.00"},{"v":2,"d":"2.00"}]
[634,"门吸",null,null,"付",{"v":2,"d":"2.00"},{"v":4,"d":"4.00"},{"v":8,"d":"8.00"}]
[635,"双面胶","佳立","2公分","卷",{"v":2,"d":"2.00"},{"v":1.5,"d":"1.50"},{"v":3,"d":"3.00"}]
[636,"漆刷","午辉","5寸","把",{"v":2,"d":"2.00"},{"v":4,"d":"4.00"},{"v":8,"d":"8.00"}]
[637,"漆刷","午辉","4寸","把",{"v":2,"d":"2.00"},{"v":3,"d":"3.00"},{"v":6,"d":"6.00"}]
[638,"漆刷","午辉","3寸","把",{"v":2,"d":"2.00"},{"v":2,"d":"2.00"},{"v":4,"d":"4.00"}]
[639,"漆刷","午辉","2寸","把",{"v":2,"d":"2.00"},{"v":1,"d":"1.00"},{"v":2,"d":"2.00"}]
[640,"羊毛刷","午辉",{"v":2.5,"d":"2.50"},"把",{"v":2,"d":"2.00"},{"v":2,"d":"2.00"},{"v":4,"d":"4.00"}]
[641,"羊毛刷","午辉","3寸","把",{"v":2,"d":"2.00"},{"v":2.5,"d":"2.50"},{"v":5,"d":"5.00"}]
[642,"羊毛刷","午辉","4寸","把",{"v":2,"d":"2.00"},{"v":3.5,"d":"3.50"},{"v":7,"d":"7.00"}]
[643,"羊毛刷","午辉","5寸","把",{"v":2,"d":"2.00"},{"v":4,"d":"4.00"},{"v":8,"d":"8.00"}]
[644,"羊毛刷","午辉","8寸","把",{"v":2,"d":"2.00"},{"v":7,"d":"7.00"},{"v":14,"d":"14.00"}]
[645,"钢丝刷",null,null,"把",{"v":2,"d":"2.00"},{"v":2,"d":"2.00"},{"v":4,"d":"4.00"}]
[646,"油灰刀","金涛","4寸","把",{"v":2,"d":"2.00"},{"v":2,"d":"2.00"},{"v":4,"d":"4.00"}]
[647,"油灰刀","金涛","3寸","把",{"v":2,"d":"2.00"},{"v":1.5,"d":"1.50"},{"v":3,"d":"3.00"}]
[648,"刮灰铲子",null,"2寸","把",{"v":2,"d":"2.00"},{"v":1,"d":"1.00"},{"v":2,"d":"2.00"}]
[649,"铲刀",null,null,"把",{"v":1,"d":"1.00"},{"v":6,"d":"6.00"},{"v":6,"d":"6.00"}]
[650,"美纹纸",null,"3公分","卷",{"v":2,"d":"2.00"},{"v":1.5,"d":"1.50"},{"v":3,"d":"3.00"}]
[651,"180目砂纸",null,null,"张",{"v":2,"d":"2.00"},{"v":0.5,"d":"0.50"},{"v":1,"d":"1.00"}]
[652,"240目砂纸",null,null,"张",{"v":2,"d":"2.00"},{"v":0.5,"d":"0.50"},{"v":1,"d":"1.00"}]
[653,"砂纸架",null,null,"个",{"v":2,"d":"2.00"},{"v":2.5,"d":"2.50"},{"v":5,"d":"5.00"}]
[654,"滚筒","铁哥们","3寸","个",{"v":2,"d":"2.00"},{"v":4,"d":"4.00"},{"v":8,"d":"8.00"}]
[655,"滚筒","铁哥们","6寸","个",{"v":2,"d":"2.00"},{"v":5,"d":"5.00"},{"v":10,"d":"10.00"}]
[656,"滚筒","铁哥们","180mm","个",{"v":2,"d":"2.00"},{"v":6,"d":"6.00"},{"v":12,"d":"12.00"}]
[657,"滚筒","铁哥们","8寸","个",{"v":2,"d":"2.00"},{"v":8,"d":"8.00"},{"v":16,"d":"16.00"}]
[658,"防水涂料",null,"20kg/桶","桶",{"v":1,"d":"1.00"},{"v":135,"d":"135.00"},{"v":135,"d":"135.00"}]
[659,"液体卷材防水",null,"20kg/桶","桶",{"v":2,"d":"2.00"},{"v":190,"d":"190.00"},{"$f":"F661*G661","v":{"v":380,"d":"380.00"}}]
[660," 腻子膏",null,"20kg/桶","桶",{"v":2,"d":"2.00"},{"v":105,"d":"105.00"},{"v":210,"d":"210.00"}]
[661,"外墙腻子粉",null,null,"包",{"v":2,"d":"2.00"},{"v":23,"d":"23.00"},{"v":46,"d":"46.00"}]
[{"$f":"ROW()-2","v":662},"内墙腻子粉","华润",null,"包",{"v":2,"d":"2.00"},{"v":18,"d":"18.00"},{"v":36,"d":"36.00"}]
[663,"益胶泥 15公斤","泥帮手",null,"包",{"v":2,"d":"2.00"},{"v":38,"d":"38.00"},{"v":76,"d":"76.00"}]
[664,"免钉胶","广粤",null,"瓶",{"v":2,"d":"2.00"},{"v":10,"d":"10.00"},{"v":20,"d":"20.00"}]
[665,"白胶","金利德",null,"桶",{"v":2,"d":"2.00"},{"v":48,"d":"48.00"},{"v":96,"d":"96.00"}]
[666,"石漆","大桶","大桶","桶",{"v":2,"d":"2.00"},{"v":178,"d":"178.00"},{"v":356,"d":"356.00"}]
[667,"乳胶漆","华润","华润","桶",{"v":2,"d":"2.00"},{"v":150,"d":"150.00"},{"v":300,"d":"300.00"}]
[668,"乳胶漆","多乐士","多乐士","桶",{"v":2,"d":"2.00"},{"v":280,"d":"280.00"},{"v":560,"d":"560.00"}]
[669,"外墙乳胶漆",null,null,"桶",{"v":2,"d":"2.00"},{"v":170,"d":"170.00"},{"v":340,"d":"340.00"}]
[670,"粉红色乳胶漆","多乐士","多乐士","桶",{"v":2,"d":"2.00"},{"v":185,"d":"185.00"},{"v":370,"d":"370.00"}]
[671,"玻璃胶","万年松","万年松","瓶",{"v":2,"d":"2.00"},{"v":8,"d":"8.00"},{"v":16,"d":"16.00"}]
[672,"玻璃胶","日丰",null,"瓶",{"v":2,"d":"2.00"},{"v":18,"d":"18.00"},{"v":36,"d":"36.00"}]
[673,"玻璃胶枪",null,null,"把",{"v":2,"d":"2.00"},{"v":10,"d":"10.00"},{"v":20,"d":"20.00"}]
[674,"结构胶枪",null,null,"把",{"v":2,"d":"2.00"},{"v":25,"d":"25.00"},{"v":50,"d":"50.00"}]
[675,"万能胶",null,null,"瓶",{"v":1,"d":"1.00"},{"v":4,"d":"4.00"},{"v":4,"d":"4.00"}]
[676,"云石胶",null,"4L","组",{"v":2,"d":"2.00"},{"v":98,"d":"98.00"},{"v":196,"d":"196.00"}]
[677,"固化剂",null,"大瓶","支",{"v":2,"d":"2.00"},{"v":6,"d":"6.00"},{"v":12,"d":"12.00"}]
[678,"液体卷材防水",null,null,"桶",{"v":2,"d":"2.00"},{"v":260,"d":"260.00"},{"v":520,"d":"520.00"}]
[679,"不锈钢修补剂",null,null,"瓶",{"v":2,"d":"2.00"},{"v":8,"d":"8.00"},{"v":16,"d":"16.00"}]
[680,"化油器清洁剂",null,null,"瓶",{"v":2,"d":"2.00"},{"v":11,"d":"11.00"},{"v":22,"d":"22.00"}]
[681,"除锈润滑剂",null,null,"瓶",{"v":2,"d":"2.00"},{"v":9,"d":"9.00"},{"v":18,"d":"18.00"}]
[682,"自喷漆","三和",null,"瓶",{"v":2,"d":"2.00"},{"v":8,"d":"8.00"},{"v":16,"d":"16.00"}]
[683,"自喷漆",null,"金色","瓶",{"v":2,"d":"2.00"},{"v":5,"d":"5.00"},{"v":10,"d":"10.00"}]
[{"$f":"ROW()-2","v":684},"自喷漆","超粤",null,"瓶",{"v":2,"d":"2.00"},{"v":4.5,"d":"4.50"},{"v":9,"d":"9.00"}]
[685,"喷枪",null,null,"把",{"v":2,"d":"2.00"},{"v":16,"d":"16.00"},{"v":32,"d":"32.00"}]
[686,"喷漆枪",null,null,"把",{"v":2,"d":"2.00"},{"v":46,"d":"46.00"},{"v":92,"d":"92.00"}]
[687,"喷石漆枪",null,null,"把",{"v":1,"d":"1.00"},{"v":80,"d":"80.00"},{"v":80,"d":"80.00"}]
[688,"香蕉水",null,null,"瓶",{"v":2,"d":"2.00"},{"v":4,"d":"4.00"},{"v":8,"d":"8.00"}]
[689,"香蕉水",null,"15KG","桶",{"v":2,"d":"2.00"},{"v":98,"d":"98.00"},{"v":196,"d":"196.00"}]
[690,"稀释剂  ",null,"3KG","瓶",{"v":2,"d":"2.00"},{"v":32,"d":"32.00"},{"v":64,"d":"64.00"}]
[691,"金色油漆",null,"0.8KG","瓶",{"v":1,"d":"1.00"},{"v":28,"d":"28.00"},{"v":28,"d":"28.00"}]
[692,"银粉漆",null,"小桶","桶",{"v":5,"d":"5.00"},{"v":25,"d":"25.00"},{"$f":"F694*G694","v":{"v":125,"d":"125.00"}}]
[693,"银粉漆","海洋","14公斤","桶",{"v":5,"d":"5.00"},{"v":235,"d":"235.00"},{"v":1175,"d":"1,175.00"}]
[694,"油漆","华泰","2KG","瓶",{"v":5,"d":"5.00"},{"v":20,"d":"20.00"},{"v":100,"d":"100.00"}]
[695,"油漆","华泰","橙色","桶",{"v":5,"d":"5.00"},{"v":198,"d":"198.00"},{"v":990,"d":"990.00"}]
[696,"油漆","华泰","黄、灰、红、黑15KG","桶",{"v":15,"d":"15.00"},{"v":148,"d":"148.00"},{"v":2220,"d":"2,220.00"}]
[697,"防锈漆","乐化","白色14KG","桶",{"v":5,"d":"5.00"},{"v":245,"d":"245.00"},{"v":1225,"d":"1,225.00"}]
[698,"防锈漆","乐化","铁红色15KG","桶",{"v":5,"d":"5.00"},{"v":237,"d":"237.00"},{"v":1185,"d":"1,185.00"}]
[699,"防锈漆","乐化","中灰色15KG","桶",{"v":5,"d":"5.00"},{"v":220,"d":"220.00"},{"v":1100,"d":"1,100.00"}]
[700,"防锈漆","乐化","中黄色15KG","桶",{"v":5,"d":"5.00"},{"v":265,"d":"265.00"},{"v":1325,"d":"1,325.00"}]
[701,"防锈漆","乐化","大红色15KG","桶",{"v":5,"d":"5.00"},{"v":270,"d":"270.00"},{"v":1350,"d":"1,350.00"}]
[702,"调和漆","乐化","大红色16KG","桶",{"v":5,"d":"5.00"},{"v":320,"d":"320.00"},{"v":1600,"d":"1,600.00"}]
[{"$f":"ROW()-2","v":703},"调和漆","乐化","桔红色15KG","桶",{"v":5,"d":"5.00"},{"v":310,"d":"310.00"},{"v":1550,"d":"1,550.00"}]
[704,"调和漆","乐化","桔黄色17KG","桶",{"v":3,"d":"3.00"},{"v":335,"d":"335.00"},{"v":1005,"d":"1,005.00"}]
[705,"调和漆","乐化","中黄色15KG","桶",{"v":3,"d":"3.00"},{"v":315,"d":"315.00"},{"v":945,"d":"945.00"}]
[706,"调和漆","乐化","中蓝色15KG","桶",{"v":5,"d":"5.00"},{"v":310,"d":"310.00"},{"v":1550,"d":"1,550.00"}]
[707,"调和漆","乐化","中绿色15KG","桶",{"v":3,"d":"3.00"},{"v":285,"d":"285.00"},{"v":855,"d":"855.00"}]
[708,"调和漆","乐化","白色15KG","桶",{"v":5,"d":"5.00"},{"v":275,"d":"275.00"},{"v":1375,"d":"1,375.00"}]
[709,"调和漆","乐化","中灰色15KG","桶",{"v":5,"d":"5.00"},{"v":265,"d":"265.00"},{"v":1325,"d":"1,325.00"}]
[710,"调和漆","乐化","黑色16KG","桶",{"v":5,"d":"5.00"},{"v":290,"d":"290.00"},{"v":1450,"d":"1,450.00"}]
[711,"调和漆","海洋","大红、中黄、中蓝白色14KG","桶",{"v":10,"d":"10.00"},{"v":240,"d":"240.00"},{"v":2400,"d":"2,400.00"}]
[712,"调和漆","海洋","铁红红14KG","桶",{"v":5,"d":"5.00"},{"v":205,"d":"205.00"},{"v":1025,"d":"1,025.00"}]
[713,"调和漆","海洋","黑色14KG","桶",{"v":5,"d":"5.00"},{"v":215,"d":"215.00"},{"v":1075,"d":"1,075.00"}]
[714,"调和漆","海洋","中绿色14KG","桶",{"v":5,"d":"5.00"},{"v":220,"d":"220.00"},{"v":1100,"d":"1,100.00"}]
[715,"调和漆","海洋","桔红、桔黄、14KG","桶",{"v":5,"d":"5.00"},{"v":240,"d":"240.00"},{"v":1200,"d":"1,200.00"}]
[716,"防锈漆","海洋","铁红14KG","桶",{"v":5,"d":"5.00"},{"v":175,"d":"175.00"},{"v":875,"d":"875.00"}]
[717,"防锈漆","海洋","中灰154KG","桶",{"v":5,"d":"5.00"},{"v":190,"d":"190.00"},{"v":950,"d":"950.00"}]
[718,"划线漆",null,"大桶","桶",{"v":5,"d":"5.00"},{"v":220,"d":"220.00"},{"v":1100,"d":"1,100.00"}]
[719,"美纹纸",null,"3公分","卷",{"v":2,"d":"2.00"},{"v":1.5,"d":"1.50"},{"v":3,"d":"3.00"}]
[720,"棕色色精",null,null,"瓶",{"v":50,"d":"50.00"},{"v":6.5,"d":"6.50"},{"v":325,"d":"325.00"}]
[721,"香精",null,null,"瓶",{"v":2,"d":"2.00"},{"v":6,"d":"6.00"},{"v":12,"d":"12.00"}]
[722,"中黄色浆",null,null,"瓶",{"v":50,"d":"50.00"},{"v":5,"d":"5.00"},{"v":250,"d":"250.00"}]
[723,"浓缩色浆",null,null,"瓶",{"v":50,"d":"50.00"},{"v":10,"d":"10.00"},{"v":500,"d":"500.00"}]
[724,"结构胶","广粤",null,"支",{"v":100,"d":"100.00"},{"v":13,"d":"13.00"},{"v":1300,"d":"1,300.00"}]
[725,"结构胶","多彩运",null,"支",{"v":10,"d":"10.00"},{"v":16,"d":"16.00"},{"v":160,"d":"160.00"}]
[726,"防火泥",null,null,"包",{"v":2,"d":"2.00"},{"v":6,"d":"6.00"},{"v":12,"d":"12.00"}]
[727,"咖啡色结构胶",null,null,"支",{"v":2,"d":"2.00"},{"v":21,"d":"21.00"},{"v":42,"d":"42.00"}]
[728,"原子灰",null,"2KG","桶",{"v":1,"d":"1.00"},{"v":25,"d":"25.00"},{"v":25,"d":"25.00"}]
[729,"黄油      大桶","鑫和顺","15kg","桶",{"v":2,"d":"2.00"},{"v":150,"d":"150.00"},{"v":300,"d":"300.00"}]
[730,"高温黄油",null,null,"盒",{"v":2,"d":"2.00"},{"v":22,"d":"22.00"},{"v":44,"d":"44.00"}]
[{"$f":"ROW()-2","v":731},"黄油",null,null,"小盒",{"v":1,"d":"1.00"},{"v":12,"d":"12.00"},{"v":12,"d":"12.00"}]
[732,"木油      大桶",null,"14公斤","桶",{"v":10,"d":"10.00"},{"v":210,"d":"210.00"},{"v":2100,"d":"2,100.00"}]
[733,"木蜡油","森工","14公斤","桶",{"v":20,"d":"20.00"},{"v":265,"d":"265.00"},{"v":5300,"d":"5,300.00"}]
[734,"水泵接合器",null,null,"个",{"v":2,"d":"2.00"},{"v":210,"d":"210.00"},{"v":420,"d":"420.00"}]
[735,"水泵自动控制器","新界",null,"个",{"v":1,"d":"1.00"},{"v":260,"d":"260.00"},{"v":260,"d":"260.00"}]
[736,"液位浮阀",null,"4米","个",{"v":2,"d":"2.00"},{"v":42,"d":"42.00"},{"v":84,"d":"84.00"}]
[737,"油浸泵","欧隆","7.5KW","台",{"v":1,"d":"1.00"},{"v":2850,"d":"2,850.00"},{"v":2850,"d":"2,850.00"}]
[738,"全自动水泵控制器","欧隆","380V  4000W","个",{"v":2,"d":"2.00"},{"v":580,"d":"580.00"},{"v":1160,"d":"1,160.00"}]
[739,"水带",null,{"v":50,"d":"50.00"},"卷",{"v":1,"d":"1.00"},{"v":98,"d":"98.00"},{"v":98,"d":"98.00"}]
[740,"水带",null,{"v":80,"d":"80.00"},"米",{"v":2,"d":"2.00"},{"v":5.8,"d":"5.80"},{"v":11.6,"d":"11.60"}]
[741,"加厚水带",null,{"v":100,"d":"100.00"},"米",{"v":20,"d":"20.00"},{"v":11,"d":"11.00"},{"v":220,"d":"220.00"}]
[742," 水泵","人民","220V1.1KW","台",{"v":1,"d":"1.00"},{"v":480,"d":"480.00"},{"v":480,"d":"480.00"}]
[743,"水泵","人民","380v2.2KW","台",{"v":1,"d":"1.00"},{"v":860,"d":"860.00"},{"v":860,"d":"860.00"}]
[744,"带浮球污水泵",null,"220V0.75KW","台",{"v":1,"d":"1.00"},{"v":720,"d":"720.00"},{"v":720,"d":"720.00"}]
[{"$f":"ROW()-2","v":745},"污水泵","欧隆","4000W","台",{"v":1,"d":"1.00"},{"v":1720,"d":"1,720.00"},{"v":1720,"d":"1,720.00"}]
[746,"污水泵","欧隆","3000W","台",{"v":1,"d":"1.00"},{"v":1250,"d":"1,250.00"},{"v":1250,"d":"1,250.00"}]
[747,"增压泵",null,null,"台",{"v":2,"d":"2.00"},{"v":220,"d":"220.00"},{"v":440,"d":"440.00"}]
[748,"污水泵","欧隆","1100W","台",{"v":2,"d":"2.00"},{"v":650,"d":"650.00"},{"v":1300,"d":"1,300.00"}]
[749,"自吸泵",null,"1.5KW  50","台",{"v":1,"d":"1.00"},{"v":760,"d":"760.00"},{"v":760,"d":"760.00"}]
[750,"钢丝管",null,{"v":50,"d":"50.00"},"米",{"v":1,"d":"1.00"},{"v":10,"d":"10.00"},{"v":10,"d":"10.00"}]
[751,"水管",null,{"v":20,"d":"20.00"},"米",{"v":2,"d":"2.00"},{"v":3.5,"d":"3.50"},{"v":7,"d":"7.00"}]
[752,"水管","长渠","16-25","卷",{"v":2,"d":"2.00"},{"v":90,"d":"90.00"},{"v":180,"d":"180.00"}]
[753,"水管","山东","φ32","卷",{"v":2,"d":"2.00"},{"v":420,"d":"420.00"},{"v":840,"d":"840.00"}]
[754,"加厚水管","山东","φ25","卷",{"v":2,"d":"2.00"},{"v":250,"d":"250.00"},{"v":500,"d":"500.00"}]
[755,"水管接头",null,"φ25","个",{"v":2,"d":"2.00"},{"v":3,"d":"3.00"},{"v":6,"d":"6.00"}]
[756,"电磁阀",null,null,"个",{"v":10,"d":"10.00"},{"v":65,"d":"65.00"},{"$f":"F758*G758","v":{"v":650,"d":"650.00"}}]
[757,"电池盒",null,null,"个",{"v":2,"d":"2.00"},{"v":9,"d":"9.00"},{"$f":"F759*G759","v":{"v":18,"d":"18.00"}}]
[758,"小便斗一体化",null,null,"套",{"v":2,"d":"2.00"},{"v":60,"d":"60.00"},{"$f":"F760*G760","v":{"v":120,"d":"120.00"}}]
[759,"小便斗感应冲水阀",null,"暗装","套",{"v":1,"d":"1.00"},{"v":120,"d":"120.00"},{"$f":"F761*G761","v":{"v":120,"d":"120.00"}}]
[760,"大便斗感应冲水阀",null,null,"套",{"v":1,"d":"1.00"},{"v":80,"d":"80.00"},{"v":80,"d":"80.00"}]
[{"$f":"ROW()-2","v":761},"电磁面板",null,null,"个",{"v":2,"d":"2.00"},{"v":68,"d":"68.00"},{"v":136,"d":"136.00"}]
[762,"大便冲水",null,null,"个",{"v":5,"d":"5.00"},{"v":98,"d":"98.00"},{"v":490,"d":"490.00"}]
[763,"大便冲水",null,null,"个",{"v":5,"d":"5.00"},{"v":88,"d":"88.00"},{"v":440,"d":"440.00"}]
[764,"小便斗感应开关及面板",null,null,"套",{"v":2,"d":"2.00"},{"v":68,"d":"68.00"},{"v":136,"d":"136.00"}]
[765,"小便斗","荣沃",null,"个",{"v":10,"d":"10.00"},{"v":49,"d":"49.00"},{"v":490,"d":"490.00"}]
[766,"小便斗电磁阀","荣沃","明装","个",{"v":30,"d":"30.00"},{"v":40,"d":"40.00"},{"v":1200,"d":"1,200.00"}]
[767,"小便斗电磁阀","荣沃","暗装广东","个",{"v":20,"d":"20.00"},{"v":60,"d":"60.00"},{"v":1200,"d":"1,200.00"}]
[768,"小便斗感应电池盒","荣沃",null,"个",{"v":10,"d":"10.00"},{"v":9,"d":"9.00"},{"v":90,"d":"90.00"}]
[769,"小便全自动感应开关","荣沃","明装","套",{"v":5,"d":"5.00"},{"v":98,"d":"98.00"},{"v":490,"d":"490.00"}]
[770,"洗手池感应水龙头",null,null,"个",{"v":13,"d":"13.00"},{"v":210,"d":"210.00"},{"v":2730,"d":"2,730.00"}]
[771,"感应水龙头变压电源",null,null,"个",{"v":20,"d":"20.00"},{"v":15,"d":"15.00"},{"v":300,"d":"300.00"}]
[{"$f":"ROW()-2","v":772},"墙面感应水龙头",null,null,"套",{"v":5,"d":"5.00"},{"v":145,"d":"145.00"},{"$f":"F774*G774","v":{"v":725,"d":"725.00"}}]
[773,"立式感应小便斗",null,null,"个",{"v":1,"d":"1.00"},{"v":410,"d":"410.00"},{"v":410,"d":"410.00"}]
[774,"大便池感应面板",null,null,"块",{"v":16,"d":"16.00"},{"v":95,"d":"95.00"},{"v":1520,"d":"1,520.00"}]
[775,"铜小便阀",null,"大体","个",{"v":30,"d":"30.00"},{"v":34,"d":"34.00"},{"v":1020,"d":"1,020.00"}]
[776,"脚踏阀",null,null,"个",{"v":20,"d":"20.00"},{"v":115,"d":"115.00"},{"v":2300,"d":"2,300.00"}]
[777,"脚踏阀","卧式",null,"套",{"v":5,"d":"5.00"},{"v":135,"d":"135.00"},{"v":675,"d":"675.00"}]
[778,"脚踏阀","中号",null,"套",{"v":5,"d":"5.00"},{"v":88,"d":"88.00"},{"v":440,"d":"440.00"}]
[779,"蹲便器",null,null,"个",{"v":2,"d":"2.00"},{"v":78,"d":"78.00"},{"v":156,"d":"156.00"}]
[780,"马桶密封圈",null,null,"个",{"v":1,"d":"1.00"},{"v":6,"d":"6.00"},{"v":6,"d":"6.00"}]
[{"$f":"ROW()-2","v":781},"马桶按钮",null,null,"个",{"v":1,"d":"1.00"},{"v":8,"d":"8.00"},{"v":8,"d":"8.00"}]
[782,"马桶",null,null,"个",{"v":2,"d":"2.00"},{"v":550,"d":"550.00"},{"v":1100,"d":"1,100.00"}]
[783,"马桶盖","九牧",null,"个",{"v":2,"d":"2.00"},{"v":70,"d":"70.00"},{"v":140,"d":"140.00"}]
[784,"马桶盖",null,null,"个",{"v":2,"d":"2.00"},{"v":35,"d":"35.00"},{"v":70,"d":"70.00"}]
[785,"水箱","广东九牧",null,"个",{"v":18,"d":"18.00"},{"v":125,"d":"125.00"},{"v":2250,"d":"2,250.00"}]
[786,"水箱","贝曦",null,"个",{"v":2,"d":"2.00"},{"v":85,"d":"85.00"},{"v":170,"d":"170.00"}]
[787,"水箱下水管",null,null,"套",{"v":20,"d":"20.00"},{"v":10,"d":"10.00"},{"v":200,"d":"200.00"}]
[{"$f":"ROW()-2","v":788},"水箱套件",null,null,"套",{"v":2,"d":"2.00"},{"v":28,"d":"28.00"},{"$f":"F790*G790","v":{"v":56,"d":"56.00"}}]
[789,"陶瓷洗脸盆",null,null,"个",{"v":2,"d":"2.00"},{"v":90,"d":"90.00"},{"v":180,"d":"180.00"}]
[790,"蹲坑橡皮塞",null,null,"个",{"v":2,"d":"2.00"},{"v":2,"d":"2.00"},{"v":4,"d":"4.00"}]
[791,"蹲坑",null,null,"个",{"v":2,"d":"2.00"},{"v":78,"d":"78.00"},{"v":156,"d":"156.00"}]
[792,"小便池密封马头",null,null,"个",{"v":2,"d":"2.00"},{"v":18,"d":"18.00"},{"v":36,"d":"36.00"}]
[793,"30金属软管","贝曦",null,"根",{"v":2,"d":"2.00"},{"v":8,"d":"8.00"},{"v":16,"d":"16.00"}]
[794,"30金属软管","贝曦",null,"根",{"v":2,"d":"2.00"},{"v":10,"d":"10.00"},{"v":20,"d":"20.00"}]
[795,"60金属软管","贝曦",null,"根",{"v":2,"d":"2.00"},{"v":12,"d":"12.00"},{"$f":"F797*G797","v":{"v":24,"d":"24.00"}}]
[796,"80金属软管","贝曦",null,"根",{"v":2,"d":"2.00"},{"v":15,"d":"15.00"},{"v":30,"d":"30.00"}]
[797,"100金属软管","贝曦",null,"根",{"v":2,"d":"2.00"},{"v":16,"d":"16.00"},{"v":32,"d":"32.00"}]
[{"$f":"ROW()-2","v":798},"6水龙头",null,null,"个",{"v":2,"d":"2.00"},{"v":13,"d":"13.00"},{"$f":"F800*G800","v":{"v":26,"d":"26.00"}}]
[799,"洗衣机水龙头",null,null,"个",{"v":2,"d":"2.00"},{"v":15,"d":"15.00"},{"v":30,"d":"30.00"}]
[800,"单冷龙头","广东九牧",null,"个",{"v":2,"d":"2.00"},{"v":65,"d":"65.00"},{"v":130,"d":"130.00"}]
[801,"鹅颈单冷水龙头",null,"加长","个",{"v":2,"d":"2.00"},{"v":22,"d":"22.00"},{"v":44,"d":"44.00"}]
[802,"不锈钢下水",null,null,"套",{"v":2,"d":"2.00"},{"v":12,"d":"12.00"},{"v":24,"d":"24.00"}]
[803,"加长水龙头",null,null,"个",{"v":20,"d":"20.00"},{"v":15,"d":"15.00"},{"v":300,"d":"300.00"}]
[804,"洗脸盆水龙头",null,null,"个",{"v":30,"d":"30.00"},{"v":35,"d":"35.00"},{"v":1050,"d":"1,050.00"}]
[805,"加高延时水龙头",null,null,"个",{"v":2,"d":"2.00"},{"v":68,"d":"68.00"},{"v":136,"d":"136.00"}]
[806,"延时水龙头",null,null,"个",{"v":10,"d":"10.00"},{"v":48,"d":"48.00"},{"v":480,"d":"480.00"}]
[807,"自动感应水龙头","顺辉达",null,"个",{"v":2,"d":"2.00"},{"v":98,"d":"98.00"},{"v":196,"d":"196.00"}]
[808,"自动感应水龙头",null,"两用","个",{"v":2,"d":"2.00"},{"v":108,"d":"108.00"},{"v":216,"d":"216.00"}]
[809,"水龙头垫片",null,null,"片",{"v":2,"d":"2.00"},{"v":0.3,"d":"0.30"},{"v":0.6,"d":"0.60"}]
[810,"单盆下水",null,null,"根",{"v":2,"d":"2.00"},{"v":10,"d":"10.00"},{"v":20,"d":"20.00"}]
[811,"加厚下水管",null,null,"套",{"v":1,"d":"1.00"},{"v":10,"d":"10.00"},{"v":10,"d":"10.00"}]
[812,"洗脸盆下水管",null,null,"根",{"v":2,"d":"2.00"},{"v":3,"d":"3.00"},{"v":6,"d":"6.00"}]
[813,"拖把池不锈钢下水",null,null,"套",{"v":2,"d":"2.00"},{"v":12,"d":"12.00"},{"v":24,"d":"24.00"}]
[814,"水龙头把手",null,null,"个",{"v":2,"d":"2.00"},{"v":2.5,"d":"2.50"},{"v":5,"d":"5.00"}]
[815,"水龙头 阀芯",null,null,"个",{"v":2,"d":"2.00"},{"v":6,"d":"6.00"},{"v":12,"d":"12.00"}]
[816,"冲洗阀阀芯",null,null,"个",{"v":2,"d":"2.00"},{"v":10,"d":"10.00"},{"v":20,"d":"20.00"}]
[817,"电热水龙头",null,null,"个",{"v":1,"d":"1.00"},{"v":175,"d":"175.00"},{"v":175,"d":"175.00"}]
[{"$f":"ROW()-2","v":818},"角阀",null,null,"个",{"v":2,"d":"2.00"},{"v":13,"d":"13.00"},{"$f":"F820*G820","v":{"v":26,"d":"26.00"}}]
[819,"角阀","日丰",null,"个",{"v":2,"d":"2.00"},{"v":25,"d":"25.00"},{"v":50,"d":"50.00"}]
[820,"水管","日丰","PPR20*2.3","根",{"v":2,"d":"2.00"},{"v":39,"d":"39.00"},{"v":78,"d":"78.00"}]
[821,"水管","日丰","PPR25*3.5","根",{"v":2,"d":"2.00"},{"v":49,"d":"49.00"},{"v":98,"d":"98.00"}]
[822,"水管","日丰","PPR32*4.4","根",{"v":2,"d":"2.00"},{"v":79,"d":"79.00"},{"v":158,"d":"158.00"}]
[823,"直接","日丰","PPR20","个",{"v":2,"d":"2.00"},{"v":3,"d":"3.00"},{"v":6,"d":"6.00"}]
[824,"直接","日丰","PPR25","个",{"v":2,"d":"2.00"},{"v":4,"d":"4.00"},{"v":8,"d":"8.00"}]
[825,"直接","日丰","PPR32","个",{"v":2,"d":"2.00"},{"v":6,"d":"6.00"},{"v":12,"d":"12.00"}]
[826,"弯头","日丰","PPR20","个",{"v":2,"d":"2.00"},{"v":3.5,"d":"3.50"},{"v":7,"d":"7.00"}]
[827,"弯头","日丰","PPR25","个",{"v":2,"d":"2.00"},{"v":5,"d":"5.00"},{"v":10,"d":"10.00"}]
[828,"弯头","日丰","PPR32","个",{"v":2,"d":"2.00"},{"v":8,"d":"8.00"},{"v":16,"d":"16.00"}]
[829,"三通","日丰","PPR20","个",{"v":2,"d":"2.00"},{"v":5,"d":"5.00"},{"v":10,"d":"10.00"}]
[830,"三通","日丰","PPR25","个",{"v":2,"d":"2.00"},{"v":7,"d":"7.00"},{"v":14,"d":"14.00"}]
[831,"三通","日丰","PPR32","个",{"v":2,"d":"2.00"},{"v":9,"d":"9.00"},{"v":18,"d":"18.00"}]
[832,"截止阀","日丰","PPR20","个",{"v":2,"d":"2.00"},{"v":69,"d":"69.00"},{"v":138,"d":"138.00"}]
[833,"截止阀","日丰","PPR25","个",{"v":2,"d":"2.00"},{"v":79,"d":"79.00"},{"v":158,"d":"158.00"}]
[834,"截止阀","日丰","PPR32","个",{"v":2,"d":"2.00"},{"v":99,"d":"99.00"},{"v":198,"d":"198.00"}]
[835,"外丝直接","日丰","PPR20","个",{"v":2,"d":"2.00"},{"v":24,"d":"24.00"},{"v":48,"d":"48.00"}]
[836,"外丝直接","日丰","PPR25","个",{"v":2,"d":"2.00"},{"v":36,"d":"36.00"},{"v":72,"d":"72.00"}]
[837,"外丝直接","日丰","PPR32","个",{"v":2,"d":"2.00"},{"v":59,"d":"59.00"},{"v":118,"d":"118.00"}]
[838,"内丝直接","日丰","PPR20","个",{"v":2,"d":"2.00"},{"v":21,"d":"21.00"},{"v":42,"d":"42.00"}]
[839,"内丝直接","日丰","PPR25","个",{"v":2,"d":"2.00"},{"v":31,"d":"31.00"},{"v":62,"d":"62.00"}]
[840,"内丝直接","日丰","PPR32","个",{"v":2,"d":"2.00"},{"v":58,"d":"58.00"},{"v":116,"d":"116.00"}]
[841,"内丝弯头","日丰","PPR20","个",{"v":2,"d":"2.00"},{"v":25,"d":"25.00"},{"v":50,"d":"50.00"}]
[842,"内丝弯头","日丰","PPR25","个",{"v":2,"d":"2.00"},{"v":29,"d":"29.00"},{"v":58,"d":"58.00"}]
[843,"内丝弯头","日丰","PPR32","个",{"v":2,"d":"2.00"},{"v":59,"d":"59.00"},{"v":118,"d":"118.00"}]
[844,"水管","联塑","PPR20*2.8","根",{"v":2,"d":"2.00"},{"v":17,"d":"17.00"},{"v":34,"d":"34.00"}]
[845,"水管","联塑","PPR25*3.5","根",{"v":2,"d":"2.00"},{"v":25,"d":"25.00"},{"v":50,"d":"50.00"}]
[846,"水管","联塑","PPR32*4.4","根",{"v":2,"d":"2.00"},{"v":40,"d":"40.00"},{"v":80,"d":"80.00"}]
[847,"水管","联塑","PPR40*5.5","根",{"v":2,"d":"2.00"},{"v":67,"d":"67.00"},{"v":134,"d":"134.00"}]
[848,"直接","联塑","PPR20","个",{"v":2,"d":"2.00"},{"v":0.8,"d":"0.80"},{"v":1.6,"d":"1.60"}]
[849,"直接","联塑","PPR25","个",{"v":2,"d":"2.00"},{"v":1,"d":"1.00"},{"v":2,"d":"2.00"}]
[850,"直接","联塑","PPR32","个",{"v":2,"d":"2.00"},{"v":2,"d":"2.00"},{"v":4,"d":"4.00"}]
[851,"直接","联塑","PPR40","个",{"v":2,"d":"2.00"},{"v":3.6,"d":"3.60"},{"v":7.2,"d":"7.20"}]
[852,"弯头","联塑","PPR20","个",{"v":2,"d":"2.00"},{"v":1.2,"d":"1.20"},{"v":2.4,"d":"2.40"}]
[853,"弯头","联塑","PPR25","个",{"v":2,"d":"2.00"},{"v":2,"d":"2.00"},{"v":4,"d":"4.00"}]
[854,"弯头","联塑","PPR32","个",{"v":2,"d":"2.00"},{"v":3.6,"d":"3.60"},{"v":7.2,"d":"7.20"}]
[855,"弯头","联塑","PPR40","个",{"v":2,"d":"2.00"},{"v":7,"d":"7.00"},{"v":14,"d":"14.00"}]
[856,"三通","联塑","PPR20","个",{"v":2,"d":"2.00"},{"v":1.4,"d":"1.40"},{"v":2.8,"d":"2.80"}]
[857,"三通","联塑","PPR25","个",{"v":2,"d":"2.00"},{"v":2.4,"d":"2.40"},{"v":4.8,"d":"4.80"}]
[858,"三通","联塑","PPR32","个",{"v":2,"d":"2.00"},{"v":3.5,"d":"3.50"},{"v":7,"d":"7.00"}]
[859,"三通","联塑","PPR40","个",{"v":2,"d":"2.00"},{"v":6,"d":"6.00"},{"v":12,"d":"12.00"}]
[860,"截止阀","联塑","PPR20","个",{"v":2,"d":"2.00"},{"v":20,"d":"20.00"},{"v":40,"d":"40.00"}]
[861,"截止阀","联塑","PPR25","个",{"v":2,"d":"2.00"},{"v":28,"d":"28.00"},{"v":56,"d":"56.00"}]
[862,"截止阀","联塑","PPR32","个",{"v":2,"d":"2.00"},{"v":45,"d":"45.00"},{"v":90,"d":"90.00"}]
[863,"外丝直接","联塑","PPR20","个",{"v":2,"d":"2.00"},{"v":6.6,"d":"6.60"},{"v":13.2,"d":"13.20"}]
[864,"外丝直接","联塑","PPR25","个",{"v":2,"d":"2.00"},{"v":7.2,"d":"7.20"},{"v":14.4,"d":"14.40"}]
[865,"外丝直接","联塑","PPR32","个",{"v":2,"d":"2.00"},{"v":10,"d":"10.00"},{"v":20,"d":"20.00"}]
[866,"外丝直接","联塑","PPR40","个",{"v":2,"d":"2.00"},{"v":28,"d":"28.00"},{"v":56,"d":"56.00"}]
[867,"内丝直接","联塑","PPR20","个",{"v":2,"d":"2.00"},{"v":3.2,"d":"3.20"},{"v":6.4,"d":"6.40"}]
[868,"内丝直接","联塑","PPR25","个",{"v":2,"d":"2.00"},{"v":4.5,"d":"4.50"},{"v":9,"d":"9.00"}]
[869,"内丝直接","联塑","PPR32","个",{"v":2,"d":"2.00"},{"v":5,"d":"5.00"},{"v":10,"d":"10.00"}]
[870,"内丝直接","联塑","PPR40","个",{"v":2,"d":"2.00"},{"v":5.6,"d":"5.60"},{"v":11.2,"d":"11.20"}]
[871,"内丝弯头","联塑","PPR20","个",{"v":2,"d":"2.00"},{"v":3.2,"d":"3.20"},{"v":6.4,"d":"6.40"}]
[872,"内丝弯头","联塑","PPR25","个",{"v":2,"d":"2.00"},{"v":4.5,"d":"4.50"},{"v":9,"d":"9.00"}]
[873,"内丝弯头","联塑","PPR32","个",{"v":2,"d":"2.00"},{"v":5,"d":"5.00"},{"v":10,"d":"10.00"}]
[874,"水管","田由","PPR20","根",{"v":4,"d":"4.00"},{"v":7,"d":"7.00"},{"v":28,"d":"28.00"}]
[875,"水管","田由","PPR25","根",{"v":4,"d":"4.00"},{"v":20,"d":"20.00"},{"v":80,"d":"80.00"}]
[876,"水管","田由","PPR32","根",{"v":4,"d":"4.00"},{"v":32,"d":"32.00"},{"v":128,"d":"128.00"}]
[877," 水管","田由","PPR50","根",{"v":4,"d":"4.00"},{"v":65,"d":"65.00"},{"v":260,"d":"260.00"}]
[878,"直接","田由","PPR20","个",{"v":10,"d":"10.00"},{"v":0.6,"d":"0.60"},{"v":6,"d":"6.00"}]
[879,"直接","田由","PPR25","个",{"v":10,"d":"10.00"},{"v":0.8,"d":"0.80"},{"v":8,"d":"8.00"}]
[{"$f":"ROW()-2","v":880},"直接","田由","PPR32","个",{"v":10,"d":"10.00"},{"v":1.6,"d":"1.60"},{"$f":"F882*G882","v":{"v":16,"d":"16.00"}}]
[881,"弯头","田由","PPR20","个",{"v":8,"d":"8.00"},{"v":1,"d":"1.00"},{"v":8,"d":"8.00"}]
[882,"弯头","田由","PPR25","个",{"v":8,"d":"8.00"},{"v":1.5,"d":"1.50"},{"v":12,"d":"12.00"}]
[883,"弯头","田由","PPR32","个",{"v":8,"d":"8.00"},{"v":2.8,"d":"2.80"},{"v":22.4,"d":"22.40"}]
[884,"弯头","田由","PPR50","个",{"v":8,"d":"8.00"},{"v":6,"d":"6.00"},{"v":48,"d":"48.00"}]
[885,"三通","田由","PPR20","个",{"v":7,"d":"7.00"},{"v":1,"d":"1.00"},{"v":7,"d":"7.00"}]
[886,"三通","田由","PPR25","个",{"v":7,"d":"7.00"},{"v":2,"d":"2.00"},{"v":14,"d":"14.00"}]
[887,"三通","田由","PPR32","个",{"v":7,"d":"7.00"},{"v":3.6,"d":"3.60"},{"v":25.2,"d":"25.20"}]
[888,"三通","田由","PPR50","个",{"v":7,"d":"7.00"},{"v":6.5,"d":"6.50"},{"v":45.5,"d":"45.50"}]
[889,"截止阀","田由","PPR20","个",{"v":7,"d":"7.00"},{"v":16,"d":"16.00"},{"v":112,"d":"112.00"}]
[890,"截止阀","田由","PPR25","个",{"v":7,"d":"7.00"},{"v":17,"d":"17.00"},{"v":119,"d":"119.00"}]
[891,"截止阀","田由","PPR32","个",{"v":7,"d":"7.00"},{"v":18,"d":"18.00"},{"v":126,"d":"126.00"}]
[892,"截止阀","田由","PPR40 ","个",{"v":7,"d":"7.00"},{"v":46,"d":"46.00"},{"v":322,"d":"322.00"}]
[893,"截止阀","田由","PPR50","个",{"v":2,"d":"2.00"},{"v":52,"d":"52.00"},{"v":104,"d":"104.00"}]
[894,"外丝直接","田由","PPR20","个",{"v":2,"d":"2.00"},{"v":6.6,"d":"6.60"},{"v":13.2,"d":"13.20"}]
[895,"外丝直接","田由","PPR25","个",{"v":10,"d":"10.00"},{"v":9,"d":"9.00"},{"v":90,"d":"90.00"}]
[896,"外丝直接","田由","PPR32","个",{"v":10,"d":"10.00"},{"v":13,"d":"13.00"},{"v":130,"d":"130.00"}]
[897,"内丝直接","田由","PPR20","个",{"v":10,"d":"10.00"},{"v":8,"d":"8.00"},{"v":80,"d":"80.00"}]
[898,"内丝直接","田由","PPR25","个",{"v":8,"d":"8.00"},{"v":9,"d":"9.00"},{"v":72,"d":"72.00"}]
[899,"内丝直接","田由","PPR32","个",{"v":8,"d":"8.00"},{"v":18,"d":"18.00"},{"v":144,"d":"144.00"}]
[900,"铜内丝直接","田由","PPR40 ","个",{"v":8,"d":"8.00"},{"v":20,"d":"20.00"},{"v":160,"d":"160.00"}]
[901,"铜内丝直接","田由","PPR50","个",{"v":9,"d":"9.00"},{"v":25,"d":"25.00"},{"v":225,"d":"225.00"}]
[902,"内丝弯头","田由","PPR20","个",{"v":9,"d":"9.00"},{"v":6,"d":"6.00"},{"v":54,"d":"54.00"}]
[903,"内牙弯头","田由","PPR25X20","个",{"v":9,"d":"9.00"},{"v":7,"d":"7.00"},{"v":63,"d":"63.00"}]
[904,"内丝弯头","田由","PPR25","个",{"v":9,"d":"9.00"},{"v":9,"d":"9.00"},{"v":81,"d":"81.00"}]
[905,"内丝弯头","田由","PPR32","个",{"v":7,"d":"7.00"},{"v":18,"d":"18.00"},{"v":126,"d":"126.00"}]
[906,"内丝弯头","田由","PPR63x50","个",{"v":7,"d":"7.00"},{"v":9,"d":"9.00"},{"v":63,"d":"63.00"}]
[907,"外丝堵头","田由","PPR 4分","个",{"v":7,"d":"7.00"},{"v":0.4,"d":"0.40"},{"v":2.8,"d":"2.80"}]
[908,"堵帽","田由","PPR DN25","个",{"v":7,"d":"7.00"},{"v":0.8,"d":"0.80"},{"v":5.6,"d":"5.60"}]
[909,"堵帽","田由","PPR DN25","个",{"v":7,"d":"7.00"},{"v":0.9,"d":"0.90"},{"v":6.3,"d":"6.30"}]
[910," 大小头","田由","PPR63x50","个",{"v":7,"d":"7.00"},{"v":5,"d":"5.00"},{"v":35,"d":"35.00"}]
[911,"快接",null,"PPR63","个",{"v":1,"d":"1.00"},{"v":20,"d":"20.00"},{"v":20,"d":"20.00"}]
[912,"抢修节","田由","PPR25","个",{"v":2,"d":"2.00"},{"v":5,"d":"5.00"},{"v":10,"d":"10.00"}]
[913,"水管","日丰","PVC 110*3.2*4米","根",{"v":2,"d":"2.00"},{"v":90,"d":"90.00"},{"v":180,"d":"180.00"}]
[914,"水管","日丰","PVC 75*2.3*4米","根",{"v":2,"d":"2.00"},{"v":64,"d":"64.00"},{"v":128,"d":"128.00"}]
[915,"水管","日丰","PVC 50*2.0*4米","根",{"v":2,"d":"2.00"},{"v":36,"d":"36.00"},{"v":72,"d":"72.00"}]
[916,"直接","日丰","PVC110","个",{"v":2,"d":"2.00"},{"v":9,"d":"9.00"},{"v":18,"d":"18.00"}]
[917,"直接","日丰","PVC75","个",{"v":5,"d":"5.00"},{"v":6,"d":"6.00"},{"v":30,"d":"30.00"}]
[918,"直接","日丰","PVC50","个",{"v":5,"d":"5.00"},{"v":3,"d":"3.00"},{"v":15,"d":"15.00"}]
[919,"弯头","日丰","PVC110","个",{"v":5,"d":"5.00"},{"v":12,"d":"12.00"},{"v":60,"d":"60.00"}]
[920,"弯头","日丰","PVC75","个",{"v":5,"d":"5.00"},{"v":6,"d":"6.00"},{"v":30,"d":"30.00"}]
[921,"弯头","日丰","PVC50","个",{"v":5,"d":"5.00"},{"v":3,"d":"3.00"},{"v":15,"d":"15.00"}]
[922,"三通","日丰","PVC110","个",{"v":5,"d":"5.00"},{"v":17,"d":"17.00"},{"v":85,"d":"85.00"}]
[923,"三通","日丰","PVC75","个",{"v":5,"d":"5.00"},{"v":9,"d":"9.00"},{"v":45,"d":"45.00"}]
[924,"三通","日丰","PVC50","个",{"v":5,"d":"5.00"},{"v":5,"d":"5.00"},{"v":25,"d":"25.00"}]
[925,"大小头","日丰","PVC110*75","个",{"v":5,"d":"5.00"},{"v":7,"d":"7.00"},{"v":35,"d":"35.00"}]
[926,"大小头","日丰","PVC110*50","个",{"v":5,"d":"5.00"},{"v":6,"d":"6.00"},{"v":30,"d":"30.00"}]
[927,"大小头","日丰","PVC75*50","个",{"v":5,"d":"5.00"},{"v":3.5,"d":"3.50"},{"v":17.5,"d":"17.50"}]
[928,"大小头","日丰","PVC32*25","个",{"v":2,"d":"2.00"},{"v":1,"d":"1.00"},{"v":2,"d":"2.00"}]
[{"$f":"ROW()-2","v":929},"水管","联塑","A管PVC 110*3.2*4米","根",{"v":2,"d":"2.00"},{"v":84,"d":"84.00"},{"$f":"F931*G931","v":{"v":168,"d":"168.00"}}]
[930,"水管","联塑","A管PVC 75*2.3*4米","根",{"v":2,"d":"2.00"},{"v":56,"d":"56.00"},{"v":112,"d":"112.00"}]
[931,"水管","联塑","S管PVC 50*2.0*4米","根",{"v":2,"d":"2.00"},{"v":32,"d":"32.00"},{"v":64,"d":"64.00"}]
[932,"直接","联塑","PVC110","个",{"v":2,"d":"2.00"},{"v":5,"d":"5.00"},{"v":10,"d":"10.00"}]
[933,"直接","联塑","PVC75","个",{"v":2,"d":"2.00"},{"v":2.5,"d":"2.50"},{"v":5,"d":"5.00"}]
[934,"直接","联塑","PVC50","个",{"v":2,"d":"2.00"},{"v":1,"d":"1.00"},{"v":2,"d":"2.00"}]
[935,"弯头","联塑","PVC110","个",{"v":2,"d":"2.00"},{"v":9,"d":"9.00"},{"v":18,"d":"18.00"}]
[936,"弯头","联塑","PVC75","个",{"v":2,"d":"2.00"},{"v":5,"d":"5.00"},{"v":10,"d":"10.00"}]
[937,"弯头","联塑","PVC50","个",{"v":2,"d":"2.00"},{"v":2,"d":"2.00"},{"v":4,"d":"4.00"}]
[938,"三通","联塑","PVC110","个",{"v":2,"d":"2.00"},{"v":13,"d":"13.00"},{"v":26,"d":"26.00"}]
[939,"三通","联塑","PVC75","个",{"v":2,"d":"2.00"},{"v":6,"d":"6.00"},{"v":12,"d":"12.00"}]
[940,"三通","联塑","PVC50","个",{"v":2,"d":"2.00"},{"v":2.5,"d":"2.50"},{"v":5,"d":"5.00"}]
[941,"大小头","联塑","PVC110*75","个",{"v":2,"d":"2.00"},{"v":4.5,"d":"4.50"},{"v":9,"d":"9.00"}]
[942,"大小头","联塑","PVC110*50","个",{"v":2,"d":"2.00"},{"v":4,"d":"4.00"},{"v":8,"d":"8.00"}]
[943,"大小头","联塑","PVC75*50","个",{"v":2,"d":"2.00"},{"v":2,"d":"2.00"},{"v":4,"d":"4.00"}]
[944,"水管","鑫亚","PVC 110*3.2*4米","根",{"v":2,"d":"2.00"},{"v":60,"d":"60.00"},{"v":120,"d":"120.00"}]
[945,"水管","鑫亚","PVC 75*2.3*4米","根",{"v":2,"d":"2.00"},{"v":33,"d":"33.00"},{"v":66,"d":"66.00"}]
[946,"水管","鑫亚","PVC 50*2.0*4米","根",{"v":2,"d":"2.00"},{"v":28,"d":"28.00"},{"v":56,"d":"56.00"}]
[947,"直接","鑫亚","PVC110","个",{"v":2,"d":"2.00"},{"v":3,"d":"3.00"},{"v":6,"d":"6.00"}]
[948,"直接","鑫亚","PVC75","个",{"v":2,"d":"2.00"},{"v":1.5,"d":"1.50"},{"v":3,"d":"3.00"}]
[949,"直接","鑫亚","PVC50","个",{"v":2,"d":"2.00"},{"v":0.8,"d":"0.80"},{"v":1.6,"d":"1.60"}]
[950,"弯头","鑫亚","PVC110","个",{"v":2,"d":"2.00"},{"v":5,"d":"5.00"},{"v":10,"d":"10.00"}]
[951,"弯头","鑫亚","PVC75","个",{"v":2,"d":"2.00"},{"v":3,"d":"3.00"},{"v":6,"d":"6.00"}]
[952,"弯头","鑫亚","PVC50","个",{"v":2,"d":"2.00"},{"v":1.5,"d":"1.50"},{"v":3,"d":"3.00"}]
[953,"三通","鑫亚","PVC110","个",{"v":2,"d":"2.00"},{"v":9,"d":"9.00"},{"v":18,"d":"18.00"}]
[954,"三通","鑫亚","PVC75","个",{"v":2,"d":"2.00"},{"v":5,"d":"5.00"},{"v":10,"d":"10.00"}]
[955,"三通","鑫亚","PVC50","个",{"v":2,"d":"2.00"},{"v":2,"d":"2.00"},{"v":4,"d":"4.00"}]
[956,"大小头","鑫亚","PVC110*75","个",{"v":2,"d":"2.00"},{"v":2.5,"d":"2.50"},{"v":5,"d":"5.00"}]
[957,"大小头","鑫亚","PVC110*50","个",{"v":2,"d":"2.00"},{"v":2.5,"d":"2.50"},{"v":5,"d":"5.00"}]
[958,"大小头","鑫亚","PVC75*50","个",{"v":2,"d":"2.00"},{"v":1.5,"d":"1.50"},{"v":3,"d":"3.00"}]
[959,"存水弯",null,"PVC50","个",{"v":1,"d":"1.00"},{"v":4,"d":"4.00"},{"v":4,"d":"4.00"}]
[960,"管帽堵头",null,"PVC110","个",{"v":1,"d":"1.00"},{"v":5,"d":"5.00"},{"v":5,"d":"5.00"}]
[961,"管帽堵头",null,"PVC50","个",{"v":1,"d":"1.00"},{"v":2.5,"d":"2.50"},{"v":2.5,"d":"2.50"}]
[{"$f":"ROW()-2","v":962},"水管","联塑","PVC20*2.0*4米2.0MPA","根",{"v":2,"d":"2.00"},{"v":15,"d":"15.00"},{"$f":"F964*G964","v":{"v":30,"d":"30.00"}}]
[963,"水管","联塑","PVC25*2.0*4米1.6MPA","根",{"v":2,"d":"2.00"},{"v":18,"d":"18.00"},{"v":36,"d":"36.00"}]
[964,"水管","联塑","PVC32*2.4*4米1.6MPA","根",{"v":2,"d":"2.00"},{"v":28,"d":"28.00"},{"v":56,"d":"56.00"}]
[965,"水管","联塑","PVC40*2.0*4米1.0MPA","根",{"v":2,"d":"2.00"},{"v":31,"d":"31.00"},{"v":62,"d":"62.00"}]
[966,"水管","联塑","PVC50*2.4*4米1.0MPA","根",{"v":2,"d":"2.00"},{"v":46,"d":"46.00"},{"v":92,"d":"92.00"}]
[967,"水管","联塑","PVC63*3.0*4米1.0MPA","根",{"v":2,"d":"2.00"},{"v":72,"d":"72.00"},{"v":144,"d":"144.00"}]
[968,"直接","联塑","PVC20","个",{"v":2,"d":"2.00"},{"v":0.6,"d":"0.60"},{"v":1.2,"d":"1.20"}]
[969,"直接","联塑","PVC25","个",{"v":2,"d":"2.00"},{"v":0.8,"d":"0.80"},{"v":1.6,"d":"1.60"}]
[970,"直接","联塑","PVC32","个",{"v":2,"d":"2.00"},{"v":1.1,"d":"1.10"},{"v":2.2,"d":"2.20"}]
[971,"直接","联塑","PVC40","个",{"v":2,"d":"2.00"},{"v":1.7,"d":"1.70"},{"v":3.4,"d":"3.40"}]
[972,"直接","联塑","PVC50","个",{"v":2,"d":"2.00"},{"v":2.9,"d":"2.90"},{"v":5.8,"d":"5.80"}]
[973,"直接","联塑","PVC63","个",{"v":2,"d":"2.00"},{"v":4.5,"d":"4.50"},{"v":9,"d":"9.00"}]
[974,"弯头","联塑","PVC20","个",{"v":2,"d":"2.00"},{"v":0.8,"d":"0.80"},{"v":1.6,"d":"1.60"}]
[975,"弯头","联塑","PVC25","个",{"v":2,"d":"2.00"},{"v":1.1,"d":"1.10"},{"v":2.2,"d":"2.20"}]
[976,"弯头","联塑","PVC32","个",{"v":2,"d":"2.00"},{"v":1.8,"d":"1.80"},{"v":3.6,"d":"3.60"}]
[977,"弯头","联塑","PVC40","个",{"v":2,"d":"2.00"},{"v":3,"d":"3.00"},{"v":6,"d":"6.00"}]
[978,"弯头","联塑","PVC50","个",{"v":2,"d":"2.00"},{"v":4.7,"d":"4.70"},{"v":9.4,"d":"9.40"}]
[979,"弯头","联塑","PVC63","个",{"v":2,"d":"2.00"},{"v":7.7,"d":"7.70"},{"v":15.4,"d":"15.40"}]
[980,"三通","联塑","PVC20","个",{"v":2,"d":"2.00"},{"v":1,"d":"1.00"},{"v":2,"d":"2.00"}]
[981,"三通","联塑","PVC25","个",{"v":2,"d":"2.00"},{"v":1.5,"d":"1.50"},{"v":3,"d":"3.00"}]
[982,"三通","联塑","PVC32","个",{"v":2,"d":"2.00"},{"v":2.2,"d":"2.20"},{"v":4.4,"d":"4.40"}]
[983,"三通","联塑","PVC40","个",{"v":2,"d":"2.00"},{"v":4,"d":"4.00"},{"v":8,"d":"8.00"}]
[984,"三通","联塑","PVC50","个",{"v":2,"d":"2.00"},{"v":7,"d":"7.00"},{"v":14,"d":"14.00"}]
[985,"三通","联塑","PVC63","个",{"v":2,"d":"2.00"},{"v":11,"d":"11.00"},{"v":22,"d":"22.00"}]
[986,"大小头","联塑","PVC25*20","个",{"v":2,"d":"2.00"},{"v":0.7,"d":"0.70"},{"v":1.4,"d":"1.40"}]
[987,"大小头","联塑","PVC32*25","个",{"v":2,"d":"2.00"},{"v":1.1,"d":"1.10"},{"v":2.2,"d":"2.20"}]
[988,"大小头","联塑","PVC40*32","个",{"v":2,"d":"2.00"},{"v":2,"d":"2.00"},{"v":4,"d":"4.00"}]
[989,"大小头","联塑","PVC50*32","个",{"v":2,"d":"2.00"},{"v":2.8,"d":"2.80"},{"v":5.6,"d":"5.60"}]
[990,"大小头","联塑","PVC63*50","个",{"v":2,"d":"2.00"},{"v":5,"d":"5.00"},{"v":10,"d":"10.00"}]
[991,"球阀","联塑","PVC25","个",{"v":2,"d":"2.00"},{"v":11,"d":"11.00"},{"v":22,"d":"22.00"}]
[992,"球阀","联塑","PVC50","个",{"v":2,"d":"2.00"},{"v":33,"d":"33.00"},{"v":66,"d":"66.00"}]
[993,"球阀","联塑","PVC63","个",{"v":2,"d":"2.00"},{"v":51,"d":"51.00"},{"v":102,"d":"102.00"}]
[994,"内丝直接","联塑","PVC20","个",{"v":2,"d":"2.00"},{"v":2.5,"d":"2.50"},{"v":5,"d":"5.00"}]
[995,"内丝直接","联塑","PVC25*20","个",{"v":2,"d":"2.00"},{"v":4.5,"d":"4.50"},{"v":9,"d":"9.00"}]
[996,"内丝直接","联塑","PVC 25x32","个",{"v":2,"d":"2.00"},{"v":7,"d":"7.00"},{"v":14,"d":"14.00"}]
[997,"快接","联塑","PVC  25","个",{"v":2,"d":"2.00"},{"v":7.5,"d":"7.50"},{"v":15,"d":"15.00"}]
[998,"快接","联塑","PVC  32","个",{"v":2,"d":"2.00"},{"v":10,"d":"10.00"},{"v":20,"d":"20.00"}]
[999,"快接","联塑","PVC  50","个",{"v":2,"d":"2.00"},{"v":18,"d":"18.00"},{"v":36,"d":"36.00"}]
[1000,"快接","联塑","PVC  63","个",{"v":2,"d":"2.00"},{"v":23,"d":"23.00"},{"v":46,"d":"46.00"}]
[1001,"水管","鑫亚","PVC20*2.0*4米2.0MPA","个",{"v":2,"d":"2.00"},{"v":9.6,"d":"9.60"},{"v":19.2,"d":"19.20"}]
[1002,"水管","鑫亚","PVC25*2.0*4米1.6MPA","个",{"v":2,"d":"2.00"},{"v":12,"d":"12.00"},{"v":24,"d":"24.00"}]
[1003,"水管","鑫亚","PVC32*2.4*4米1.6MPA","个",{"v":2,"d":"2.00"},{"v":16,"d":"16.00"},{"v":32,"d":"32.00"}]
[1004,"水管","鑫亚","PVC50*2.4*4米1.0MPA","个",{"v":2,"d":"2.00"},{"v":32,"d":"32.00"},{"v":64,"d":"64.00"}]
[1005,"水管","鑫亚","PVC63*3.0*4米1.0MPA","个",{"v":2,"d":"2.00"},{"v":52,"d":"52.00"},{"v":104,"d":"104.00"}]
[1006,"直接","鑫亚","PVC20","个",{"v":2,"d":"2.00"},{"v":0.5,"d":"0.50"},{"v":1,"d":"1.00"}]
[1007,"直接","鑫亚","PVC25","个",{"v":2,"d":"2.00"},{"v":0.8,"d":"0.80"},{"v":1.6,"d":"1.60"}]
[1008,"直接","鑫亚","PVC32","个",{"v":2,"d":"2.00"},{"v":0.9,"d":"0.90"},{"v":1.8,"d":"1.80"}]
[1009,"直接","鑫亚","PVC40","个",{"v":2,"d":"2.00"},{"v":1.7,"d":"1.70"},{"v":3.4,"d":"3.40"}]
[1010,"直接","鑫亚","PVC50","个",{"v":2,"d":"2.00"},{"v":2.3,"d":"2.30"},{"v":4.6,"d":"4.60"}]
[1011,"直接","鑫亚","PVC63","个",{"v":2,"d":"2.00"},{"v":4.1,"d":"4.10"},{"v":8.2,"d":"8.20"}]
[1012,"弯头","鑫亚","PVC20","个",{"v":2,"d":"2.00"},{"v":0.7,"d":"0.70"},{"v":1.4,"d":"1.40"}]
[1013,"弯头","鑫亚","PVC25","个",{"v":2,"d":"2.00"},{"v":1,"d":"1.00"},{"v":2,"d":"2.00"}]
[1014,"弯头","鑫亚","PVC32","个",{"v":2,"d":"2.00"},{"v":1.5,"d":"1.50"},{"v":3,"d":"3.00"}]
[1015,"弯头","鑫亚","PVC40","个",{"v":2,"d":"2.00"},{"v":2.4,"d":"2.40"},{"v":4.8,"d":"4.80"}]
[1016,"弯头","鑫亚","PVC50","个",{"v":2,"d":"2.00"},{"v":5,"d":"5.00"},{"v":10,"d":"10.00"}]
[1017,"弯头","鑫亚","PVC63","个",{"v":2,"d":"2.00"},{"v":6,"d":"6.00"},{"v":12,"d":"12.00"}]
[1018,"三通","鑫亚","PVC20","个",{"v":2,"d":"2.00"},{"v":0.9,"d":"0.90"},{"v":1.8,"d":"1.80"}]
[1019,"三通","鑫亚","PVC25","个",{"v":2,"d":"2.00"},{"v":1.5,"d":"1.50"},{"v":3,"d":"3.00"}]
[1020,"三通","鑫亚","PVC32","个",{"v":2,"d":"2.00"},{"v":2,"d":"2.00"},{"v":4,"d":"4.00"}]
[1021,"三通","鑫亚","PVC40","个",{"v":2,"d":"2.00"},{"v":3,"d":"3.00"},{"v":6,"d":"6.00"}]
[1022,"三通","鑫亚","PVC50","个",{"v":2,"d":"2.00"},{"v":5.5,"d":"5.50"},{"v":11,"d":"11.00"}]
[1023,"三通","鑫亚","PVC63","个",{"v":2,"d":"2.00"},{"v":9,"d":"9.00"},{"v":18,"d":"18.00"}]
[1024,"大小头","鑫亚","PVC25*20","个",{"v":2,"d":"2.00"},{"v":0.6,"d":"0.60"},{"v":1.2,"d":"1.20"}]
[1025,"大小头","鑫亚","PVC32*25","个",{"v":2,"d":"2.00"},{"v":1,"d":"1.00"},{"v":2,"d":"2.00"}]
[{"$f":"ROW()-2","v":1026},"大小头","鑫亚","PVC40*32","个",{"v":2,"d":"2.00"},{"v":1.8,"d":"1.80"},{"$f":"F1028*G1028","v":{"v":3.6,"d":"3.60"}}]
[1027,"大小头","鑫亚","PVC50*32","个",{"v":2,"d":"2.00"},{"v":2.4,"d":"2.40"},{"v":4.8,"d":"4.80"}]
[1028,"大小头","鑫亚","PVC63*50","个",{"v":2,"d":"2.00"},{"v":4.2,"d":"4.20"},{"v":8.4,"d":"8.40"}]
[1029,"大小头 ","鑫亚","PVC75X63","个",{"v":2,"d":"2.00"},{"v":5,"d":"5.00"},{"v":10,"d":"10.00"}]
[1030,"球阀","鑫亚","PVC25","个",{"v":2,"d":"2.00"},{"v":9,"d":"9.00"},{"v":18,"d":"18.00"}]
[1031,"球阀","鑫亚","PVC50","个",{"v":2,"d":"2.00"},{"v":30,"d":"30.00"},{"v":60,"d":"60.00"}]
[1032,"球阀","鑫亚","PVC63","个",{"v":2,"d":"2.00"},{"v":39,"d":"39.00"},{"v":78,"d":"78.00"}]
[1033,"内丝直接","鑫亚","PVC25*20","个",{"v":2,"d":"2.00"},{"v":2.5,"d":"2.50"},{"v":5,"d":"5.00"}]
[1034,"内丝直接","鑫亚","PVC 25x32","个",{"v":2,"d":"2.00"},{"v":4,"d":"4.00"},{"v":8,"d":"8.00"}]
[1035,"内丝直接","鑫亚","PVC63","个",{"v":2,"d":"2.00"},{"v":4.5,"d":"4.50"},{"v":9,"d":"9.00"}]
[1036,"外丝弯头","鑫亚","PVC63","个",{"v":2,"d":"2.00"},{"v":4.5,"d":"4.50"},{"v":9,"d":"9.00"}]
[1037,"快接","鑫亚","PVC  25","个",{"v":2,"d":"2.00"},{"v":5,"d":"5.00"},{"v":10,"d":"10.00"}]
[1038,"快接","鑫亚","PVC  32","个",{"v":2,"d":"2.00"},{"v":6,"d":"6.00"},{"v":12,"d":"12.00"}]
[1039,"快接","鑫亚","PVC  50","个",{"v":2,"d":"2.00"},{"v":15,"d":"15.00"},{"v":30,"d":"30.00"}]
[1040,"快接","鑫亚","PVC  63","个",{"v":2,"d":"2.00"},{"v":20,"d":"20.00"},{"v":40,"d":"40.00"}]
[1041,"堵头","鑫亚","PVC  50","个",{"v":2,"d":"2.00"},{"v":2,"d":"2.00"},{"v":4,"d":"4.00"}]
[1042,"堵头","鑫亚","PVC  63","个",{"v":2,"d":"2.00"},{"v":2.5,"d":"2.50"},{"v":5,"d":"5.00"}]
[1043,"卡扣",null,"PVC  50","个",{"v":2,"d":"2.00"},{"v":0.8,"d":"0.80"},{"v":1.6,"d":"1.60"}]
[1044,"水管",null,"PVC200","根",{"v":1,"d":"1.00"},{"v":120,"d":"120.00"},{"v":120,"d":"120.00"}]
[1045,"三通",null,"PVC200","个",{"v":1,"d":"1.00"},{"v":23,"d":"23.00"},{"v":23,"d":"23.00"}]
[1046,"弯头",null,"PVC200","个",{"v":1,"d":"1.00"},{"v":17.6,"d":"17.60"},{"v":17.6,"d":"17.60"}]
[1047,"带丝堵头",null,"PVC200","个",{"v":1,"d":"1.00"},{"v":18,"d":"18.00"},{"v":18,"d":"18.00"}]
[1048,"给水水管",null,"PVC90","根",{"v":1,"d":"1.00"},{"v":93,"d":"93.00"},{"v":93,"d":"93.00"}]
[1049,"给水直接",null,"PVC90","个",{"v":2,"d":"2.00"},{"v":6.8,"d":"6.80"},{"v":13.6,"d":"13.60"}]
[1050,"热熔器",null,"20-32","个",{"v":1,"d":"1.00"},{"v":60,"d":"60.00"},{"v":60,"d":"60.00"}]
[1051,"热熔器",null,"20-63","个",{"v":1,"d":"1.00"},{"v":110,"d":"110.00"},{"v":110,"d":"110.00"}]
[1052,"水箱接头",null,"PVC110","个",{"v":1,"d":"1.00"},{"v":78,"d":"78.00"},{"v":78,"d":"78.00"}]
[1053,"立式维修口",null,"PVC110","个",{"v":1,"d":"1.00"},{"v":8,"d":"8.00"},{"v":8,"d":"8.00"}]
[{"$f":"ROW()-2","v":1054},"金属卡",null,null,"个",{"v":2,"d":"2.00"},{"v":0.1,"d":"0.10"},{"v":0.2,"d":"0.20"}]
[1055,"消防卡箍",null,{"v":65,"d":"65.00"},"个",{"v":2,"d":"2.00"},{"v":1.5,"d":"1.50"},{"v":3,"d":"3.00"}]
[1056,"25卡箍",null,null,"个",{"v":2,"d":"2.00"},{"v":1,"d":"1.00"},{"v":2,"d":"2.00"}]
[1057,"65卡箍",null,null,"个",{"v":2,"d":"2.00"},{"v":1.5,"d":"1.50"},{"v":3,"d":"3.00"}]
[1058,"70-83卡箍",null,null,"个",{"v":2,"d":"2.00"},{"v":1.5,"d":"1.50"},{"v":3,"d":"3.00"}]
[1059,"60-83卡箍",null,null,"个",{"v":2,"d":"2.00"},{"v":1.5,"d":"1.50"},{"v":3,"d":"3.00"}]
[1060,"76-92卡箍",null,null,"个",{"v":2,"d":"2.00"},{"v":1.8,"d":"1.80"},{"v":3.6,"d":"3.60"}]
[1061,"78-101卡箍",null,null,"个",{"v":2,"d":"2.00"},{"v":1.8,"d":"1.80"},{"v":3.6,"d":"3.60"}]
[1062,"100法兰闸阀",null,null,"个",{"v":1,"d":"1.00"},{"v":260,"d":"260.00"},{"v":260,"d":"260.00"}]
[1063,"20带锁铜闸阀",null,null,"个",{"v":1,"d":"1.00"},{"v":22,"d":"22.00"},{"v":22,"d":"22.00"}]
[1064,"100手柄蝶阀",null,null,"个",{"v":1,"d":"1.00"},{"v":95,"d":"95.00"},{"v":95,"d":"95.00"}]
[1065,"100法兰卡箍",null,null,"个",{"v":2,"d":"2.00"},{"v":15,"d":"15.00"},{"v":30,"d":"30.00"}]
[1066,"外丝堵头",null,{"v":20,"d":"20.00"},"个",{"v":2,"d":"2.00"},{"v":1,"d":"1.00"},{"$f":"F1068*G1068","v":{"v":2,"d":"2.00"}}]
[1067,"卡箍",null,null,"个",{"v":2,"d":"2.00"},{"v":2,"d":"2.00"},{"v":4,"d":"4.00"}]
[1068,"水管剪刀   大号","易克",null,"把",{"v":2,"d":"2.00"},{"v":26,"d":"26.00"},{"v":52,"d":"52.00"}]
[1069,"胶水",null,"小瓶","瓶",{"v":2,"d":"2.00"},{"v":3.5,"d":"3.50"},{"v":7,"d":"7.00"}]
[1070,"胶水",null,"中瓶","瓶",{"v":2,"d":"2.00"},{"v":6,"d":"6.00"},{"v":12,"d":"12.00"}]
[1071,"胶水",null,"大瓶","瓶",{"v":2,"d":"2.00"},{"v":8,"d":"8.00"},{"v":16,"d":"16.00"}]
[1072,"生料带",null,"小瓶","瓶",{"v":1,"d":"1.00"},{"v":5,"d":"5.00"},{"v":5,"d":"5.00"}]
[1073,"给水胶水",null,"大瓶","瓶",{"v":2,"d":"2.00"},{"v":16,"d":"16.00"},{"v":32,"d":"32.00"}]
[1074,"生料带",null,null,"卷",{"v":2,"d":"2.00"},{"v":1,"d":"1.00"},{"v":2,"d":"2.00"}]
[1075,"不锈钢内外丝接头",null,"1寸*4分","个",{"v":2,"d":"2.00"},{"v":3,"d":"3.00"},{"v":6,"d":"6.00"}]
[1076,"消防栓转轮",null,null,"个",{"v":2,"d":"2.00"},{"v":10,"d":"10.00"},{"v":20,"d":"20.00"}]
[1077,"65消防栓管牙接头",null,null,"个",{"v":2,"d":"2.00"},{"v":9,"d":"9.00"},{"v":18,"d":"18.00"}]
[1078,"取水阀（三件套）",null,null,"套",{"v":2,"d":"2.00"},{"v":15,"d":"15.00"},{"v":30,"d":"30.00"}]
[1079,"热熔机  32-63A",null,null,"台",{"v":2,"d":"2.00"},{"v":110,"d":"110.00"},{"v":220,"d":"220.00"}]
[1080,"PE200水管",null,null,"米",{"v":1,"d":"1.00"},{"v":96,"d":"96.00"},{"v":96,"d":"96.00"}]
[{"$f":"ROW()-2","v":1081},"PE100水管",null,null,"米",{"v":1,"d":"1.00"},{"v":50,"d":"50.00"},{"$f":"F1083*G1083","v":{"v":50,"d":"50.00"}}]
[1082,"PE40水管",null,null,"米",{"v":1,"d":"1.00"},{"v":6.5,"d":"6.50"},{"$f":"F1084*G1084","v":{"v":6.5,"d":"6.50"}}]
[1083,"PE40直接",null,null,"个",{"v":1,"d":"1.00"},{"v":1.5,"d":"1.50"},{"v":1.5,"d":"1.50"}]
[1084,"PE40截止阀",null,null,"个",{"v":1,"d":"1.00"},{"v":18,"d":"18.00"},{"v":18,"d":"18.00"}]
[1085,"PE20截止阀",null,null,"个",{"v":1,"d":"1.00"},{"v":8,"d":"8.00"},{"v":8,"d":"8.00"}]
[1086,"PE40*20三通",null,null,"个",{"v":1,"d":"1.00"},{"v":1.5,"d":"1.50"},{"v":1.5,"d":"1.50"}]
[1087,"PE40堵头",null,null,"个",{"v":1,"d":"1.00"},{"v":1,"d":"1.00"},{"v":1,"d":"1.00"}]
[1088,"PE20弯头",null,null,"个",{"v":1,"d":"1.00"},{"v":0.6,"d":"0.60"},{"v":0.6,"d":"0.60"}]
[1089,"铁补芯",null,"25X20","个",{"v":2,"d":"2.00"},{"v":5,"d":"5.00"},{"v":10,"d":"10.00"}]
[1090,"内丝铁堵头",null,"DN65","个",{"v":1,"d":"1.00"},{"v":25,"d":"25.00"},{"v":25,"d":"25.00"}]
[1091,"内丝铁堵头",null,null,"个",{"v":2,"d":"2.00"},{"v":1.5,"d":"1.50"},{"v":3,"d":"3.00"}]
[1092,"不锈钢弯头",null,"DN25","个",{"v":2,"d":"2.00"},{"v":9,"d":"9.00"},{"v":18,"d":"18.00"}]
[1093,"哈夫节",null,"DN200*200","个",{"v":1,"d":"1.00"},{"v":140,"d":"140.00"},{"v":140,"d":"140.00"}]
[{"$f":"ROW()-2","v":1094},"哈夫节",null,"100*300","个",{"v":1,"d":"1.00"},{"v":112,"d":"112.00"},{"v":112,"d":"112.00"}]
[1095,"哈夫节",null,"40*300","个",{"v":1,"d":"1.00"},{"v":65,"d":"65.00"},{"v":65,"d":"65.00"}]
[1096,"哈夫节",null,"40*200","个",{"v":1,"d":"1.00"},{"v":45,"d":"45.00"},{"v":45,"d":"45.00"}]
[1097,"承口哈夫节",null,"DN65*200","个",{"v":1,"d":"1.00"},{"v":90,"d":"90.00"},{"v":90,"d":"90.00"}]
[1098,"承口哈夫节",null,"DN100*300","个",{"v":1,"d":"1.00"},{"v":230,"d":"230.00"},{"v":230,"d":"230.00"}]
[1099,"承口哈夫节",null,"DN200*300","个",{"v":1,"d":"1.00"},{"v":420,"d":"420.00"},{"v":420,"d":"420.00"}]
[{"$f":"ROW()-2","v":1100},"止回阀",null,"DN65","个",{"v":1,"d":"1.00"},{"v":75,"d":"75.00"},{"v":75,"d":"75.00"}]
[1101,"  抢修节","铁质","DN50","个",{"v":2,"d":"2.00"},{"v":63,"d":"63.00"},{"v":126,"d":"126.00"}]
[1102,"  抢修节","铁质","DN63","个",{"v":2,"d":"2.00"},{"v":68,"d":"68.00"},{"v":136,"d":"136.00"}]
[1103,"  抢修节","铁质","DN65","个",{"v":2,"d":"2.00"},{"v":48,"d":"48.00"},{"v":96,"d":"96.00"}]
[1104,"  抢修节","铁质","DN90","个",{"v":2,"d":"2.00"},{"v":58,"d":"58.00"},{"v":116,"d":"116.00"}]
[1105,"镀锌内丝直接",null,"DN75*63","个",{"v":5,"d":"5.00"},{"v":10,"d":"10.00"},{"v":50,"d":"50.00"}]
[1106,"铜快冲阀",null,null,"个",{"v":1,"d":"1.00"},{"v":50,"d":"50.00"},{"v":50,"d":"50.00"}]
[1107,"32水表",null,null,"个",{"v":3,"d":"3.00"},{"v":78,"d":"78.00"},{"v":234,"d":"234.00"}]
[1108,"40水表",null,null,"个",{"v":2,"d":"2.00"},{"v":135,"d":"135.00"},{"v":270,"d":"270.00"}]
[1109,"20铜球阀",null,null,"个",{"v":2,"d":"2.00"},{"v":18.5,"d":"18.50"},{"v":37,"d":"37.00"}]
[1110,"25铜球阀",null,null,"个",{"v":2,"d":"2.00"},{"v":26,"d":"26.00"},{"v":52,"d":"52.00"}]
[1111,"32铜球阀",null,null,"个",{"v":2,"d":"2.00"},{"v":42,"d":"42.00"},{"v":84,"d":"84.00"}]
[1112,"3/8不锈钢球阀",null,null,"个",{"v":5,"d":"5.00"},{"v":16.5,"d":"16.50"},{"v":82.5,"d":"82.50"}]
[1113,"空调排水管",null,null,"卷",{"v":30,"d":"30.00"},{"v":20,"d":"20.00"},{"v":600,"d":"600.00"}]
[1114,"脚踏垃圾桶",null,null,"个",{"v":20,"d":"20.00"},{"v":118,"d":"118.00"},{"v":2360,"d":"2,360.00"}]
[1115,"不锈钢挂钩",null,null,"个",{"v":30,"d":"30.00"},{"v":4.5,"d":"4.50"},{"v":135,"d":"135.00"}]
[1116,"不锈钢挂钩配螺丝","小号",null,"个",{"v":2,"d":"2.00"},{"v":3,"d":"3.00"},{"v":6,"d":"6.00"}]
[1117,"塑料空调管",null,null,"卷",{"v":3,"d":"3.00"},{"v":30,"d":"30.00"},{"v":90,"d":"90.00"}]
[1118,"调温电炉",null,"3000W","个",{"v":2,"d":"2.00"},{"v":145,"d":"145.00"},{"v":290,"d":"290.00"}]
[1119,"信封",null,null,"个",{"v":100,"d":"100.00"},0.06,{"v":6,"d":"6.00"}]
[1120,"手纱套（普通）",null,null,"双",{"v":1,"d":"1.00"},{"v":1,"d":"1.00"},{"v":1,"d":"1.00"}]
[1121,"帆布手套",null,null,"双",{"v":1,"d":"1.00"},{"v":1.9,"d":"1.90"},{"v":1.9,"d":"1.90"}]
[1122,"手套(牛筋)",null,"双","双",{"v":1,"d":"1.00"},{"v":3.5,"d":"3.50"},{"$f":"F1124*G1124","v":{"v":3.5,"d":"3.50"}}]
[1123,"防滑手套(牛筋)",null,"双","双",{"v":1,"d":"1.00"},{"v":5.5,"d":"5.50"},{"v":5.5,"d":"5.50"}]
[1124,"绝缘鞋","解放鞋式5000V","双","双",{"v":1,"d":"1.00"},{"v":20,"d":"20.00"},{"v":20,"d":"20.00"}]
[1125,"绝缘鞋","雨鞋式20000V","双","双",{"v":1,"d":"1.00"},{"v":68,"d":"68.00"},{"v":68,"d":"68.00"}]
[1126,"安全出口",null,null,"个",{"v":1,"d":"1.00"},{"v":18,"d":"18.00"},{"v":18,"d":"18.00"}]
[1127,"安全隔离带",null,"2米","个",{"v":1,"d":"1.00"},{"v":40,"d":"40.00"},{"v":40,"d":"40.00"}]
[1128,"安全隔离带",null,"3米","个",{"v":1,"d":"1.00"},{"v":47,"d":"47.00"},{"v":47,"d":"47.00"}]
[1129,"安全隔离带",null,"5米","个",{"v":1,"d":"1.00"},{"v":80,"d":"80.00"},{"v":80,"d":"80.00"}]
[1130,"吊带",null,"3米","条",{"v":1,"d":"1.00"},{"v":28,"d":"28.00"},{"v":28,"d":"28.00"}]
[1131,"洗手盆",null,null,"个",{"v":1,"d":"1.00"},{"v":90,"d":"90.00"},{"v":90,"d":"90.00"}]
[1132,"电炉丝3000W",null,null,"根",{"v":1,"d":"1.00"},{"v":10,"d":"10.00"},{"v":10,"d":"10.00"}]
[1133,"烟管",null,"300mmX2米","根",{"v":1,"d":"1.00"},{"v":62,"d":"62.00"},{"v":62,"d":"62.00"}]
[1134,"20A60V充电器",null,null,"个",{"v":1,"d":"1.00"},{"v":50,"d":"50.00"},{"v":50,"d":"50.00"}]
[1135,"煤气管 （铝塑管）",null,null,"米",{"v":1,"d":"1.00"},{"v":9,"d":"9.00"},{"v":9,"d":"9.00"}]
[1136,"煤气接头",null,null,"个",{"v":1,"d":"1.00"},{"v":9,"d":"9.00"},{"v":9,"d":"9.00"}]
[1137,"煤气铜三通",null,null,"个",{"v":1,"d":"1.00"},{"v":32,"d":"32.00"},{"v":32,"d":"32.00"}]
[1138,"洗手液盒子",null,null,"个",{"v":1,"d":"1.00"},{"v":30,"d":"30.00"},{"v":30,"d":"30.00"}]
[1139,"免洗手消毒凝胶",null,null,"个",{"v":1,"d":"1.00"},{"v":6.6,"d":"6.60"},{"v":6.6,"d":"6.60"}]
[1140,"酒精消毒液",null,null,"瓶",{"v":1,"d":"1.00"},{"v":9,"d":"9.00"},{"v":9,"d":"9.00"}]
[1141,"84消毒液",null,"5L","桶",{"v":1,"d":"1.00"},{"v":20,"d":"20.00"},{"v":20,"d":"20.00"}]
[1142,"医用酒精",null,"5L","桶",{"v":1,"d":"1.00"},{"v":56,"d":"56.00"},{"v":56,"d":"56.00"}]
[1143,"烘手器",null,null,"个",{"v":1,"d":"1.00"},{"v":128,"d":"128.00"},{"v":128,"d":"128.00"}]
[1144,"8P热水瓶",null,null,"个",{"v":1,"d":"1.00"},{"v":38,"d":"38.00"},{"v":38,"d":"38.00"}]
[1145,"7.5L鸣音电水壶",null,null,"个",{"v":5,"d":"5.00"},{"v":65,"d":"65.00"},{"v":325,"d":"325.00"}]
[1146,"不锈钢发热管",null,"3000W","根",{"v":3,"d":"3.00"},{"v":40,"d":"40.00"},{"v":120,"d":"120.00"}]
[1147,"饮水机",null,"304内胆","台",{"v":1,"d":"1.00"},{"v":310,"d":"310.00"},{"v":310,"d":"310.00"}]
[1148,"双层电水壶",null,{"v":304,"d":"304.00"},"个",{"v":10,"d":"10.00"},{"v":75,"d":"75.00"},{"v":750,"d":"750.00"}]
[1149,"万能胶",null,null,"瓶",{"v":1,"d":"1.00"},{"v":16,"d":"16.00"},{"v":16,"d":"16.00"}]
[1150,"保温瓶",null,null,"个",{"v":5,"d":"5.00"},{"v":48,"d":"48.00"},{"v":240,"d":"240.00"}]
[1151,"扩音喇叭",null,null,"个",{"v":1,"d":"1.00"},{"v":48,"d":"48.00"},{"v":48,"d":"48.00"}]
[{"$f":"ROW()-2","v":1152},"锅铲",null,null,"把",{"v":1,"d":"1.00"},{"v":18,"d":"18.00"},{"$f":"F1154*G1154","v":{"v":18,"d":"18.00"}}]
[1153,"大勺子",null,null,"个",{"v":1,"d":"1.00"},{"v":15,"d":"15.00"},{"v":15,"d":"15.00"}]
[1154,"炒菜勺",null,null,"把",{"v":2,"d":"2.00"},{"v":15,"d":"15.00"},{"v":30,"d":"30.00"}]
[1155,"不锈钢盆",null,{"v":304,"d":"304.00"},"个",{"v":1,"d":"1.00"},{"v":28,"d":"28.00"},{"v":28,"d":"28.00"}]
[1156,"不锈钢碗",null,null,"个",{"v":1,"d":"1.00"},{"v":6,"d":"6.00"},{"v":6,"d":"6.00"}]
[1157,"不锈钢水瓢",null,null,"个",{"v":1,"d":"1.00"},{"v":35,"d":"35.00"},{"v":35,"d":"35.00"}]
[1158,"不锈钢水瓢（薄）",null,null,"个",{"v":1,"d":"1.00"},{"v":15,"d":"15.00"},{"v":15,"d":"15.00"}]
[1159,"不锈钢瓢带柄1.2米",null,null,"套",{"v":3,"d":"3.00"},{"v":20,"d":"20.00"},{"v":60,"d":"60.00"}]
[1160,"水瓢",null,null,"个",{"v":5,"d":"5.00"},{"v":4.5,"d":"4.50"},{"v":22.5,"d":"22.50"}]
[1161,"白水桶",null,null,"个",{"v":10,"d":"10.00"},{"v":79,"d":"79.00"},{"v":790,"d":"790.00"}]
[1162,"硅胶脚套",null,null,"个",{"v":1,"d":"1.00"},1.36,1.36]
[1163,"卡通儿童枕头",null,null,"个",{"v":1,"d":"1.00"},{"v":28,"d":"28.00"},{"v":28,"d":"28.00"}]
[1164,"吸水抹布",null,null,"条",{"v":1,"d":"1.00"},{"v":5.5,"d":"5.50"},{"v":5.5,"d":"5.50"}]
[1165,"快餐盒",null,"1*150","箱",{"v":1,"d":"1.00"},{"v":110,"d":"110.00"},{"v":110,"d":"110.00"}]
[1166,"垃圾袋",null,"120*140","包",{"v":1,"d":"1.00"},{"v":33,"d":"33.00"},{"v":33,"d":"33.00"}]
[1167,"塑料袋",null,"大号","扎",{"v":1,"d":"1.00"},{"v":11,"d":"11.00"},{"v":11,"d":"11.00"}]
[1168,"塑料袋",null,"中号","扎",{"v":1,"d":"1.00"},{"v":9,"d":"9.00"},{"v":9,"d":"9.00"}]
[1169,"塑料袋",null,"小号","扎",{"v":1,"d":"1.00"},{"v":7,"d":"7.00"},{"v":7,"d":"7.00"}]
[1170,"不锈钢垃圾夹子",null,null,"根",{"v":1,"d":"1.00"},{"v":14.5,"d":"14.50"},{"v":14.5,"d":"14.50"}]
[{"$f":"ROW()-2","v":1171},"剪刀",null,"大","把",{"v":10,"d":"10.00"},{"v":8,"d":"8.00"},{"$f":"F1173*G1173","v":{"v":80,"d":"80.00"}}]
[1172,"电饭煲",null,"10升","个",{"v":2,"d":"2.00"},{"v":215,"d":"215.00"},{"v":430,"d":"430.00"}]
[1173,"菜板",null,null,"块",{"v":4,"d":"4.00"},{"v":48,"d":"48.00"},{"v":192,"d":"192.00"}]
[1174,"菜刀",null,null,"把",{"v":1,"d":"1.00"},{"v":60,"d":"60.00"},{"v":60,"d":"60.00"}]
[1175,"不锈钢菜勺",null,null,"把",{"v":1,"d":"1.00"},{"v":15,"d":"15.00"},{"v":15,"d":"15.00"}]
[1176,"刨刀",null,null,"把",{"v":1,"d":"1.00"},{"v":3,"d":"3.00"},{"v":3,"d":"3.00"}]
[1177,"生铁锅  70公分",null,null,"个",{"v":1,"d":"1.00"},{"v":45,"d":"45.00"},{"v":45,"d":"45.00"}]
[1178,"锅盖",null,null,"个",{"v":1,"d":"1.00"},{"v":20,"d":"20.00"},{"v":20,"d":"20.00"}]
[1179,"搅拌杆",null,null,"根",{"v":2,"d":"2.00"},{"v":7,"d":"7.00"},{"v":14,"d":"14.00"}]
[{"$f":"ROW()-2","v":1180},"搅拌机",null,"二相","台",{"v":1,"d":"1.00"},{"v":1560,"d":"1,560.00"},{"v":1560,"d":"1,560.00"}]
[1181,"齿轮油",null,null,"桶",{"v":1,"d":"1.00"},{"v":40,"d":"40.00"},{"v":40,"d":"40.00"}]
[1182,"防静电尘推油",null,null,"桶",{"v":1,"d":"1.00"},{"v":75,"d":"75.00"},{"v":75,"d":"75.00"}]
[1183,"保温棉 2公分厚",null,null,"平方",{"v":250,"d":"250.00"},{"v":16,"d":"16.00"},{"v":4000,"d":"4,000.00"}]
[1184,"刹车管",null,null,"根",{"v":20,"d":"20.00"},{"v":9,"d":"9.00"},{"v":180,"d":"180.00"}]
[1185,"空调支架",null,null,"套",{"v":1,"d":"1.00"},{"v":28,"d":"28.00"},{"v":28,"d":"28.00"}]
[1186,"马桶吸盘",null,null,"个",{"v":1,"d":"1.00"},{"v":10,"d":"10.00"},{"v":10,"d":"10.00"}]
[1187,"打气筒",null,null,"把",{"v":1,"d":"1.00"},{"v":27,"d":"27.00"},{"v":27,"d":"27.00"}]
[1188,"吹风机",null,null,"个",{"v":1,"d":"1.00"},{"v":45,"d":"45.00"},{"v":45,"d":"45.00"}]
[1189,"电视架",null,"43寸","付",{"v":1,"d":"1.00"},{"v":38,"d":"38.00"},{"v":38,"d":"38.00"}]
[1190,"测温枪",null,null,"把",{"v":1,"d":"1.00"},{"v":55,"d":"55.00"},{"v":55,"d":"55.00"}]
[1191,"固体酒精",null,null,"箱",{"v":1,"d":"1.00"},{"v":28,"d":"28.00"},{"v":28,"d":"28.00"}]
[1192,"卡式炉喷火枪",null,null,"把",{"v":1,"d":"1.00"},{"v":16,"d":"16.00"},{"v":16,"d":"16.00"}]
[1193,"烧烤炉",null,null,"套",{"v":1,"d":"1.00"},{"v":420,"d":"420.00"},{"v":420,"d":"420.00"}]
[1194,"木炭",null,null,"箱",{"v":1,"d":"1.00"},{"v":40,"d":"40.00"},{"v":40,"d":"40.00"}]
[1195,"气体罐",null,null,"罐",{"v":1,"d":"1.00"},{"v":6.4,"d":"6.40"},{"v":6.4,"d":"6.40"}]
[1196,"拖线盘",null,"20米2*2.5电缆","套",{"v":1,"d":"1.00"},{"v":160,"d":"160.00"},{"v":160,"d":"160.00"}]
[1197,"拖线盘",null,"50米3*2.5电缆","套",{"v":1,"d":"1.00"},{"v":380,"d":"380.00"},{"v":380,"d":"380.00"}]
[1198,"自动喷香机",null,null,"个",{"v":1,"d":"1.00"},{"v":45,"d":"45.00"},{"v":45,"d":"45.00"}]
[1199,"一次性医用口罩",null,null,"个",{"v":10,"d":"10.00"},{"v":0.3,"d":"0.30"},{"v":3,"d":"3.00"}]
[1200,"一次性口罩",null,null,"个",{"v":10,"d":"10.00"},{"v":0.2,"d":"0.20"},{"v":2,"d":"2.00"}]
[1201,"不锈钢菱形网",null,null,"平方",{"v":1,"d":"1.00"},{"v":58,"d":"58.00"},{"v":58,"d":"58.00"}]
[1202,"四层货架",null,"100公斤","套",{"v":1,"d":"1.00"},{"v":248,"d":"248.00"},{"v":248,"d":"248.00"}]
[1203,"四层货架",null,"200公斤","个",{"v":1,"d":"1.00"},{"v":360,"d":"360.00"},{"v":360,"d":"360.00"}]
[1204,"五层货架",null,"1.5*0.6*2米","个",{"v":1,"d":"1.00"},{"v":385,"d":"385.00"},{"v":385,"d":"385.00"}]
[1205,"万向轮",null,"2寸","个",{"v":1,"d":"1.00"},{"v":8,"d":"8.00"},{"v":8,"d":"8.00"}]
[{"$f":"ROW()-2","v":1206},"吹尘枪",null,null,"个",{"v":1,"d":"1.00"},{"v":15,"d":"15.00"},{"$f":"F1208*G1208","v":{"v":15,"d":"15.00"}}]
[1207,"电子秤  30kg",null,null,"个",{"v":1,"d":"1.00"},{"v":140,"d":"140.00"},{"v":140,"d":"140.00"}]
[1208,"60公分 塑料桶",null,null,"个",{"v":2,"d":"2.00"},{"v":90,"d":"90.00"},{"v":180,"d":"180.00"}]
[1209,"塑料扎带",null,null,"捆",{"v":5,"d":"5.00"},{"v":63,"d":"63.00"},{"v":315,"d":"315.00"}]
[1210,"塑料薄膜",null,null,"卷",{"v":5,"d":"5.00"},{"v":10,"d":"10.00"},{"v":50,"d":"50.00"}]
[1211,"尼龙绳",null,null,"米",{"v":200,"d":"200.00"},{"v":0.6,"d":"0.60"},{"v":120,"d":"120.00"}]
[1212,"纱口罩",null,null,"个",{"v":1,"d":"1.00"},{"v":1.5,"d":"1.50"},{"v":1.5,"d":"1.50"}]
[1213,"空调水管",null,null,"小卷",{"v":1,"d":"1.00"},{"v":20,"d":"20.00"},{"v":20,"d":"20.00"}]
[{"$f":"ROW()-2","v":1214},"粘鼠板",null,null,"块",{"v":15,"d":"15.00"},{"v":2,"d":"2.00"},{"v":30,"d":"30.00"}]
[1215,"推车",null,"60X90","辆",{"v":1,"d":"1.00"},{"v":358,"d":"358.00"},{"v":358,"d":"358.00"}]
[1216,"脚踏垃圾桶",null,null,"个",{"v":10,"d":"10.00"},{"v":128,"d":"128.00"},{"v":1280,"d":"1,280.00"}]
[1217,"打孔器",null,null,"个",{"v":5,"d":"5.00"},{"v":6,"d":"6.00"},{"v":30,"d":"30.00"}]
[1218,"装订枪",null,null,"个",{"v":3,"d":"3.00"},{"v":15,"d":"15.00"},{"v":45,"d":"45.00"}]
[1219,"铜像腊",null,null,"桶",{"v":7,"d":"7.00"},{"v":260,"d":"260.00"},{"v":1820,"d":"1,820.00"}]
[1220,"石头椅子",null,"190*350*10","块",{"v":5,"d":"5.00"},{"v":420,"d":"420.00"},{"v":2100,"d":"2,100.00"}]
[1221,"防腐木条",null,null,"根",{"v":1,"d":"1.00"},{"v":27,"d":"27.00"},{"v":27,"d":"27.00"}]
[1222,"多层板",null,null,"张",{"v":1,"d":"1.00"},{"v":135,"d":"135.00"},{"v":135,"d":"135.00"}]
[1223,"铝塑板",null,null,"张",{"v":20,"d":"20.00"},{"v":105,"d":"105.00"},{"v":2100,"d":"2,100.00"}]
[1224,"生态板",null,null,"块",{"v":10,"d":"10.00"},{"v":165,"d":"165.00"},{"v":1650,"d":"1,650.00"}]
[1225,"单扣",null,null,"根",{"v":5,"d":"5.00"},{"v":3.5,"d":"3.50"},{"v":17.5,"d":"17.50"}]
[1226,"双扣",null,null,"根",{"v":5,"d":"5.00"},{"v":6,"d":"6.00"},{"v":30,"d":"30.00"}]
[1227,"护墙板",null,null,"平方",{"v":50,"d":"50.00"},{"v":46,"d":"46.00"},{"v":2300,"d":"2,300.00"}]
[1228,"钢筋",null,"φ6*480","根",{"v":500,"d":"500.00"},0.98,{"v":490,"d":"490.00"}]
[1229,"螺纹钢12*48mm",null,"12*48mm","根",{"v":500,"d":"500.00"},{"v":2.429,"d":"2.43"},{"v":1214.5,"d":"1,214.50"}]
[1230,"脚手架轮",null,null,"个",{"v":5,"d":"5.00"},{"v":57,"d":"57.00"},{"v":285,"d":"285.00"}]
[1231,"铁皮",null,"1*2米","张",{"v":1,"d":"1.00"},{"v":55,"d":"55.00"},{"v":55,"d":"55.00"}]
[1232,"防护铁网",null,null,"卷",{"v":10,"d":"10.00"},{"v":270,"d":"270.00"},{"v":2700,"d":"2,700.00"}]
[1233,"铁网钢管  2.3米",null,null,"根",{"v":3,"d":"3.00"},{"v":21,"d":"21.00"},{"v":63,"d":"63.00"}]
[1234,"围栏双开门",null,null,"扇",{"v":3,"d":"3.00"},{"v":260,"d":"260.00"},{"v":780,"d":"780.00"}]
[1235,"加厚铝压条",null,null,"根",{"v":2,"d":"2.00"},{"v":38,"d":"38.00"},{"v":76,"d":"76.00"}]
[1236,"阳光板",null,null,"块",{"v":5,"d":"5.00"},{"v":950,"d":"950.00"},{"v":4750,"d":"4,750.00"}]
[1237,"方木料",null,null,"根",{"v":1,"d":"1.00"},{"v":7,"d":"7.00"},{"v":7,"d":"7.00"}]
[1238,"盒子铁 ",null,"6x6x6cm","根",{"v":10,"d":"10.00"},{"v":145,"d":"145.00"},{"v":1450,"d":"1,450.00"}]
[1239,"盒子铁 ",null,"10x10x10cm","根",{"v":10,"d":"10.00"},{"v":318,"d":"318.00"},{"v":3180,"d":"3,180.00"}]
[1240,"角码",null,null,"个",{"v":2,"d":"2.00"},{"v":4.5,"d":"4.50"},{"v":9,"d":"9.00"}]
[1241,"钢筋",null,"φ6X48公分","根",{"v":1500,"d":"1,500.00"},0.98,{"v":1470,"d":"1,470.00"}]
[1242,"安全带",null,"3M","套",{"v":2,"d":"2.00"},{"v":25,"d":"25.00"},{"v":50,"d":"50.00"}]
[1243,"仿真草皮",null,null,"平方",{"v":5,"d":"5.00"},{"v":15,"d":"15.00"},{"v":75,"d":"75.00"}]
[{"$f":"ROW()-2","v":1244},"遮阳网",null,null,"平方",{"v":2,"d":"2.00"},{"v":1.5,"d":"1.50"},{"$f":"F1246*G1246","v":{"v":3,"d":"3.00"}}]
[1245,"地面吹干机",null,"1.1KW","台",{"v":1,"d":"1.00"},{"v":550,"d":"550.00"},{"v":550,"d":"550.00"}]
[1246,"防滑地毯",null,null,"平方",{"v":1,"d":"1.00"},{"v":33,"d":"33.00"},{"v":33,"d":"33.00"}]
[1247,"玻璃钢伸缩护栏",null,null,"套",{"v":1,"d":"1.00"},{"v":117,"d":"117.00"},{"v":117,"d":"117.00"}]
[1248,"灭火器挂架",null,null,"个",{"v":1,"d":"1.00"},{"v":5,"d":"5.00"},{"v":5,"d":"5.00"}]
[1249,"灭火器（加粉）",null,"3KG","个",{"v":1,"d":"1.00"},{"v":20,"d":"20.00"},{"v":20,"d":"20.00"}]
[1250,"灭火器（加粉）",null,"4KG ","个",{"v":1,"d":"1.00"},{"v":24,"d":"24.00"},{"v":24,"d":"24.00"}]
[1251,"灭火器（加粉）",null,"8KG ","个",{"v":1,"d":"1.00"},{"v":39,"d":"39.00"},{"v":39,"d":"39.00"}]
[1252,"灭火器（加粉）",null,"15KG ","个",{"v":1,"d":"1.00"},{"v":180,"d":"180.00"},{"v":180,"d":"180.00"}]
[1253,"干粉灭火器",null,"1kg","个",{"v":1,"d":"1.00"},{"v":28,"d":"28.00"},{"v":28,"d":"28.00"}]
[1254,"指套",null,null,"包",{"v":1,"d":"1.00"},{"v":12,"d":"12.00"},{"v":12,"d":"12.00"}]
[1255,"橡皮筋",null,null,"包",{"v":1,"d":"1.00"},{"v":5,"d":"5.00"},{"v":5,"d":"5.00"}]
[1256,"PU防撞柱",null,null,"个",{"v":1,"d":"1.00"},{"v":14,"d":"14.00"},{"v":14,"d":"14.00"}]
[1257,"钢制防火门",null,null,"扇",{"v":1,"d":"1.00"},{"v":1380,"d":"1,380.00"},{"v":1380,"d":"1,380.00"}]
[1258,"人字楼梯2米",null,"铝合金","把",{"v":1,"d":"1.00"},{"v":155,"d":"155.00"},{"v":155,"d":"155.00"}]
[1259,"人字楼梯2米",null,"铝合金加厚","把",{"v":1,"d":"1.00"},{"v":260,"d":"260.00"},{"v":260,"d":"260.00"}]
[1260,"3米铝合金人字梯",null,null,"部",{"v":1,"d":"1.00"},{"v":190,"d":"190.00"},{"v":190,"d":"190.00"}]
[1261,"3米铝合金人字梯",null,null,"部",{"v":1,"d":"1.00"},{"v":280,"d":"280.00"},{"v":280,"d":"280.00"}]
[1262,"4米铝合金人字梯",null,null,"部",{"v":1,"d":"1.00"},{"v":380,"d":"380.00"},{"v":380,"d":"380.00"}]
[1263,"3米人字木楼梯",null,null,"部",{"v":1,"d":"1.00"},{"v":235,"d":"235.00"},{"v":235,"d":"235.00"}]
[1264,"木楼梯",null,null,"部",{"v":3,"d":"3.00"},{"v":490,"d":"490.00"},{"v":1470,"d":"1,470.00"}]
[1265,"井盖框",null,"500*500*40","块",{"v":5,"d":"5.00"},{"v":26,"d":"26.00"},{"v":130,"d":"130.00"}]
[1266,"井盖",null,"500*500*40","块",{"v":5,"d":"5.00"},{"v":46,"d":"46.00"},{"v":230,"d":"230.00"}]
[1267,"井盖",null,"600*800","套",{"v":5,"d":"5.00"},{"v":295,"d":"295.00"},{"$f":"F1269*G1269","v":{"v":1475,"d":"1,475.00"}}]
[1268,"井盖",null,"700*700*40","套",{"v":10,"d":"10.00"},{"v":82,"d":"82.00"},{"v":820,"d":"820.00"}]
[1269,"井盖",null,"700*700*50","套",{"v":10,"d":"10.00"},{"v":88,"d":"88.00"},{"v":880,"d":"880.00"}]
[1270,"井盖",null,"600*600*40","套",{"v":10,"d":"10.00"},{"v":64,"d":"64.00"},{"v":640,"d":"640.00"}]
[1271,"井盖",null,"400*600*40","块",{"v":13,"d":"13.00"},{"v":46,"d":"46.00"},{"v":598,"d":"598.00"}]
[{"$f":"ROW()-2","v":1272},"沟盖板",null,"500*500*30","块",{"v":16,"d":"16.00"},{"v":32,"d":"32.00"},{"v":512,"d":"512.00"}]
[1273,"沟盖板",null,"500*500*40","块",{"v":10,"d":"10.00"},{"v":42,"d":"42.00"},{"$f":"F1275*G1275","v":{"v":420,"d":"420.00"}}]
[1274,"排水板",null,"250*300*30","块",{"v":10,"d":"10.00"},{"v":16,"d":"16.00"},{"v":160,"d":"160.00"}]
[1275,"排水板",null,"50*25","块",{"v":10,"d":"10.00"},{"v":25,"d":"25.00"},{"v":250,"d":"250.00"}]
[1276,"加厚井盖",null,"300*500*30","块",{"v":30,"d":"30.00"},{"v":30,"d":"30.00"},{"v":900,"d":"900.00"}]
[1277,"圆形井盖板",null,"70cm*5cm","块",{"v":10,"d":"10.00"},{"v":76,"d":"76.00"},{"v":760,"d":"760.00"}]
[{"$f":"ROW()-2","v":1278},"圆形井盖板",null,"70cm*4cm","块",{"v":15,"d":"15.00"},{"v":56,"d":"56.00"},{"$f":"F1280*G1280","v":{"v":840,"d":"840.00"}}]
[1279,"铸铁排水板",null,"50*25","块",{"v":20,"d":"20.00"},{"v":35,"d":"35.00"},{"v":700,"d":"700.00"}]
[1280,"铸铁排水板",null,"50*40*3","块",{"v":10,"d":"10.00"},{"v":48,"d":"48.00"},{"v":480,"d":"480.00"}]
[1281,"井盖",null,"400*600","块",{"v":10,"d":"10.00"},{"v":46,"d":"46.00"},{"v":460,"d":"460.00"}]
[1282,"井盖框",null,"400*600","块",{"v":10,"d":"10.00"},{"v":26,"d":"26.00"},{"v":260,"d":"260.00"}]
[1283,"井盖带底座",null,"42X42","块",{"v":10,"d":"10.00"},{"v":15,"d":"15.00"},{"v":150,"d":"150.00"}]
[1284,"井盖",null,"40X40","块",{"v":10,"d":"10.00"},{"v":26,"d":"26.00"},{"v":260,"d":"260.00"}]
[1285,"水泥制井盖",null,"80X80","套",{"v":1,"d":"1.00"},{"v":220,"d":"220.00"},{"$f":"F1286*G1286","v":{"v":260,"d":"260.00"}}]
[1286,"水泥制井盖",null,"70X70","块",{"v":7,"d":"7.00"},{"v":130,"d":"130.00"},{"$f":"F1288*G1288","v":{"v":910,"d":"910.00"}}]
[1287,"铸铁圆井盖",null,"600mm","套",{"v":1,"d":"1.00"},{"v":140,"d":"140.00"},{"v":140,"d":"140.00"}]
[1288,"铸铁圆井盖",null,"700mm","套",{"v":7,"d":"7.00"},{"v":185,"d":"185.00"},{"v":1295,"d":"1,295.00"}]
[1289,"铸铁圆井盖",null,"800mm","套",{"v":5,"d":"5.00"},{"v":338,"d":"338.00"},{"v":1690,"d":"1,690.00"}]
[1290,"树脂井盖",null,"70X70","块",{"v":5,"d":"5.00"},{"v":83,"d":"83.00"},{"v":415,"d":"415.00"}]
[1291,"水泥 排水板60X40",null,null,"块",{"v":10,"d":"10.00"},{"v":45,"d":"45.00"},{"v":450,"d":"450.00"}]
[null,"合计",{"$nulls":5},{"$f":"SUM(H3:H1293)","v":{"v":235405.47,"d":"235,405.47"}}]
["注：材料单价含材料税金、管理费利润规费等相关费用，工程量由文旅公司提供，结算按实结算"]